Szczegóły MARC21

Studia i Monografie /

001 -Numer kontrolny rekordu [,]
    • @
    • pole kontrolne
    • cc99226777
005 -Data i czas ostatniej zmiany [,]
    • @
    • Data ostatniej zmiany
    • 20250611190633.0
022 -Międzynarodowy Znormalizowany Numer Wydawnictwa Ciągłego - ISSN [ , ]
    • a
    • International Standard Serial Number
    • 1233-6408
035 -Inne numery kontrolne [ , ]
    • a
    • Numer kontrolny
    • (OCoLC)68749502
040 -Instytucja sporządzająca opis [ , ]
    • a
    • Instytucja, która sporządziła opis (NP)
    • KR U/MBK
    • c
    • Instytucja, która sporządziła rekord (NP)
    • KR U/MBK
    • d
    • Instytucja, która zmodyfikowała rekord (P)
    • KR U/MBKs
942 -Rodzaj dokumentu [ , ]
    • c
    • Rodzaj dokumentu
    • Wydaw. ciągłe w tym czasopisma
210 -Skrót tytułu [1, ]
    • a
    • Skrót tytułu
    • Stud. Monogr. - Uniw. Opolski
222 -Tytuł kluczowy [ ,0]
    • a
    • Tytuł kluczowy
    • Studia i Monografie - Uniwersytet Opolski
245 -Strefa tytułu i oznaczenia odpowiedzialności [0,0]
    • a
    • Tytuł
    • Studia i Monografie /
    • c
    • Pozostałe elementy strefy tytułu i oznaczenia odpowiedzialności (NP)
    • Uniwersytet Opolski.
260 -Strefa adresu wydawniczego [ , ]
    • a
    • Miejsce wydania (P)
    • Opole :
    • b
    • Nazwa wydawcy (P)
    • UO,
    • c
    • Data wydania (P)
    • 1994-.
300 -Strefa opisu fizycznego [ , ]
    • c
    • Format (NP)
    • 24 cm.
310 -Częstotliwość [ , ]
    • a
    • Częstotliwość
    • Niereg.
336 -Typ zawartości [ , ]
    • a
    • Termin opisujący typ zawartości
    • Tekst
    • b
    • Typ/rodzaj nośnika
    • txt
    • 2
    • Źródło (termin i kod)
    • rdacontent
337 -Typ mediów [ , ]
    • a
    • Tryb odtwarzania
    • Bez urządzenia pośredniczącego
    • b
    • Kod typu mediów
    • n
    • 2
    • Źródło (termin i kod)
    • rdamedia
338 -Typ/rodzaj nośnika [ , ]
    • a
    • Hasło opisujące typ nośnika
    • Wolumin
    • b
    • Kod typu nośnika
    • nc
    • 2
    • Źródło (termin i kod)
    • rdacarrier
362 -Strefa numeracji [0, ]
    • a
    • Strefa numeracji
    • Nr 216-.
610 -SUBJECT ADDED ENTRY--CORPORATE NAME [2,7]
    • a
    • Corporate name or jurisdiction name as entry element
    • Uniwersytet Opolski
710 -Hasło dodatkowe - nazwa ciała zbiorowego [2, ]
    • a
    • Nazwa ciała zbiorowego lub nazwa geograficzna jako pierwszy element (NP)
    • Uniwersytet Opolski.
780 -Tytuł poprzedni wydawnictwa [0,0]
    • t
    • Title
    • Studia i Monografie
    • g
    • Relationship information
    • nr 49-215 (1972-1994)
    • x
    • International Standard Serial Number
    • 0239-6718
    • w
    • Record control number
    • (NUKAT)cc97207989
866 -Niesformalizowane zestawienie zasobów [4,0]
    • 1
    • Numer porządkowy egz.
    • 1
    • 8
    • Numer przyłączenia i sekwencyjny
    • 0
852 -Numer inwentarzowy [ , ]
    • 1
    • Numer porządkowy egz.
    • 1
    • a
    • Lokalizacja siglum biblioteki
    • SZCZ U
952 -Egzemplarz [ , ]
    • c
    • Sygnatura
    • CEc.86
    • d
    • Lokalizacja
    • BG Dział Udostępniania Biblioteka Główna
    • i
    • Nr tomu wydaw.cg
    • Nr 300 (2001)
    • y
    • Status udostępniania
    • Tylko na miejscu
952 -Egzemplarz [ , ]
    • c
    • Sygnatura
    • Ec.41927
    • d
    • Lokalizacja
    • BE Biblioteka Ekonomiczna
    • i
    • Nr tomu wydaw.cg
    • Nr 236 (1996)
    • y
    • Status udostępniania
    • Tylko na miejscu
952 -Egzemplarz [ , ]
    • c
    • Sygnatura
    • Ec.41927
    • d
    • Lokalizacja
    • BE Biblioteka Ekonomiczna
    • i
    • Nr tomu wydaw.cg
    • Nr 241 (1997)
    • y
    • Status udostępniania
    • Tylko na miejscu
952 -Egzemplarz [ , ]
    • c
    • Sygnatura
    • Ec.41927
    • d
    • Lokalizacja
    • BE Biblioteka Ekonomiczna
    • i
    • Nr tomu wydaw.cg
    • Nr 243 (1997)
    • y
    • Status udostępniania
    • Tylko na miejscu
952 -Egzemplarz [ , ]
    • c
    • Sygnatura
    • Ec.41927
    • d
    • Lokalizacja
    • BE Biblioteka Ekonomiczna
    • i
    • Nr tomu wydaw.cg
    • Nr 244 (1997)
    • y
    • Status udostępniania
    • Tylko na miejscu
952 -Egzemplarz [ , ]
    • c
    • Sygnatura
    • Ec.41927
    • d
    • Lokalizacja
    • BE Biblioteka Ekonomiczna
    • i
    • Nr tomu wydaw.cg
    • Nr 258 (1998)
    • y
    • Status udostępniania
    • Tylko na miejscu
952 -Egzemplarz [ , ]
    • c
    • Sygnatura
    • Ec.41927
    • d
    • Lokalizacja
    • BE Biblioteka Ekonomiczna
    • i
    • Nr tomu wydaw.cg
    • Nr 274 (1999)
    • y
    • Status udostępniania
    • Tylko na miejscu
952 -Egzemplarz [ , ]
    • c
    • Sygnatura
    • Ec.41927
    • d
    • Lokalizacja
    • BE Biblioteka Ekonomiczna
    • i
    • Nr tomu wydaw.cg
    • Nr 284 (2000)
    • y
    • Status udostępniania
    • Tylko na miejscu
952 -Egzemplarz [ , ]
    • c
    • Sygnatura
    • Ec.41927
    • d
    • Lokalizacja
    • BE Biblioteka Ekonomiczna
    • i
    • Nr tomu wydaw.cg
    • Nr 285 (2000)
    • y
    • Status udostępniania
    • Tylko na miejscu
952 -Egzemplarz [ , ]
    • c
    • Sygnatura
    • Ec.41927
    • d
    • Lokalizacja
    • BE Biblioteka Ekonomiczna
    • i
    • Nr tomu wydaw.cg
    • Nr 324 (2003)
    • y
    • Status udostępniania
    • Tylko na miejscu
952 -Egzemplarz [ , ]
    • c
    • Sygnatura
    • Hc.11
    • d
    • Lokalizacja
    • BNS Biblioteka Humanistyczna i Nauk Społecznych
    • i
    • Nr tomu wydaw.cg
    • Nr 251 (1997)
    • y
    • Status udostępniania
    • Tylko na miejscu
952 -Egzemplarz [ , ]
    • c
    • Sygnatura
    • Hc.11
    • d
    • Lokalizacja
    • BNS Biblioteka Humanistyczna i Nauk Społecznych
    • i
    • Nr tomu wydaw.cg
    • Nr 252 (1998)
    • y
    • Status udostępniania
    • Tylko na miejscu
952 -Egzemplarz [ , ]
    • c
    • Sygnatura
    • Hc.11
    • d
    • Lokalizacja
    • BNS Biblioteka Humanistyczna i Nauk Społecznych
    • i
    • Nr tomu wydaw.cg
    • Nr 253 (1998)
    • y
    • Status udostępniania
    • Tylko na miejscu
952 -Egzemplarz [ , ]
    • c
    • Sygnatura
    • Hc.11
    • d
    • Lokalizacja
    • BNS Biblioteka Humanistyczna i Nauk Społecznych
    • i
    • Nr tomu wydaw.cg
    • Nr 254 (1998)
    • y
    • Status udostępniania
    • Tylko na miejscu
952 -Egzemplarz [ , ]
    • c
    • Sygnatura
    • Hc.11
    • d
    • Lokalizacja
    • BNS Biblioteka Humanistyczna i Nauk Społecznych
    • i
    • Nr tomu wydaw.cg
    • Nr 255 (1998)
    • y
    • Status udostępniania
    • Tylko na miejscu
952 -Egzemplarz [ , ]
    • c
    • Sygnatura
    • Hc.11
    • d
    • Lokalizacja
    • BNS Biblioteka Humanistyczna i Nauk Społecznych
    • i
    • Nr tomu wydaw.cg
    • Nr 256 (1998)
    • y
    • Status udostępniania
    • Tylko na miejscu
952 -Egzemplarz [ , ]
    • c
    • Sygnatura
    • Hc.11
    • d
    • Lokalizacja
    • BNS Biblioteka Humanistyczna i Nauk Społecznych
    • i
    • Nr tomu wydaw.cg
    • Nr 257 (1998)
    • y
    • Status udostępniania
    • Tylko na miejscu
952 -Egzemplarz [ , ]
    • c
    • Sygnatura
    • Hc.11
    • d
    • Lokalizacja
    • BNS Biblioteka Humanistyczna i Nauk Społecznych
    • i
    • Nr tomu wydaw.cg
    • Nr 260 (1998)
    • y
    • Status udostępniania
    • Tylko na miejscu
952 -Egzemplarz [ , ]
    • c
    • Sygnatura
    • Hc.11
    • d
    • Lokalizacja
    • BNS Biblioteka Humanistyczna i Nauk Społecznych
    • i
    • Nr tomu wydaw.cg
    • Nr 262 (1998)
    • y
    • Status udostępniania
    • Tylko na miejscu
952 -Egzemplarz [ , ]
    • c
    • Sygnatura
    • Hc.11
    • d
    • Lokalizacja
    • BNS Biblioteka Humanistyczna i Nauk Społecznych
    • i
    • Nr tomu wydaw.cg
    • Nr 269 (1999)
    • y
    • Status udostępniania
    • Tylko na miejscu
952 -Egzemplarz [ , ]
    • c
    • Sygnatura
    • Hc.11
    • d
    • Lokalizacja
    • BNS Biblioteka Humanistyczna i Nauk Społecznych
    • i
    • Nr tomu wydaw.cg
    • Nr 277 (1999)
    • y
    • Status udostępniania
    • Tylko na miejscu
952 -Egzemplarz [ , ]
    • c
    • Sygnatura
    • Hc.11
    • d
    • Lokalizacja
    • BNS Biblioteka Humanistyczna i Nauk Społecznych
    • i
    • Nr tomu wydaw.cg
    • Nr 309 (2002)
    • y
    • Status udostępniania
    • Tylko na miejscu
952 -Egzemplarz [ , ]
    • c
    • Sygnatura
    • Hc.11
    • d
    • Lokalizacja
    • BNS Biblioteka Humanistyczna i Nauk Społecznych
    • i
    • Nr tomu wydaw.cg
    • Nr 322 (2002)
    • y
    • Status udostępniania
    • Tylko na miejscu
952 -Egzemplarz [ , ]
    • c
    • Sygnatura
    • Nc.1880
    • d
    • Lokalizacja
    • BG Dział Udostępniania Biblioteka Główna
    • i
    • Nr tomu wydaw.cg
    • Nr 259 (1998)
    • y
    • Status udostępniania
    • Tylko na miejscu
952 -Egzemplarz [ , ]
    • c
    • Sygnatura
    • Nc.1880
    • d
    • Lokalizacja
    • BG Dział Udostępniania Biblioteka Główna
    • i
    • Nr tomu wydaw.cg
    • Nr 266 (1998)
    • y
    • Status udostępniania
    • Tylko na miejscu
952 -Egzemplarz [ , ]
    • c
    • Sygnatura
    • Nc.1880
    • d
    • Lokalizacja
    • BG Dział Udostępniania Biblioteka Główna
    • i
    • Nr tomu wydaw.cg
    • Nr 288 (2001)
    • y
    • Status udostępniania
    • Tylko na miejscu
952 -Egzemplarz [ , ]
    • c
    • Sygnatura
    • Nc.1880
    • d
    • Lokalizacja
    • BG Dział Udostępniania Biblioteka Główna
    • i
    • Nr tomu wydaw.cg
    • Nr 353 (2005)
    • y
    • Status udostępniania
    • Tylko na miejscu
952 -Egzemplarz [ , ]
    • c
    • Sygnatura
    • Nc.1880
    • d
    • Lokalizacja
    • BG Dział Udostępniania Biblioteka Główna
    • i
    • Nr tomu wydaw.cg
    • Nr 357 (2005)
    • y
    • Status udostępniania
    • Tylko na miejscu
952 -Egzemplarz [ , ]
    • c
    • Sygnatura
    • Pc.14
    • d
    • Lokalizacja
    • BM Biblioteka Międzywydziałowa
    • i
    • Nr tomu wydaw.cg
    • Nr 248 (1998)
    • y
    • Status udostępniania
    • Tylko na miejscu
952 -Egzemplarz [ , ]
    • c
    • Sygnatura
    • Pc.14
    • d
    • Lokalizacja
    • BM Biblioteka Międzywydziałowa
    • i
    • Nr tomu wydaw.cg
    • Nr 265 (1999)
    • y
    • Status udostępniania
    • Tylko na miejscu
952 -Egzemplarz [ , ]
    • c
    • Sygnatura
    • Pc.14
    • d
    • Lokalizacja
    • BM Biblioteka Międzywydziałowa
    • i
    • Nr tomu wydaw.cg
    • Nr 270 (1999)
    • y
    • Status udostępniania
    • Tylko na miejscu
952 -Egzemplarz [ , ]
    • c
    • Sygnatura
    • Pc.14
    • d
    • Lokalizacja
    • BM Biblioteka Międzywydziałowa
    • i
    • Nr tomu wydaw.cg
    • Nr 271 (1999)
    • y
    • Status udostępniania
    • Tylko na miejscu
952 -Egzemplarz [ , ]
    • c
    • Sygnatura
    • Pc.14
    • d
    • Lokalizacja
    • BM Biblioteka Międzywydziałowa
    • i
    • Nr tomu wydaw.cg
    • Nr 273 (1999)
    • y
    • Status udostępniania
    • Tylko na miejscu
952 -Egzemplarz [ , ]
    • c
    • Sygnatura
    • Pc.14
    • d
    • Lokalizacja
    • BM Biblioteka Międzywydziałowa
    • i
    • Nr tomu wydaw.cg
    • Nr 278 (2000)
    • y
    • Status udostępniania
    • Tylko na miejscu
952 -Egzemplarz [ , ]
    • c
    • Sygnatura
    • Pc.14
    • d
    • Lokalizacja
    • BM Biblioteka Międzywydziałowa
    • i
    • Nr tomu wydaw.cg
    • Nr 280 (2000)
    • y
    • Status udostępniania
    • Tylko na miejscu
952 -Egzemplarz [ , ]
    • c
    • Sygnatura
    • Pc.14
    • d
    • Lokalizacja
    • BM Biblioteka Międzywydziałowa
    • i
    • Nr tomu wydaw.cg
    • Nr 281 (2000)
    • y
    • Status udostępniania
    • Tylko na miejscu
952 -Egzemplarz [ , ]
    • c
    • Sygnatura
    • Pc.14
    • d
    • Lokalizacja
    • BM Biblioteka Międzywydziałowa
    • i
    • Nr tomu wydaw.cg
    • Nr 282 (2000)
    • y
    • Status udostępniania
    • Tylko na miejscu
952 -Egzemplarz [ , ]
    • c
    • Sygnatura
    • Pc.14
    • d
    • Lokalizacja
    • BM Biblioteka Międzywydziałowa
    • i
    • Nr tomu wydaw.cg
    • Nr 286 (2000)
    • y
    • Status udostępniania
    • Tylko na miejscu
952 -Egzemplarz [ , ]
    • c
    • Sygnatura
    • Pc.14
    • d
    • Lokalizacja
    • BM Biblioteka Międzywydziałowa
    • i
    • Nr tomu wydaw.cg
    • Nr 289 (2000)
    • y
    • Status udostępniania
    • Tylko na miejscu
952 -Egzemplarz [ , ]
    • c
    • Sygnatura
    • Pc.14
    • d
    • Lokalizacja
    • BM Biblioteka Międzywydziałowa
    • i
    • Nr tomu wydaw.cg
    • Nr 294 (2003)
    • y
    • Status udostępniania
    • Tylko na miejscu
952 -Egzemplarz [ , ]
    • c
    • Sygnatura
    • Pc.14
    • d
    • Lokalizacja
    • BM Biblioteka Międzywydziałowa
    • i
    • Nr tomu wydaw.cg
    • Nr 296 (2001)
    • y
    • Status udostępniania
    • Tylko na miejscu
952 -Egzemplarz [ , ]
    • c
    • Sygnatura
    • Pc.14
    • d
    • Lokalizacja
    • BM Biblioteka Międzywydziałowa
    • i
    • Nr tomu wydaw.cg
    • Nr 303 (2001)
    • y
    • Status udostępniania
    • Tylko na miejscu
952 -Egzemplarz [ , ]
    • c
    • Sygnatura
    • Pc.14
    • d
    • Lokalizacja
    • BM Biblioteka Międzywydziałowa
    • i
    • Nr tomu wydaw.cg
    • Nr 304 (2001)
    • y
    • Status udostępniania
    • Tylko na miejscu
952 -Egzemplarz [ , ]
    • c
    • Sygnatura
    • Pc.14
    • d
    • Lokalizacja
    • BM Biblioteka Międzywydziałowa
    • i
    • Nr tomu wydaw.cg
    • Nr 307 (2002)
    • y
    • Status udostępniania
    • Tylko na miejscu
952 -Egzemplarz [ , ]
    • c
    • Sygnatura
    • Pc.14
    • d
    • Lokalizacja
    • BM Biblioteka Międzywydziałowa
    • i
    • Nr tomu wydaw.cg
    • Nr 320 (2002)
    • y
    • Status udostępniania
    • Tylko na miejscu
952 -Egzemplarz [ , ]
    • c
    • Sygnatura
    • S.78691
    • d
    • Lokalizacja
    • BE Biblioteka Ekonomiczna
    • i
    • Nr tomu wydaw.cg
    • Nr 243 (1997)
    • y
    • Status udostępniania
    • Tylko na miejscu
952 -Egzemplarz [ , ]
    • c
    • Sygnatura
    • S.78691
    • d
    • Lokalizacja
    • BE Biblioteka Ekonomiczna
    • i
    • Nr tomu wydaw.cg
    • Nr 243 (1997)
    • y
    • Status udostępniania
    • Tylko na miejscu
952 -Egzemplarz [ , ]
    • c
    • Sygnatura
    • S.78691
    • d
    • Lokalizacja
    • BE Biblioteka Ekonomiczna
    • i
    • Nr tomu wydaw.cg
    • Nr 258 (1998)
    • y
    • Status udostępniania
    • Tylko na miejscu
952 -Egzemplarz [ , ]
    • c
    • Sygnatura
    • S.78691
    • d
    • Lokalizacja
    • BE Biblioteka Ekonomiczna
    • i
    • Nr tomu wydaw.cg
    • Nr 274 (1999)
    • y
    • Status udostępniania
    • Tylko na miejscu
952 -Egzemplarz [ , ]
    • c
    • Sygnatura
    • S.78691
    • d
    • Lokalizacja
    • BE Biblioteka Ekonomiczna
    • i
    • Nr tomu wydaw.cg
    • Nr 274 (1999)
    • y
    • Status udostępniania
    • Tylko na miejscu
952 -Egzemplarz [ , ]
    • c
    • Sygnatura
    • S.78691
    • d
    • Lokalizacja
    • BE Biblioteka Ekonomiczna
    • i
    • Nr tomu wydaw.cg
    • Nr 274 (1999)
    • y
    • Status udostępniania
    • Tylko na miejscu
952 -Egzemplarz [ , ]
    • c
    • Sygnatura
    • S.78691
    • d
    • Lokalizacja
    • BE Biblioteka Ekonomiczna
    • i
    • Nr tomu wydaw.cg
    • Nr 274 (1999)
    • y
    • Status udostępniania
    • Tylko na miejscu
952 -Egzemplarz [ , ]
    • c
    • Sygnatura
    • S.78691
    • d
    • Lokalizacja
    • BE Biblioteka Ekonomiczna
    • i
    • Nr tomu wydaw.cg
    • Nr 284 (2000)
    • y
    • Status udostępniania
    • Tylko na miejscu
952 -Egzemplarz [ , ]
    • c
    • Sygnatura
    • S.78691
    • d
    • Lokalizacja
    • BE Biblioteka Ekonomiczna
    • i
    • Nr tomu wydaw.cg
    • Nr 285 (2000)
    • y
    • Status udostępniania
    • Tylko na miejscu
952 -Egzemplarz [ , ]
    • c
    • Sygnatura
    • S.78691
    • d
    • Lokalizacja
    • BE Biblioteka Ekonomiczna
    • i
    • Nr tomu wydaw.cg
    • Nr 290 (2001)
    • y
    • Status udostępniania
    • Tylko na miejscu
952 -Egzemplarz [ , ]
    • c
    • Sygnatura
    • S.78691
    • d
    • Lokalizacja
    • BE Biblioteka Ekonomiczna
    • i
    • Nr tomu wydaw.cg
    • Nr 292 (2001)
    • y
    • Status udostępniania
    • Tylko na miejscu
952 -Egzemplarz [ , ]
    • c
    • Sygnatura
    • S.78691
    • d
    • Lokalizacja
    • BE Biblioteka Ekonomiczna
    • i
    • Nr tomu wydaw.cg
    • Nr 295 (2001)
    • y
    • Status udostępniania
    • Tylko na miejscu
952 -Egzemplarz [ , ]
    • c
    • Sygnatura
    • S.78691
    • d
    • Lokalizacja
    • BE Biblioteka Ekonomiczna
    • i
    • Nr tomu wydaw.cg
    • Nr 298 (2001)
    • y
    • Status udostępniania
    • Tylko na miejscu
952 -Egzemplarz [ , ]
    • c
    • Sygnatura
    • S.78691
    • d
    • Lokalizacja
    • BE Biblioteka Ekonomiczna
    • i
    • Nr tomu wydaw.cg
    • Nr 300 (2001)
    • y
    • Status udostępniania
    • Tylko na miejscu
952 -Egzemplarz [ , ]
    • c
    • Sygnatura
    • S.78691
    • d
    • Lokalizacja
    • BE Biblioteka Ekonomiczna
    • i
    • Nr tomu wydaw.cg
    • Nr 301 (2001)
    • y
    • Status udostępniania
    • Tylko na miejscu
952 -Egzemplarz [ , ]
    • c
    • Sygnatura
    • S.78691
    • d
    • Lokalizacja
    • BE Biblioteka Ekonomiczna
    • i
    • Nr tomu wydaw.cg
    • Nr 305 (2001)
    • y
    • Status udostępniania
    • Tylko na miejscu
952 -Egzemplarz [ , ]
    • c
    • Sygnatura
    • S.78691
    • d
    • Lokalizacja
    • BE Biblioteka Ekonomiczna
    • i
    • Nr tomu wydaw.cg
    • Nr 306 (2001)
    • y
    • Status udostępniania
    • Tylko na miejscu
952 -Egzemplarz [ , ]
    • c
    • Sygnatura
    • S.78691
    • d
    • Lokalizacja
    • BE Biblioteka Ekonomiczna
    • i
    • Nr tomu wydaw.cg
    • Nr 308 (2001)
    • y
    • Status udostępniania
    • Tylko na miejscu
952 -Egzemplarz [ , ]
    • c
    • Sygnatura
    • S.78691
    • d
    • Lokalizacja
    • BE Biblioteka Ekonomiczna
    • i
    • Nr tomu wydaw.cg
    • Nr 316 (2002)
    • y
    • Status udostępniania
    • Tylko na miejscu
952 -Egzemplarz [ , ]
    • c
    • Sygnatura
    • Tc.886
    • d
    • Lokalizacja
    • T Biblioteka Kampusowa Cukrowa EFZ
    • i
    • Nr tomu wydaw.cg
    • Nr 274 (1999)
    • y
    • Status udostępniania
    • Tylko na miejscu
952 -Egzemplarz [ , ]
    • c
    • Sygnatura
    • Tc.886
    • d
    • Lokalizacja
    • T Biblioteka Kampusowa Cukrowa EFZ
    • i
    • Nr tomu wydaw.cg
    • Nr 274 (1999)
    • y
    • Status udostępniania
    • Tylko na miejscu
952 -Egzemplarz [ , ]
    • c
    • Sygnatura
    • Tc.886
    • d
    • Lokalizacja
    • T Biblioteka Kampusowa Cukrowa EFZ
    • i
    • Nr tomu wydaw.cg
    • Nr 274 (1999)
    • y
    • Status udostępniania
    • Tylko na miejscu
952 -Egzemplarz [ , ]
    • c
    • Sygnatura
    • Tc.886
    • d
    • Lokalizacja
    • T Biblioteka Kampusowa Cukrowa EFZ
    • i
    • Nr tomu wydaw.cg
    • Nr 274 (1999)
    • y
    • Status udostępniania
    • Tylko na miejscu
952 -Egzemplarz [ , ]
    • c
    • Sygnatura
    • Tc.886
    • d
    • Lokalizacja
    • T Biblioteka Kampusowa Cukrowa EFZ
    • i
    • Nr tomu wydaw.cg
    • Nr 274 (1999)
    • y
    • Status udostępniania
    • Tylko na miejscu
952 -Egzemplarz [ , ]
    • c
    • Sygnatura
    • Tc.886
    • d
    • Lokalizacja
    • T Biblioteka Kampusowa Cukrowa EFZ
    • i
    • Nr tomu wydaw.cg
    • Nr 274 (1999)
    • y
    • Status udostępniania
    • Tylko na miejscu
952 -Egzemplarz [ , ]
    • c
    • Sygnatura
    • Tc.886
    • d
    • Lokalizacja
    • T Biblioteka Kampusowa Cukrowa EFZ
    • i
    • Nr tomu wydaw.cg
    • Nr 274 (1999)
    • y
    • Status udostępniania
    • Tylko na miejscu
952 -Egzemplarz [ , ]
    • c
    • Sygnatura
    • Tc.886
    • d
    • Lokalizacja
    • T Biblioteka Kampusowa Cukrowa EFZ
    • i
    • Nr tomu wydaw.cg
    • Nr 274 (1999)
    • y
    • Status udostępniania
    • Tylko na miejscu
952 -Egzemplarz [ , ]
    • c
    • Sygnatura
    • Tc.886
    • d
    • Lokalizacja
    • T Biblioteka Kampusowa Cukrowa EFZ
    • i
    • Nr tomu wydaw.cg
    • Nr 274 (1999)
    • y
    • Status udostępniania
    • Tylko na miejscu
952 -Egzemplarz [ , ]
    • c
    • Sygnatura
    • Tc.886
    • d
    • Lokalizacja
    • T Biblioteka Kampusowa Cukrowa EFZ
    • i
    • Nr tomu wydaw.cg
    • Nr 274 (1999)
    • y
    • Status udostępniania
    • Tylko na miejscu
952 -Egzemplarz [ , ]
    • c
    • Sygnatura
    • Tc.886
    • d
    • Lokalizacja
    • T Biblioteka Kampusowa Cukrowa EFZ
    • i
    • Nr tomu wydaw.cg
    • Nr 274 (1999)
    • y
    • Status udostępniania
    • Tylko na miejscu
952 -Egzemplarz [ , ]
    • c
    • Sygnatura
    • Tc.886
    • d
    • Lokalizacja
    • T Biblioteka Kampusowa Cukrowa EFZ
    • i
    • Nr tomu wydaw.cg
    • Nr 274 (1999)
    • y
    • Status udostępniania
    • Tylko na miejscu
952 -Egzemplarz [ , ]
    • c
    • Sygnatura
    • Tc.886
    • d
    • Lokalizacja
    • T Biblioteka Kampusowa Cukrowa EFZ
    • i
    • Nr tomu wydaw.cg
    • Nr 274 (1999)
    • y
    • Status udostępniania
    • Tylko na miejscu
952 -Egzemplarz [ , ]
    • c
    • Sygnatura
    • Tc.886
    • d
    • Lokalizacja
    • T Biblioteka Kampusowa Cukrowa EFZ
    • i
    • Nr tomu wydaw.cg
    • Nr 274 (1999)
    • y
    • Status udostępniania
    • Tylko na miejscu
952 -Egzemplarz [ , ]
    • c
    • Sygnatura
    • Tc.886
    • d
    • Lokalizacja
    • T Biblioteka Kampusowa Cukrowa EFZ
    • i
    • Nr tomu wydaw.cg
    • Nr 274 (1999)
    • y
    • Status udostępniania
    • Tylko na miejscu
952 -Egzemplarz [ , ]
    • c
    • Sygnatura
    • Tc.886
    • d
    • Lokalizacja
    • T Biblioteka Kampusowa Cukrowa EFZ
    • i
    • Nr tomu wydaw.cg
    • Nr 274 (1999)
    • y
    • Status udostępniania
    • Tylko na miejscu
952 -Egzemplarz [ , ]
    • c
    • Sygnatura
    • Tc.886
    • d
    • Lokalizacja
    • T Biblioteka Kampusowa Cukrowa EFZ
    • i
    • Nr tomu wydaw.cg
    • Nr 274 (1999)
    • y
    • Status udostępniania
    • Tylko na miejscu
952 -Egzemplarz [ , ]
    • c
    • Sygnatura
    • Tc.886
    • d
    • Lokalizacja
    • T Biblioteka Kampusowa Cukrowa EFZ
    • i
    • Nr tomu wydaw.cg
    • Nr 274 (1999)
    • y
    • Status udostępniania
    • Tylko na miejscu
952 -Egzemplarz [ , ]
    • c
    • Sygnatura
    • Tc.886
    • d
    • Lokalizacja
    • T Biblioteka Kampusowa Cukrowa EFZ
    • i
    • Nr tomu wydaw.cg
    • Nr 274 (1999)
    • y
    • Status udostępniania
    • Tylko na miejscu
952 -Egzemplarz [ , ]
    • c
    • Sygnatura
    • Tc.886
    • d
    • Lokalizacja
    • T Biblioteka Kampusowa Cukrowa EFZ
    • i
    • Nr tomu wydaw.cg
    • Nr 274 (1999)
    • y
    • Status udostępniania
    • Tylko na miejscu
952 -Egzemplarz [ , ]
    • c
    • Sygnatura
    • Tc.886
    • d
    • Lokalizacja
    • T Biblioteka Kampusowa Cukrowa EFZ
    • i
    • Nr tomu wydaw.cg
    • Nr 274 (1999)
    • y
    • Status udostępniania
    • Tylko na miejscu
952 -Egzemplarz [ , ]
    • c
    • Sygnatura
    • Tc.886
    • d
    • Lokalizacja
    • T Biblioteka Kampusowa Cukrowa EFZ
    • i
    • Nr tomu wydaw.cg
    • Nr 274 (1999)
    • y
    • Status udostępniania
    • Tylko na miejscu
952 -Egzemplarz [ , ]
    • c
    • Sygnatura
    • Pc.14
    • d
    • Lokalizacja
    • BM Biblioteka Międzywydziałowa
    • i
    • Nr tomu wydaw.cg
    • Nr 257 (1998)
    • y
    • Status udostępniania
    • Tylko na miejscu
952 -Egzemplarz [ , ]
    • c
    • Sygnatura
    • Pc.14
    • d
    • Lokalizacja
    • BM Biblioteka Międzywydziałowa
    • i
    • Nr tomu wydaw.cg
    • Nr 232 (1995)
    • y
    • Status udostępniania
    • Tylko na miejscu
952 -Egzemplarz [ , ]
    • c
    • Sygnatura
    • Ec.41927
    • d
    • Lokalizacja
    • BE Biblioteka Ekonomiczna
    • i
    • Nr tomu wydaw.cg
    • Nr 264 (2003)
    • y
    • Status udostępniania
    • Tylko na miejscu
952 -Egzemplarz [ , ]
    • c
    • Sygnatura
    • Ec.41927
    • d
    • Lokalizacja
    • BE Biblioteka Ekonomiczna
    • i
    • Nr tomu wydaw.cg
    • Nr 387 (2007)
    • y
    • Status udostępniania
    • Tylko na miejscu
952 -Egzemplarz [ , ]
    • a
    • Numer inwentarzowy
    • S.78691
    • c
    • Sygnatura
    • S.78691
    • d
    • Lokalizacja
    • BE Biblioteka Ekonomiczna
    • e
    • Akcesja
    • 95w184/9
    • g
    • Ubytek
    • 98/2021 - 2021-03-12
    • i
    • Nr tomu wydaw.cg
    • Nr 221
    • n
    • Powiązanie z serią
    • 206
    • p
    • Kod kreskowy
    • 2001100786915
    • r
    • Cena
    • 6.50
    • w
    • Data inwentaryzacji
    • 2003-07-25
    • y
    • Status udostępniania
    • Zaginiona
    • z
    • Sposób nabycia
    • wymiana zwarte
952 -Egzemplarz [ , ]
    • a
    • Numer inwentarzowy
    • S.78692
    • c
    • Sygnatura
    • S.78691
    • d
    • Lokalizacja
    • BE Biblioteka Ekonomiczna
    • e
    • Akcesja
    • 95w184/6
    • i
    • Nr tomu wydaw.cg
    • Nr 222 (1995)
    • n
    • Powiązanie z serią
    • 207
    • p
    • Kod kreskowy
    • 2001100786922
    • r
    • Cena
    • 10.0
    • w
    • Data inwentaryzacji
    • 2003-07-25
    • y
    • Status udostępniania
    • miesięczne
    • z
    • Sposób nabycia
    • wymiana zwarte
952 -Egzemplarz [ , ]
    • a
    • Numer inwentarzowy
    • Cg.32225
    • c
    • Sygnatura
    • Cg.65 (p.202)
    • d
    • Lokalizacja
    • BG Dział Udostępniania Biblioteka Główna
    • e
    • Akcesja
    • 05w205/2
    • i
    • Nr tomu wydaw.cg
    • Nr 347 (2004)
    • n
    • Powiązanie z serią
    • 98
    • p
    • Kod kreskowy
    • 2003000322255
    • r
    • Cena
    • 21.0
    • w
    • Data inwentaryzacji
    • 2006-07-05
    • y
    • Status udostępniania
    • Tylko na miejscu
    • z
    • Sposób nabycia
    • wymiana zwarte
952 -Egzemplarz [ , ]
    • a
    • Numer inwentarzowy
    • Cg.32226
    • c
    • Sygnatura
    • Cg.65 (p.202)
    • d
    • Lokalizacja
    • BG Dział Udostępniania Biblioteka Główna
    • e
    • Akcesja
    • 05w205/3
    • i
    • Nr tomu wydaw.cg
    • Nr 343 (2005)
    • n
    • Powiązanie z serią
    • 95
    • p
    • Kod kreskowy
    • 2003000322262
    • r
    • Cena
    • 22.0
    • w
    • Data inwentaryzacji
    • 2006-07-05
    • y
    • Status udostępniania
    • Tylko na miejscu
    • z
    • Sposób nabycia
    • wymiana zwarte
952 -Egzemplarz [ , ]
    • a
    • Numer inwentarzowy
    • Cg.32227
    • c
    • Sygnatura
    • Cg.65 (p.202)
    • d
    • Lokalizacja
    • BG Dział Udostępniania Biblioteka Główna
    • e
    • Akcesja
    • 05w205/5
    • i
    • Nr tomu wydaw.cg
    • Nr 350 (2004)
    • n
    • Powiązanie z serią
    • 101
    • p
    • Kod kreskowy
    • 2003000322279
    • r
    • Cena
    • 18.0
    • w
    • Data inwentaryzacji
    • 2006-07-05
    • y
    • Status udostępniania
    • Tylko na miejscu
    • z
    • Sposób nabycia
    • wymiana zwarte
952 -Egzemplarz [ , ]
    • a
    • Numer inwentarzowy
    • Cg.32228
    • c
    • Sygnatura
    • Cg.65 (p.202)
    • d
    • Lokalizacja
    • BG Dział Udostępniania Biblioteka Główna
    • e
    • Akcesja
    • 05w205/6
    • i
    • Nr tomu wydaw.cg
    • Nr 349 (2004)
    • p
    • Kod kreskowy
    • 2003000322286
    • r
    • Cena
    • 20.0
    • w
    • Data inwentaryzacji
    • 2006-07-05
    • y
    • Status udostępniania
    • Tylko na miejscu
952 -Egzemplarz [ , ]
    • a
    • Numer inwentarzowy
    • Cg.32229
    • c
    • Sygnatura
    • Cg.65 (p.202)
    • d
    • Lokalizacja
    • BG Dział Udostępniania Biblioteka Główna
    • e
    • Akcesja
    • 05w205/8
    • i
    • Nr tomu wydaw.cg
    • Nr 341 (2004)
    • n
    • Powiązanie z serią
    • 93
    • p
    • Kod kreskowy
    • 2003000322293
    • r
    • Cena
    • 23.0
    • w
    • Data inwentaryzacji
    • 2006-07-05
    • y
    • Status udostępniania
    • Tylko na miejscu
    • z
    • Sposób nabycia
    • wymiana zwarte
952 -Egzemplarz [ , ]
    • a
    • Numer inwentarzowy
    • Cg.32218
    • c
    • Sygnatura
    • Cg.65 (p.202)
    • d
    • Lokalizacja
    • BG Dział Udostępniania Biblioteka Główna
    • e
    • Akcesja
    • 05w152/17
    • i
    • Nr tomu wydaw.cg
    • Nr 331 (2003)
    • n
    • Powiązanie z serią
    • 89
    • p
    • Kod kreskowy
    • 2003000322187
    • r
    • Cena
    • 23.0
    • w
    • Data inwentaryzacji
    • 2006-06-27
    • y
    • Status udostępniania
    • Tylko na miejscu
    • z
    • Sposób nabycia
    • wymiana zwarte
952 -Egzemplarz [ , ]
    • a
    • Numer inwentarzowy
    • Cg.32217
    • c
    • Sygnatura
    • Cg.65 (p.202)
    • d
    • Lokalizacja
    • BG Dział Udostępniania Biblioteka Główna
    • e
    • Akcesja
    • 05w152/16
    • i
    • Nr tomu wydaw.cg
    • Nr 340 (2004)
    • n
    • Powiązanie z serią
    • 92
    • p
    • Kod kreskowy
    • 2003000322170
    • r
    • Cena
    • 24.0
    • w
    • Data inwentaryzacji
    • 2006-06-27
    • y
    • Status udostępniania
    • Tylko na miejscu
    • z
    • Sposób nabycia
    • wymiana zwarte
952 -Egzemplarz [ , ]
    • a
    • Numer inwentarzowy
    • Cg.32156
    • c
    • Sygnatura
    • Cg.65 (p.202)
    • d
    • Lokalizacja
    • BG Dział Udostępniania Biblioteka Główna
    • e
    • Akcesja
    • 06w77/5
    • i
    • Nr tomu wydaw.cg
    • Nr 361 (2005)
    • n
    • Powiązanie z serią
    • 103
    • p
    • Kod kreskowy
    • 2003000321562
    • r
    • Cena
    • 20.0
    • w
    • Data inwentaryzacji
    • 2006-05-09
    • y
    • Status udostępniania
    • Tylko na miejscu
    • z
    • Sposób nabycia
    • wymiana zwarte
952 -Egzemplarz [ , ]
    • a
    • Numer inwentarzowy
    • Cg.32155
    • c
    • Sygnatura
    • Cg.65 (p.202)
    • d
    • Lokalizacja
    • BG Dział Udostępniania Biblioteka Główna
    • e
    • Akcesja
    • 06w77/2
    • i
    • Nr tomu wydaw.cg
    • Nr 355 (2005)
    • n
    • Powiązanie z serią
    • 104
    • p
    • Kod kreskowy
    • 2003000321555
    • r
    • Cena
    • 23.0
    • w
    • Data inwentaryzacji
    • 2006-05-09
    • y
    • Status udostępniania
    • Tylko na miejscu
    • z
    • Sposób nabycia
    • wymiana zwarte
952 -Egzemplarz [ , ]
    • a
    • Numer inwentarzowy
    • Cg.31532
    • c
    • Sygnatura
    • Cg.65 (p.202)
    • d
    • Lokalizacja
    • BG Dział Udostępniania Biblioteka Główna
    • e
    • Akcesja
    • 05k170/33
    • i
    • Nr tomu wydaw.cg
    • Nr 345 (2004)
    • n
    • Powiązanie z serią
    • 97
    • p
    • Kod kreskowy
    • 2003000315325
    • r
    • Cena
    • 30.6
    • w
    • Data inwentaryzacji
    • 2005-09-05
    • y
    • Status udostępniania
    • Tylko na miejscu
    • z
    • Sposób nabycia
    • kupno zwarte
952 -Egzemplarz [ , ]
    • a
    • Numer inwentarzowy
    • Cg.32214
    • c
    • Sygnatura
    • Cg.65 (p.202)
    • d
    • Lokalizacja
    • BG Dział Udostępniania Biblioteka Główna
    • e
    • Akcesja
    • 05w152/3
    • i
    • Nr tomu wydaw.cg
    • Nr 344 (2004)
    • n
    • Powiązanie z serią
    • 96
    • p
    • Kod kreskowy
    • 2003000322149
    • r
    • Cena
    • 21.0
    • w
    • Data inwentaryzacji
    • 2006-06-27
    • y
    • Status udostępniania
    • Tylko na miejscu
    • z
    • Sposób nabycia
    • wymiana zwarte
952 -Egzemplarz [ , ]
    • a
    • Numer inwentarzowy
    • Cg.31793
    • c
    • Sygnatura
    • Cg.65 (p.202)
    • d
    • Lokalizacja
    • BG Dział Udostępniania Biblioteka Główna
    • e
    • Akcesja
    • 05w252/1
    • i
    • Nr tomu wydaw.cg
    • Nr 351 (2005)
    • n
    • Powiązanie z serią
    • 102
    • p
    • Kod kreskowy
    • 2003000317930
    • r
    • Cena
    • 23.0
    • w
    • Data inwentaryzacji
    • 2005-11-18
    • y
    • Status udostępniania
    • Tylko na miejscu
    • z
    • Sposób nabycia
    • wymiana zwarte
952 -Egzemplarz [ , ]
    • a
    • Numer inwentarzowy
    • Cg.31568
    • c
    • Sygnatura
    • Cg.65 (p.202)
    • d
    • Lokalizacja
    • BG Dział Udostępniania Biblioteka Główna
    • e
    • Akcesja
    • 04w343/6
    • i
    • Nr tomu wydaw.cg
    • Nr 327 (2003)
    • n
    • Powiązanie z serią
    • 88
    • p
    • Kod kreskowy
    • 2003000315684
    • r
    • Cena
    • 21.0
    • w
    • Data inwentaryzacji
    • 2005-09-19
    • y
    • Status udostępniania
    • Tylko na miejscu
    • z
    • Sposób nabycia
    • wymiana zwarte
952 -Egzemplarz [ , ]
    • a
    • Numer inwentarzowy
    • Cg.31566
    • c
    • Sygnatura
    • Cg.65 (p.202)
    • d
    • Lokalizacja
    • BG Dział Udostępniania Biblioteka Główna
    • e
    • Akcesja
    • 04w343/9
    • i
    • Nr tomu wydaw.cg
    • Nr 315 (2003)
    • n
    • Powiązanie z serią
    • 78
    • p
    • Kod kreskowy
    • 2003000315660
    • r
    • Cena
    • 22.0
    • w
    • Data inwentaryzacji
    • 2005-09-19
    • y
    • Status udostępniania
    • Tylko na miejscu
    • z
    • Sposób nabycia
    • wymiana zwarte
952 -Egzemplarz [ , ]
    • a
    • Numer inwentarzowy
    • Cg.31516
    • c
    • Sygnatura
    • Cg.65 (p.202)
    • d
    • Lokalizacja
    • BG Dział Udostępniania Biblioteka Główna
    • e
    • Akcesja
    • 05k84/34
    • i
    • Nr tomu wydaw.cg
    • Nr 338 (2004)
    • n
    • Powiązanie z serią
    • 91
    • p
    • Kod kreskowy
    • 2003000315165
    • r
    • Cena
    • 23.0
    • w
    • Data inwentaryzacji
    • 2005-08-30
    • y
    • Status udostępniania
    • Tylko na miejscu
    • z
    • Sposób nabycia
    • kupno zwarte
952 -Egzemplarz [ , ]
    • n
    • Powiązanie z serią
    • 200
    • c
    • Sygnatura
    • Pdc.2
    • r
    • Cena
    • 23.0
    • e
    • Akcesja
    • 05k84/34
    • f
    • Status książki wypożyczonej
    • Pdc
    • i
    • Nr tomu wydaw.cg
    • Nr 338
    • a
    • Numer inwentarzowy
    • Pdc.3945
    • w
    • Data inwentaryzacji
    • 2005-10-06
    • y
    • Status udostępniania
    • Tylko na miejscu
    • z
    • Sposób nabycia
    • kupno zwarte
    • p
    • Kod kreskowy
    • 2004000039457
    • d
    • Lokalizacja
    • BG Dział Udostępniania Biblioteka Główna
    • g
    • Ubytek
    • 5/2018 - 2018-08-02
952 -Egzemplarz [ , ]
    • n
    • Powiązanie z serią
    • 201
    • c
    • Sygnatura
    • Pdc.2
    • r
    • Cena
    • 23.0
    • e
    • Akcesja
    • 05k84/34
    • f
    • Status książki wypożyczonej
    • Pdc
    • i
    • Nr tomu wydaw.cg
    • Nr 338
    • a
    • Numer inwentarzowy
    • Pdc.3946
    • w
    • Data inwentaryzacji
    • 2005-10-06
    • y
    • Status udostępniania
    • Tylko na miejscu
    • z
    • Sposób nabycia
    • kupno zwarte
    • p
    • Kod kreskowy
    • 2004000039464
    • d
    • Lokalizacja
    • BG Dział Udostępniania Biblioteka Główna
    • g
    • Ubytek
    • 5/2018 - 2018-08-02
952 -Egzemplarz [ , ]
    • a
    • Numer inwentarzowy
    • Cg.30619
    • c
    • Sygnatura
    • Cg.65 (p.202)
    • d
    • Lokalizacja
    • BG Dział Udostępniania Biblioteka Główna
    • e
    • Akcesja
    • 03w235/3
    • i
    • Nr tomu wydaw.cg
    • Nr 299 (2002)
    • n
    • Powiązanie z serią
    • 71
    • p
    • Kod kreskowy
    • 2003000306194
    • r
    • Cena
    • 20.0
    • w
    • Data inwentaryzacji
    • 2004-02-03
    • y
    • Status udostępniania
    • Tylko na miejscu
    • z
    • Sposób nabycia
    • wymiana zwarte
952 -Egzemplarz [ , ]
    • a
    • Numer inwentarzowy
    • Cg.30620
    • c
    • Sygnatura
    • Cg.65 (p.202)
    • d
    • Lokalizacja
    • BG Dział Udostępniania Biblioteka Główna
    • e
    • Akcesja
    • 03w235/4
    • i
    • Nr tomu wydaw.cg
    • Nr 326 (2003)
    • n
    • Powiązanie z serią
    • 87
    • p
    • Kod kreskowy
    • 2003000306200
    • r
    • Cena
    • 25.0
    • w
    • Data inwentaryzacji
    • 2004-02-03
    • y
    • Status udostępniania
    • Tylko na miejscu
    • z
    • Sposób nabycia
    • wymiana zwarte
952 -Egzemplarz [ , ]
    • a
    • Numer inwentarzowy
    • Cg.30622
    • c
    • Sygnatura
    • Cg.65 (p.202)
    • d
    • Lokalizacja
    • BG Dział Udostępniania Biblioteka Główna
    • e
    • Akcesja
    • 03w235/11
    • i
    • Nr tomu wydaw.cg
    • Nr 294 (2003)
    • n
    • Powiązanie z serią
    • 70
    • p
    • Kod kreskowy
    • 2003000306224
    • r
    • Cena
    • 18.0
    • w
    • Data inwentaryzacji
    • 2004-02-03
    • y
    • Status udostępniania
    • Tylko na miejscu
    • z
    • Sposób nabycia
    • wymiana zwarte
952 -Egzemplarz [ , ]
    • a
    • Numer inwentarzowy
    • Pc.5463
    • c
    • Sygnatura
    • Pc.14/294
    • d
    • Lokalizacja
    • BM Biblioteka Międzywydziałowa
    • e
    • Akcesja
    • 03w235/11
    • i
    • Nr tomu wydaw.cg
    • Nr 294 (2003)
    • n
    • Powiązanie z serią
    • 164
    • p
    • Kod kreskowy
    • 2003900054638
    • r
    • Cena
    • 18.0
    • w
    • Data inwentaryzacji
    • 2003-07-25
    • y
    • Status udostępniania
    • Tylko na miejscu
    • z
    • Sposób nabycia
    • wymiana zwarte
952 -Egzemplarz [ , ]
    • a
    • Numer inwentarzowy
    • Cg.30602
    • c
    • Sygnatura
    • Cg.65 (p.202)
    • d
    • Lokalizacja
    • BG Dział Udostępniania Biblioteka Główna
    • e
    • Akcesja
    • 03w149/1
    • i
    • Nr tomu wydaw.cg
    • Nr 323 (2002)
    • n
    • Powiązanie z serią
    • 84
    • p
    • Kod kreskowy
    • 2003000306026
    • r
    • Cena
    • 36.0
    • w
    • Data inwentaryzacji
    • 2004-02-02
    • y
    • Status udostępniania
    • Tylko na miejscu
    • z
    • Sposób nabycia
    • wymiana zwarte
952 -Egzemplarz [ , ]
    • a
    • Numer inwentarzowy
    • Cg.30603
    • c
    • Sygnatura
    • Cg.65 (p.202)
    • d
    • Lokalizacja
    • BG Dział Udostępniania Biblioteka Główna
    • e
    • Akcesja
    • 03w149/6
    • i
    • Nr tomu wydaw.cg
    • Nr 321 (2001)
    • n
    • Powiązanie z serią
    • 82
    • p
    • Kod kreskowy
    • 2003000306033
    • r
    • Cena
    • 36.0
    • w
    • Data inwentaryzacji
    • 2004-02-02
    • y
    • Status udostępniania
    • Tylko na miejscu
    • z
    • Sposób nabycia
    • wymiana zwarte
952 -Egzemplarz [ , ]
    • a
    • Numer inwentarzowy
    • Cg.30605
    • c
    • Sygnatura
    • Cg.65 (p.202)
    • d
    • Lokalizacja
    • BG Dział Udostępniania Biblioteka Główna
    • e
    • Akcesja
    • 03w149/10
    • i
    • Nr tomu wydaw.cg
    • Nr 322 (2002)
    • n
    • Powiązanie z serią
    • 83
    • p
    • Kod kreskowy
    • 2003000306057
    • r
    • Cena
    • 36.0
    • w
    • Data inwentaryzacji
    • 2004-02-02
    • y
    • Status udostępniania
    • Tylko na miejscu
    • z
    • Sposób nabycia
    • wymiana zwarte
952 -Egzemplarz [ , ]
    • a
    • Numer inwentarzowy
    • Hc.4342
    • c
    • Sygnatura
    • Hc.11
    • d
    • Lokalizacja
    • BNS Biblioteka Humanistyczna i Nauk Społecznych
    • e
    • Akcesja
    • 03w149/10
    • i
    • Nr tomu wydaw.cg
    • Nr 322 (2002)
    • n
    • Powiązanie z serią
    • 131
    • p
    • Kod kreskowy
    • 2003500043421
    • r
    • Cena
    • 36.0
    • w
    • Data inwentaryzacji
    • 2005-09-05
    • y
    • Status udostępniania
    • Tylko na miejscu
    • z
    • Sposób nabycia
    • wymiana zwarte
952 -Egzemplarz [ , ]
    • a
    • Numer inwentarzowy
    • Cg.30604
    • c
    • Sygnatura
    • Cg.65 (p.202)
    • d
    • Lokalizacja
    • BG Dział Udostępniania Biblioteka Główna
    • e
    • Akcesja
    • 03w149/8
    • i
    • Nr tomu wydaw.cg
    • Nr 317 (2002)
    • n
    • Powiązanie z serią
    • 79
    • p
    • Kod kreskowy
    • 2003000306040
    • r
    • Cena
    • 16.0
    • w
    • Data inwentaryzacji
    • 2004-02-02
    • y
    • Status udostępniania
    • Tylko na miejscu
    • z
    • Sposób nabycia
    • wymiana zwarte
952 -Egzemplarz [ , ]
    • a
    • Numer inwentarzowy
    • Cg.30597
    • c
    • Sygnatura
    • Cg.65
    • d
    • Lokalizacja
    • BG Dział Udostępniania Biblioteka Główna
    • e
    • Akcesja
    • 03w18/12
    • i
    • Nr tomu wydaw.cg
    • Nr 318 (2002)
    • n
    • Powiązanie z serią
    • 80
    • p
    • Kod kreskowy
    • 2003000305975
    • r
    • Cena
    • 21.0
    • w
    • Data inwentaryzacji
    • 2004-02-02
    • y
    • Status udostępniania
    • Tylko na miejscu
    • z
    • Sposób nabycia
    • wymiana zwarte
952 -Egzemplarz [ , ]
    • a
    • Numer inwentarzowy
    • Cg.30598
    • c
    • Sygnatura
    • Cg.65 (p.202)
    • d
    • Lokalizacja
    • BG Dział Udostępniania Biblioteka Główna
    • e
    • Akcesja
    • 03w18/15
    • i
    • Nr tomu wydaw.cg
    • Nr 314 (2002)
    • n
    • Powiązanie z serią
    • 77
    • p
    • Kod kreskowy
    • 2003000305982
    • r
    • Cena
    • 13.0
    • w
    • Data inwentaryzacji
    • 2004-02-02
    • y
    • Status udostępniania
    • Tylko na miejscu
    • z
    • Sposób nabycia
    • wymiana zwarte
952 -Egzemplarz [ , ]
    • a
    • Numer inwentarzowy
    • Cg.30595
    • c
    • Sygnatura
    • Cg.65 (p.202)
    • d
    • Lokalizacja
    • BG Dział Udostępniania Biblioteka Główna
    • e
    • Akcesja
    • 03w18/9
    • i
    • Nr tomu wydaw.cg
    • Nr 313 (2002)
    • n
    • Powiązanie z serią
    • 76
    • p
    • Kod kreskowy
    • 2003000305951
    • r
    • Cena
    • 20.0
    • w
    • Data inwentaryzacji
    • 2004-02-02
    • y
    • Status udostępniania
    • Tylko na miejscu
    • z
    • Sposób nabycia
    • wymiana zwarte
952 -Egzemplarz [ , ]
    • n
    • Powiązanie z serią
    • 198
    • c
    • Sygnatura
    • Pdc.2
    • r
    • Cena
    • 20.0
    • e
    • Akcesja
    • 03w18/9
    • f
    • Status książki wypożyczonej
    • Pdc
    • i
    • Nr tomu wydaw.cg
    • Nr 313
    • a
    • Numer inwentarzowy
    • Pdc.3947
    • w
    • Data inwentaryzacji
    • 2005-10-06
    • y
    • Status udostępniania
    • Tylko na miejscu
    • z
    • Sposób nabycia
    • wymiana zwarte
    • p
    • Kod kreskowy
    • 2004000039471
    • d
    • Lokalizacja
    • BG Dział Udostępniania Biblioteka Główna
    • g
    • Ubytek
    • 5/2018 - 2018-08-02
952 -Egzemplarz [ , ]
    • n
    • Powiązanie z serią
    • 199
    • c
    • Sygnatura
    • Pdc.2
    • r
    • Cena
    • 20.0
    • e
    • Akcesja
    • 03w18/9
    • f
    • Status książki wypożyczonej
    • Pdc
    • i
    • Nr tomu wydaw.cg
    • Nr 313
    • a
    • Numer inwentarzowy
    • Pdc.3948
    • w
    • Data inwentaryzacji
    • 2005-10-06
    • y
    • Status udostępniania
    • Tylko na miejscu
    • z
    • Sposób nabycia
    • wymiana zwarte
    • p
    • Kod kreskowy
    • 2004000039488
    • d
    • Lokalizacja
    • BG Dział Udostępniania Biblioteka Główna
    • g
    • Ubytek
    • 5/2018 - 2018-08-02
952 -Egzemplarz [ , ]
    • a
    • Numer inwentarzowy
    • Cg.30596
    • c
    • Sygnatura
    • Cg.65 (p.202)
    • d
    • Lokalizacja
    • BG Dział Udostępniania Biblioteka Główna
    • e
    • Akcesja
    • 03w18/11
    • i
    • Nr tomu wydaw.cg
    • Nr 312 (2002)
    • n
    • Powiązanie z serią
    • 75
    • p
    • Kod kreskowy
    • 2003000305968
    • r
    • Cena
    • 20.0
    • w
    • Data inwentaryzacji
    • 2004-02-02
    • y
    • Status udostępniania
    • Tylko na miejscu
    • z
    • Sposób nabycia
    • wymiana zwarte
952 -Egzemplarz [ , ]
    • a
    • Numer inwentarzowy
    • Cg.30593
    • c
    • Sygnatura
    • Cg.65 (p.202)
    • d
    • Lokalizacja
    • BG Dział Udostępniania Biblioteka Główna
    • e
    • Akcesja
    • 03w18/5
    • i
    • Nr tomu wydaw.cg
    • Nr 311 (2002)
    • n
    • Powiązanie z serią
    • 74
    • p
    • Kod kreskowy
    • 2003000305937
    • r
    • Cena
    • 24.0
    • w
    • Data inwentaryzacji
    • 2004-02-02
    • y
    • Status udostępniania
    • Tylko na miejscu
    • z
    • Sposób nabycia
    • wymiana zwarte
952 -Egzemplarz [ , ]
    • a
    • Numer inwentarzowy
    • Cg.30594
    • c
    • Sygnatura
    • Cg.65 (p.202)
    • d
    • Lokalizacja
    • BG Dział Udostępniania Biblioteka Główna
    • e
    • Akcesja
    • 03w18/6
    • i
    • Nr tomu wydaw.cg
    • Nr 310 (2001)
    • n
    • Powiązanie z serią
    • 73
    • p
    • Kod kreskowy
    • 2003000305944
    • r
    • Cena
    • 18.0
    • w
    • Data inwentaryzacji
    • 2004-02-02
    • y
    • Status udostępniania
    • Tylko na miejscu
    • z
    • Sposób nabycia
    • wymiana zwarte
952 -Egzemplarz [ , ]
    • a
    • Numer inwentarzowy
    • Blc.7694
    • c
    • Sygnatura
    • Blc.2053
    • d
    • Lokalizacja
    • BG Dział Udostępniania Biblioteka Główna
    • e
    • Akcesja
    • 02w29/17
    • i
    • Nr tomu wydaw.cg
    • Nr 293 (2001)
    • n
    • Powiązanie z serią
    • 8
    • p
    • Kod kreskowy
    • 2002800076948
    • r
    • Cena
    • 12.00
    • w
    • Data inwentaryzacji
    • 2002-09-26
    • y
    • Status udostępniania
    • Tylko na miejscu
    • z
    • Sposób nabycia
    • wymiana zwarte
952 -Egzemplarz [ , ]
    • a
    • Numer inwentarzowy
    • Blc.7693
    • c
    • Sygnatura
    • Blc.2053
    • d
    • Lokalizacja
    • BG Dział Udostępniania Biblioteka Główna
    • e
    • Akcesja
    • 02w29/16
    • i
    • Nr tomu wydaw.cg
    • Nr 287 (2001)
    • n
    • Powiązanie z serią
    • 6
    • p
    • Kod kreskowy
    • 2002800076931
    • r
    • Cena
    • 24.00
    • w
    • Data inwentaryzacji
    • 2002-09-26
    • y
    • Status udostępniania
    • Tylko na miejscu
    • z
    • Sposób nabycia
    • wymiana zwarte
952 -Egzemplarz [ , ]
    • a
    • Numer inwentarzowy
    • Cg.31794
    • c
    • Sygnatura
    • Cg.65 (p.202)
    • d
    • Lokalizacja
    • BG Dział Udostępniania Biblioteka Główna
    • e
    • Akcesja
    • 05w252/4
    • i
    • Nr tomu wydaw.cg
    • Nr 348 (2005)
    • n
    • Powiązanie z serią
    • 99
    • p
    • Kod kreskowy
    • 2003000317947
    • r
    • Cena
    • 21.0
    • w
    • Data inwentaryzacji
    • 2000-11-18
    • y
    • Status udostępniania
    • Tylko na miejscu
    • z
    • Sposób nabycia
    • wymiana zwarte
952 -Egzemplarz [ , ]
    • a
    • Numer inwentarzowy
    • Cg.29944
    • c
    • Sygnatura
    • Cg.65 (p.202)
    • d
    • Lokalizacja
    • BG Dział Udostępniania Biblioteka Główna
    • e
    • Akcesja
    • 02w221/6
    • i
    • Nr tomu wydaw.cg
    • Nr 304 (2001)
    • n
    • Powiązanie z serią
    • 72
    • p
    • Kod kreskowy
    • 2003000299441
    • r
    • Cena
    • 24.0
    • w
    • Data inwentaryzacji
    • 2002-10-18
    • y
    • Status udostępniania
    • Tylko na miejscu
    • z
    • Sposób nabycia
    • wymiana zwarte
952 -Egzemplarz [ , ]
    • a
    • Numer inwentarzowy
    • Pc.5320
    • c
    • Sygnatura
    • Pc.14/304
    • d
    • Lokalizacja
    • BM Biblioteka Międzywydziałowa
    • e
    • Akcesja
    • 02w221/6
    • i
    • Nr tomu wydaw.cg
    • Nr 304 (2001)
    • n
    • Powiązanie z serią
    • 167
    • p
    • Kod kreskowy
    • 2003900053204
    • r
    • Cena
    • 24.0
    • w
    • Data inwentaryzacji
    • 2002-09-02
    • y
    • Status udostępniania
    • Tylko na miejscu
    • z
    • Sposób nabycia
    • wymiana zwarte
952 -Egzemplarz [ , ]
    • a
    • Numer inwentarzowy
    • Cg.29821
    • c
    • Sygnatura
    • Cg.65 (p.202)
    • d
    • Lokalizacja
    • BG Dział Udostępniania Biblioteka Główna
    • e
    • Akcesja
    • 01w336/5
    • i
    • Nr tomu wydaw.cg
    • Nr 286 (2000)
    • n
    • Powiązanie z serią
    • 69
    • p
    • Kod kreskowy
    • 2003000298215
    • r
    • Cena
    • 24.0
    • w
    • Data inwentaryzacji
    • 2002-05-24
    • y
    • Status udostępniania
    • Tylko na miejscu
    • z
    • Sposób nabycia
    • wymiana zwarte
952 -Egzemplarz [ , ]
    • a
    • Numer inwentarzowy
    • Pc.5281
    • c
    • Sygnatura
    • Pc.14/286
    • d
    • Lokalizacja
    • BM Biblioteka Międzywydziałowa
    • e
    • Akcesja
    • 01w336/5
    • i
    • Nr tomu wydaw.cg
    • Nr 286 (2000)
    • n
    • Powiązanie z serią
    • 162
    • p
    • Kod kreskowy
    • 2003900052818
    • r
    • Cena
    • 24.0
    • w
    • Data inwentaryzacji
    • 2002-05-24
    • y
    • Status udostępniania
    • Tylko na miejscu
    • z
    • Sposób nabycia
    • wymiana zwarte
952 -Egzemplarz [ , ]
    • a
    • Numer inwentarzowy
    • Cg.29692
    • c
    • Sygnatura
    • Cg.65 (p.202)
    • d
    • Lokalizacja
    • BG Dział Udostępniania Biblioteka Główna
    • e
    • Akcesja
    • 01w56/3
    • i
    • Nr tomu wydaw.cg
    • Nr 280 (2000)
    • n
    • Powiązanie z serią
    • 66
    • p
    • Kod kreskowy
    • 2003000296921
    • r
    • Cena
    • 30.0
    • w
    • Data inwentaryzacji
    • 2002-03-08
    • y
    • Status udostępniania
    • Tylko na miejscu
    • z
    • Sposób nabycia
    • wymiana zwarte
952 -Egzemplarz [ , ]
    • a
    • Numer inwentarzowy
    • Pc.5260
    • c
    • Sygnatura
    • Pc.14/280
    • d
    • Lokalizacja
    • BM Biblioteka Międzywydziałowa
    • e
    • Akcesja
    • 01w56/3
    • i
    • Nr tomu wydaw.cg
    • Nr 280 (2000)
    • n
    • Powiązanie z serią
    • 159
    • p
    • Kod kreskowy
    • 2003900052603
    • r
    • Cena
    • 30.0
    • w
    • Data inwentaryzacji
    • 2002-03-08
    • y
    • Status udostępniania
    • Tylko na miejscu
    • z
    • Sposób nabycia
    • wymiana zwarte
952 -Egzemplarz [ , ]
    • a
    • Numer inwentarzowy
    • Cg.29693
    • c
    • Sygnatura
    • Cg.65 (p.202)
    • d
    • Lokalizacja
    • BG Dział Udostępniania Biblioteka Główna
    • e
    • Akcesja
    • 01w56/4
    • i
    • Nr tomu wydaw.cg
    • Nr 282 (2000)
    • n
    • Powiązanie z serią
    • 68
    • p
    • Kod kreskowy
    • 2003000296938
    • r
    • Cena
    • 42.0
    • w
    • Data inwentaryzacji
    • 2002-03-08
    • y
    • Status udostępniania
    • Tylko na miejscu
    • z
    • Sposób nabycia
    • wymiana zwarte
952 -Egzemplarz [ , ]
    • a
    • Numer inwentarzowy
    • Pc.5261
    • c
    • Sygnatura
    • Pc.14/282
    • d
    • Lokalizacja
    • BM Biblioteka Międzywydziałowa
    • e
    • Akcesja
    • 01w56/4
    • i
    • Nr tomu wydaw.cg
    • Nr 282 (2000)
    • n
    • Powiązanie z serią
    • 160
    • p
    • Kod kreskowy
    • 2003900052610
    • r
    • Cena
    • 42.0
    • w
    • Data inwentaryzacji
    • 2002-03-08
    • y
    • Status udostępniania
    • Tylko na miejscu
    • z
    • Sposób nabycia
    • wymiana zwarte
952 -Egzemplarz [ , ]
    • a
    • Numer inwentarzowy
    • Cg.29694
    • c
    • Sygnatura
    • Cg.65 (p.202)
    • d
    • Lokalizacja
    • BG Dział Udostępniania Biblioteka Główna
    • e
    • Akcesja
    • 01w56/6
    • i
    • Nr tomu wydaw.cg
    • Nr 281 (2000)
    • n
    • Powiązanie z serią
    • 67
    • p
    • Kod kreskowy
    • 2003000296945
    • r
    • Cena
    • 21.0
    • w
    • Data inwentaryzacji
    • 2002-03-08
    • y
    • Status udostępniania
    • Tylko na miejscu
    • z
    • Sposób nabycia
    • wymiana zwarte
952 -Egzemplarz [ , ]
    • a
    • Numer inwentarzowy
    • Pc.5262
    • c
    • Sygnatura
    • Pc.14/281
    • d
    • Lokalizacja
    • BM Biblioteka Międzywydziałowa
    • e
    • Akcesja
    • 01w56/6
    • i
    • Nr tomu wydaw.cg
    • Nr 281 (2000)
    • n
    • Powiązanie z serią
    • 161
    • p
    • Kod kreskowy
    • 2003900052627
    • r
    • Cena
    • 21.00
    • v
    • Data wprowadzenia opisu
    • 2020-04-02
    • w
    • Data inwentaryzacji
    • 2002-03-08
    • y
    • Status udostępniania
    • Tylko na miejscu
    • z
    • Sposób nabycia
    • wymiana zwarte
952 -Egzemplarz [ , ]
    • a
    • Numer inwentarzowy
    • Blc.7692
    • c
    • Sygnatura
    • Blc.2053
    • d
    • Lokalizacja
    • BG Dział Udostępniania Biblioteka Główna
    • e
    • Akcesja
    • 02w29/15
    • i
    • Nr tomu wydaw.cg
    • Nr 291 (2001)
    • n
    • Powiązanie z serią
    • 7
    • p
    • Kod kreskowy
    • 2002800076924
    • r
    • Cena
    • 30.00
    • w
    • Data inwentaryzacji
    • 2002-09-26
    • y
    • Status udostępniania
    • Tylko na miejscu
    • z
    • Sposób nabycia
    • wymiana zwarte
952 -Egzemplarz [ , ]
    • a
    • Numer inwentarzowy
    • Ac.335
    • c
    • Sygnatura
    • ANG. Metodyka 012
    • d
    • Lokalizacja
    • BM Biblioteka Międzywydziałowa
    • e
    • Akcesja
    • 02w29/14
    • i
    • Nr tomu wydaw.cg
    • Nr 302 (2001)
    • p
    • Kod kreskowy
    • 2002700003358
    • r
    • Cena
    • 24.0
    • v
    • Data wprowadzenia opisu
    • 2016-10-13
    • w
    • Data inwentaryzacji
    • 2002-09-26
    • y
    • Status udostępniania
    • Tylko na miejscu
952 -Egzemplarz [ , ]
    • a
    • Numer inwentarzowy
    • Cg.29290
    • c
    • Sygnatura
    • Cg.65 (p.202)
    • d
    • Lokalizacja
    • BG Dział Udostępniania Biblioteka Główna
    • e
    • Akcesja
    • 00w219/1
    • i
    • Nr tomu wydaw.cg
    • Nr 276 (1999)
    • n
    • Powiązanie z serią
    • 64
    • p
    • Kod kreskowy
    • 2003000292909
    • r
    • Cena
    • 12.0
    • w
    • Data inwentaryzacji
    • 2001-04-11
    • y
    • Status udostępniania
    • Tylko na miejscu
    • z
    • Sposób nabycia
    • wymiana zwarte
952 -Egzemplarz [ , ]
    • n
    • Powiązanie z serią
    • 197
    • c
    • Sygnatura
    • Pdc.2
    • r
    • Cena
    • 12.0
    • e
    • Akcesja
    • 00w219/1
    • f
    • Status książki wypożyczonej
    • Pdc
    • i
    • Nr tomu wydaw.cg
    • Nr 276
    • a
    • Numer inwentarzowy
    • Pdc.2904
    • w
    • Data inwentaryzacji
    • 2001-04-11
    • y
    • Status udostępniania
    • Tylko na miejscu
    • z
    • Sposób nabycia
    • wymiana zwarte
    • p
    • Kod kreskowy
    • 2004000029045
    • d
    • Lokalizacja
    • BG Dział Udostępniania Biblioteka Główna
    • g
    • Ubytek
    • 5/2018 - 2018-08-02
952 -Egzemplarz [ , ]
    • a
    • Numer inwentarzowy
    • Cg.29291
    • c
    • Sygnatura
    • Cg.65 (p.202)
    • d
    • Lokalizacja
    • BG Dział Udostępniania Biblioteka Główna
    • e
    • Akcesja
    • 00w219/2
    • i
    • Nr tomu wydaw.cg
    • Nr 275 (1999)
    • n
    • Powiązanie z serią
    • 63
    • p
    • Kod kreskowy
    • 2003000292916
    • r
    • Cena
    • 15.0
    • w
    • Data inwentaryzacji
    • 2001-04-11
    • y
    • Status udostępniania
    • Tylko na miejscu
    • z
    • Sposób nabycia
    • wymiana zwarte
952 -Egzemplarz [ , ]
    • n
    • Powiązanie z serią
    • 196
    • c
    • Sygnatura
    • Pdc.2
    • r
    • Cena
    • 15.0
    • e
    • Akcesja
    • 00w219/2
    • f
    • Status książki wypożyczonej
    • Pdc
    • i
    • Nr tomu wydaw.cg
    • Nr 275
    • a
    • Numer inwentarzowy
    • Pdc.2905
    • w
    • Data inwentaryzacji
    • 2001-04-11
    • y
    • Status udostępniania
    • Tylko na miejscu
    • z
    • Sposób nabycia
    • wymiana zwarte
    • p
    • Kod kreskowy
    • 2004000029052
    • d
    • Lokalizacja
    • BG Dział Udostępniania Biblioteka Główna
    • g
    • Ubytek
    • 5/2018 - 2018-08-02
952 -Egzemplarz [ , ]
    • a
    • Numer inwentarzowy
    • Cg.29293
    • c
    • Sygnatura
    • Cg.65 (p.202)
    • d
    • Lokalizacja
    • BG Dział Udostępniania Biblioteka Główna
    • e
    • Akcesja
    • 00w219/7
    • i
    • Nr tomu wydaw.cg
    • Nr 271 (1999)
    • n
    • Powiązanie z serią
    • 59
    • p
    • Kod kreskowy
    • 2003000292930
    • r
    • Cena
    • 14.0
    • w
    • Data inwentaryzacji
    • 2001-10-02
    • y
    • Status udostępniania
    • Tylko na miejscu
    • z
    • Sposób nabycia
    • wymiana zwarte
952 -Egzemplarz [ , ]
    • a
    • Numer inwentarzowy
    • Pc.5110
    • c
    • Sygnatura
    • Pc.14/271
    • d
    • Lokalizacja
    • BM Biblioteka Międzywydziałowa
    • e
    • Akcesja
    • 00w219/7
    • i
    • Nr tomu wydaw.cg
    • Nr 271 (1999)
    • n
    • Powiązanie z serią
    • 156
    • p
    • Kod kreskowy
    • 2003900051101
    • r
    • Cena
    • 14.0
    • w
    • Data inwentaryzacji
    • 2001-10-02
    • y
    • Status udostępniania
    • Tylko na miejscu
    • z
    • Sposób nabycia
    • wymiana zwarte
952 -Egzemplarz [ , ]
    • a
    • Numer inwentarzowy
    • Cg.29292
    • c
    • Sygnatura
    • Cg.65 (p.202)
    • d
    • Lokalizacja
    • BG Dział Udostępniania Biblioteka Główna
    • e
    • Akcesja
    • 00w219/6
    • i
    • Nr tomu wydaw.cg
    • Nr 277 (1999)
    • n
    • Powiązanie z serią
    • 65
    • p
    • Kod kreskowy
    • 2003000292923
    • r
    • Cena
    • 21.0
    • w
    • Data inwentaryzacji
    • 2001-10-02
    • y
    • Status udostępniania
    • Tylko na miejscu
    • z
    • Sposób nabycia
    • wymiana zwarte
952 -Egzemplarz [ , ]
    • a
    • Numer inwentarzowy
    • Fc.3936
    • c
    • Sygnatura
    • H.11
    • d
    • Lokalizacja
    • BNS Biblioteka Humanistyczna i Nauk Społecznych
    • e
    • Akcesja
    • 00w219/6
    • i
    • Nr tomu wydaw.cg
    • Nr 277 (1999)
    • n
    • Powiązanie z serią
    • 118
    • p
    • Kod kreskowy
    • 2003300039365
    • r
    • Cena
    • 21.0
    • w
    • Data inwentaryzacji
    • 2001-10-02
    • y
    • Status udostępniania
    • Tylko na miejscu
    • z
    • Sposób nabycia
    • wymiana zwarte
952 -Egzemplarz [ , ]
    • a
    • Numer inwentarzowy
    • S.89384
    • c
    • Sygnatura
    • S.78691
    • d
    • Lokalizacja
    • BE Biblioteka Ekonomiczna
    • e
    • Akcesja
    • 99k589/3
    • i
    • Nr tomu wydaw.cg
    • Nr 274 (1999)
    • n
    • Powiązanie z serią
    • 211
    • p
    • Kod kreskowy
    • 2001100893842
    • r
    • Cena
    • 45.6
    • w
    • Data inwentaryzacji
    • 2002-03-19
    • y
    • Status udostępniania
    • miesięczne
    • z
    • Sposób nabycia
    • kupno zwarte
952 -Egzemplarz [ , ]
    • a
    • Numer inwentarzowy
    • S.89385
    • c
    • Sygnatura
    • S.78691
    • d
    • Lokalizacja
    • BE Biblioteka Ekonomiczna
    • e
    • Akcesja
    • 99k589/3
    • i
    • Nr tomu wydaw.cg
    • Nr 274 (1999)
    • n
    • Powiązanie z serią
    • 212
    • p
    • Kod kreskowy
    • 2001100893859
    • r
    • Cena
    • 45.6
    • w
    • Data inwentaryzacji
    • 2002-03-19
    • y
    • Status udostępniania
    • miesięczne
    • z
    • Sposób nabycia
    • kupno zwarte
952 -Egzemplarz [ , ]
    • a
    • Numer inwentarzowy
    • E.67149
    • c
    • Sygnatura
    • E.67149
    • d
    • Lokalizacja
    • BE Biblioteka Ekonomiczna
    • e
    • Akcesja
    • 05d415/6
    • i
    • Nr tomu wydaw.cg
    • Nr 274 (1999)
    • n
    • Powiązanie z serią
    • 213
    • p
    • Kod kreskowy
    • 2001000671496
    • r
    • Cena
    • 45.60
    • y
    • Status udostępniania
    • krótkoterminowe
    • z
    • Sposób nabycia
    • dary zwarte
952 -Egzemplarz [ , ]
    • a
    • Numer inwentarzowy
    • S.92129
    • d
    • Lokalizacja
    • BE Biblioteka Ekonomiczna
    • e
    • Akcesja
    • 05d415/6
    • i
    • Nr tomu wydaw.cg
    • Nr 274 (1999)
    • n
    • Powiązanie z serią
    • 214
    • p
    • Kod kreskowy
    • 2001100921293
    • r
    • Cena
    • 45.60
    • y
    • Status udostępniania
    • krótkoterminowe
    • z
    • Sposób nabycia
    • dary zwarte
952 -Egzemplarz [ , ]
    • a
    • Numer inwentarzowy
    • Cg.29205
    • c
    • Sygnatura
    • Cg.65
    • d
    • Lokalizacja
    • BG Dział Udostępniania Biblioteka Główna
    • e
    • Akcesja
    • 99k589/3
    • i
    • Nr tomu wydaw.cg
    • Nr 274 (1999)
    • n
    • Powiązanie z serią
    • 61
    • p
    • Kod kreskowy
    • 2003000292053
    • r
    • Cena
    • 45.6
    • w
    • Data inwentaryzacji
    • 2001-04-11
    • y
    • Status udostępniania
    • Tylko na miejscu
    • z
    • Sposób nabycia
    • kupno zwarte
952 -Egzemplarz [ , ]
    • a
    • Numer inwentarzowy
    • Tc.886
    • c
    • Sygnatura
    • Tc.886
    • d
    • Lokalizacja
    • T Biblioteka Kampusowa Cukrowa EFZ
    • e
    • Akcesja
    • 99k589/3
    • i
    • Nr tomu wydaw.cg
    • Nr 274 (1999)
    • n
    • Powiązanie z serią
    • 234
    • p
    • Kod kreskowy
    • 2004200008864
    • r
    • Cena
    • 45.6
    • w
    • Data inwentaryzacji
    • 2001-04-11
    • y
    • Status udostępniania
    • Tylko na miejscu
    • z
    • Sposób nabycia
    • kupno zwarte
952 -Egzemplarz [ , ]
    • a
    • Numer inwentarzowy
    • Tc.887
    • c
    • Sygnatura
    • Tc.886
    • d
    • Lokalizacja
    • T Biblioteka Kampusowa Cukrowa EFZ
    • e
    • Akcesja
    • 99k589/3
    • i
    • Nr tomu wydaw.cg
    • Nr 274 (1999)
    • n
    • Powiązanie z serią
    • 235
    • p
    • Kod kreskowy
    • 2004200008871
    • r
    • Cena
    • 45.6
    • w
    • Data inwentaryzacji
    • 2001-04-11
    • y
    • Status udostępniania
    • Tylko na miejscu
    • z
    • Sposób nabycia
    • kupno zwarte
952 -Egzemplarz [ , ]
    • a
    • Numer inwentarzowy
    • Tc.888
    • c
    • Sygnatura
    • Tc.886
    • d
    • Lokalizacja
    • T Biblioteka Kampusowa Cukrowa EFZ
    • e
    • Akcesja
    • 99k589/3
    • i
    • Nr tomu wydaw.cg
    • Nr 274 (1999)
    • n
    • Powiązanie z serią
    • 236
    • p
    • Kod kreskowy
    • 2004200008888
    • r
    • Cena
    • 45.6
    • w
    • Data inwentaryzacji
    • 2001-04-11
    • y
    • Status udostępniania
    • Tylko na miejscu
    • z
    • Sposób nabycia
    • kupno zwarte
952 -Egzemplarz [ , ]
    • a
    • Numer inwentarzowy
    • Tc.889
    • c
    • Sygnatura
    • Tc.886
    • d
    • Lokalizacja
    • T Biblioteka Kampusowa Cukrowa EFZ
    • e
    • Akcesja
    • 99k589/3
    • i
    • Nr tomu wydaw.cg
    • Nr 274 (1999)
    • n
    • Powiązanie z serią
    • 237
    • p
    • Kod kreskowy
    • 2004200008895
    • r
    • Cena
    • 45.6
    • w
    • Data inwentaryzacji
    • 2001-04-11
    • y
    • Status udostępniania
    • miesięczne
    • z
    • Sposób nabycia
    • kupno zwarte
952 -Egzemplarz [ , ]
    • a
    • Numer inwentarzowy
    • Tc.890
    • c
    • Sygnatura
    • Tc.886
    • d
    • Lokalizacja
    • T Biblioteka Kampusowa Cukrowa EFZ
    • e
    • Akcesja
    • 99k589/3
    • i
    • Nr tomu wydaw.cg
    • Nr 274 (1999)
    • n
    • Powiązanie z serią
    • 238
    • p
    • Kod kreskowy
    • 2004200008901
    • r
    • Cena
    • 45.6
    • w
    • Data inwentaryzacji
    • 2001-04-11
    • y
    • Status udostępniania
    • miesięczne
    • z
    • Sposób nabycia
    • kupno zwarte
952 -Egzemplarz [ , ]
    • a
    • Numer inwentarzowy
    • Tc.891
    • c
    • Sygnatura
    • Tc.886
    • d
    • Lokalizacja
    • T Biblioteka Kampusowa Cukrowa EFZ
    • e
    • Akcesja
    • 99k589/3
    • i
    • Nr tomu wydaw.cg
    • Nr 274 (1999)
    • n
    • Powiązanie z serią
    • 239
    • p
    • Kod kreskowy
    • 2004200008918
    • r
    • Cena
    • 45.6
    • w
    • Data inwentaryzacji
    • 2001-04-11
    • y
    • Status udostępniania
    • Tylko na miejscu
    • z
    • Sposób nabycia
    • kupno zwarte
952 -Egzemplarz [ , ]
    • a
    • Numer inwentarzowy
    • Tc.892
    • d
    • Lokalizacja
    • T Biblioteka Kampusowa Cukrowa EFZ
    • e
    • Akcesja
    • 99k589/3
    • i
    • Nr tomu wydaw.cg
    • Nr 274 (1999)
    • n
    • Powiązanie z serią
    • 240
    • p
    • Kod kreskowy
    • 2004200008925
    • r
    • Cena
    • 45.6
    • w
    • Data inwentaryzacji
    • 2001-04-11
    • y
    • Status udostępniania
    • miesięczne
    • z
    • Sposób nabycia
    • kupno zwarte
952 -Egzemplarz [ , ]
    • a
    • Numer inwentarzowy
    • Tc.894
    • d
    • Lokalizacja
    • T Biblioteka Kampusowa Cukrowa EFZ
    • e
    • Akcesja
    • 99k589/3
    • i
    • Nr tomu wydaw.cg
    • Nr 274 (1999)
    • n
    • Powiązanie z serią
    • 242
    • p
    • Kod kreskowy
    • 2004200008949
    • r
    • Cena
    • 45.6
    • w
    • Data inwentaryzacji
    • 2001-04-11
    • y
    • Status udostępniania
    • miesięczne
    • z
    • Sposób nabycia
    • kupno zwarte
952 -Egzemplarz [ , ]
    • a
    • Numer inwentarzowy
    • Tc.895
    • d
    • Lokalizacja
    • T Biblioteka Kampusowa Cukrowa EFZ
    • e
    • Akcesja
    • 99k589/3
    • i
    • Nr tomu wydaw.cg
    • Nr 274 (1999)
    • n
    • Powiązanie z serią
    • 243
    • p
    • Kod kreskowy
    • 2004200008956
    • r
    • Cena
    • 45.6
    • w
    • Data inwentaryzacji
    • 2001-04-11
    • y
    • Status udostępniania
    • miesięczne
    • z
    • Sposób nabycia
    • kupno zwarte
952 -Egzemplarz [ , ]
    • a
    • Numer inwentarzowy
    • Tc.896
    • c
    • Sygnatura
    • Tc.886
    • d
    • Lokalizacja
    • T Biblioteka Kampusowa Cukrowa EFZ
    • e
    • Akcesja
    • 99k589/3
    • i
    • Nr tomu wydaw.cg
    • Nr 274 (1999)
    • n
    • Powiązanie z serią
    • 244
    • p
    • Kod kreskowy
    • 2004200008963
    • r
    • Cena
    • 45.6
    • w
    • Data inwentaryzacji
    • 2001-04-11
    • y
    • Status udostępniania
    • Tylko na miejscu
    • z
    • Sposób nabycia
    • kupno zwarte
952 -Egzemplarz [ , ]
    • a
    • Numer inwentarzowy
    • Tc.897
    • c
    • Sygnatura
    • Tc.886
    • d
    • Lokalizacja
    • T Biblioteka Kampusowa Cukrowa EFZ
    • e
    • Akcesja
    • 99k589/3
    • i
    • Nr tomu wydaw.cg
    • Nr 274 (1999)
    • n
    • Powiązanie z serią
    • 245
    • p
    • Kod kreskowy
    • 2004200008970
    • r
    • Cena
    • 45.6
    • w
    • Data inwentaryzacji
    • 2001-04-11
    • y
    • Status udostępniania
    • Tylko na miejscu
    • z
    • Sposób nabycia
    • kupno zwarte
952 -Egzemplarz [ , ]
    • a
    • Numer inwentarzowy
    • Tc.893
    • c
    • Sygnatura
    • Tc.886
    • d
    • Lokalizacja
    • T Biblioteka Kampusowa Cukrowa EFZ
    • e
    • Akcesja
    • 99k589/3
    • i
    • Nr tomu wydaw.cg
    • Nr 274 (1999)
    • n
    • Powiązanie z serią
    • 241
    • p
    • Kod kreskowy
    • 2004200008932
    • r
    • Cena
    • 45.6
    • w
    • Data inwentaryzacji
    • 2001-04-11
    • y
    • Status udostępniania
    • miesięczne
    • z
    • Sposób nabycia
    • kupno zwarte
952 -Egzemplarz [ , ]
    • a
    • Numer inwentarzowy
    • Tc.898
    • d
    • Lokalizacja
    • T Biblioteka Kampusowa Cukrowa EFZ
    • e
    • Akcesja
    • 99k589/3
    • i
    • Nr tomu wydaw.cg
    • Nr 274 (1999)
    • n
    • Powiązanie z serią
    • 246
    • p
    • Kod kreskowy
    • 2004200008987
    • r
    • Cena
    • 45.6
    • w
    • Data inwentaryzacji
    • 2001-04-11
    • y
    • Status udostępniania
    • miesięczne
    • z
    • Sposób nabycia
    • kupno zwarte
952 -Egzemplarz [ , ]
    • a
    • Numer inwentarzowy
    • Tc.1358
    • d
    • Lokalizacja
    • T Biblioteka Kampusowa Cukrowa EFZ
    • e
    • Akcesja
    • 99k589/3
    • i
    • Nr tomu wydaw.cg
    • Nr 274 (1999)
    • n
    • Powiązanie z serią
    • 247
    • p
    • Kod kreskowy
    • 2004200013585
    • r
    • Cena
    • 45.6
    • w
    • Data inwentaryzacji
    • 2003-07-25
    • y
    • Status udostępniania
    • miesięczne
    • z
    • Sposób nabycia
    • kupno zwarte
952 -Egzemplarz [ , ]
    • a
    • Numer inwentarzowy
    • Tc.1359
    • d
    • Lokalizacja
    • T Biblioteka Kampusowa Cukrowa EFZ
    • e
    • Akcesja
    • 99k589/3
    • i
    • Nr tomu wydaw.cg
    • Nr 274 (1999)
    • n
    • Powiązanie z serią
    • 248
    • p
    • Kod kreskowy
    • 2004200013592
    • r
    • Cena
    • 45.6
    • w
    • Data inwentaryzacji
    • 2003-07-25
    • y
    • Status udostępniania
    • miesięczne
    • z
    • Sposób nabycia
    • kupno zwarte
952 -Egzemplarz [ , ]
    • a
    • Numer inwentarzowy
    • Tc.1360
    • d
    • Lokalizacja
    • T Biblioteka Kampusowa Cukrowa EFZ
    • e
    • Akcesja
    • 99k589/3
    • i
    • Nr tomu wydaw.cg
    • Nr 274 (1999)
    • n
    • Powiązanie z serią
    • 249
    • p
    • Kod kreskowy
    • 2004200013608
    • r
    • Cena
    • 45.6
    • w
    • Data inwentaryzacji
    • 2003-07-25
    • y
    • Status udostępniania
    • miesięczne
    • z
    • Sposób nabycia
    • kupno zwarte
952 -Egzemplarz [ , ]
    • a
    • Numer inwentarzowy
    • Tc.1361
    • d
    • Lokalizacja
    • T Biblioteka Kampusowa Cukrowa EFZ
    • e
    • Akcesja
    • 99k589/3
    • i
    • Nr tomu wydaw.cg
    • Nr 274 (1999)
    • n
    • Powiązanie z serią
    • 250
    • p
    • Kod kreskowy
    • 2004200013615
    • r
    • Cena
    • 45.6
    • w
    • Data inwentaryzacji
    • 2003-07-25
    • y
    • Status udostępniania
    • miesięczne
    • z
    • Sposób nabycia
    • kupno zwarte
952 -Egzemplarz [ , ]
    • a
    • Numer inwentarzowy
    • Tc.1362
    • d
    • Lokalizacja
    • T Biblioteka Kampusowa Cukrowa EFZ
    • e
    • Akcesja
    • 99k589/3
    • i
    • Nr tomu wydaw.cg
    • Nr 274 (1999)
    • n
    • Powiązanie z serią
    • 251
    • p
    • Kod kreskowy
    • 2004200013622
    • r
    • Cena
    • 45.6
    • w
    • Data inwentaryzacji
    • 2003-07-25
    • y
    • Status udostępniania
    • miesięczne
    • z
    • Sposób nabycia
    • kupno zwarte
952 -Egzemplarz [ , ]
    • a
    • Numer inwentarzowy
    • Tc.1363
    • d
    • Lokalizacja
    • T Biblioteka Kampusowa Cukrowa EFZ
    • e
    • Akcesja
    • 99k589/3
    • i
    • Nr tomu wydaw.cg
    • Nr 274 (1999)
    • n
    • Powiązanie z serią
    • 252
    • p
    • Kod kreskowy
    • 2004200013639
    • r
    • Cena
    • 45.6
    • w
    • Data inwentaryzacji
    • 2003-07-25
    • y
    • Status udostępniania
    • Tylko na miejscu
    • z
    • Sposób nabycia
    • kupno zwarte
952 -Egzemplarz [ , ]
    • a
    • Numer inwentarzowy
    • Tc.1364
    • d
    • Lokalizacja
    • T Biblioteka Kampusowa Cukrowa EFZ
    • e
    • Akcesja
    • 99k589/3
    • i
    • Nr tomu wydaw.cg
    • Nr 274 (1999)
    • n
    • Powiązanie z serią
    • 253
    • p
    • Kod kreskowy
    • 2004200013646
    • r
    • Cena
    • 45.6
    • w
    • Data inwentaryzacji
    • 2003-07-25
    • y
    • Status udostępniania
    • miesięczne
    • z
    • Sposób nabycia
    • kupno zwarte
952 -Egzemplarz [ , ]
    • a
    • Numer inwentarzowy
    • Tc.1365
    • d
    • Lokalizacja
    • T Biblioteka Kampusowa Cukrowa EFZ
    • e
    • Akcesja
    • 99k589/3
    • i
    • Nr tomu wydaw.cg
    • Nr 274 (1999)
    • n
    • Powiązanie z serią
    • 254
    • p
    • Kod kreskowy
    • 2004200013653
    • r
    • Cena
    • 45.6
    • w
    • Data inwentaryzacji
    • 2003-07-25
    • y
    • Status udostępniania
    • miesięczne
    • z
    • Sposób nabycia
    • kupno zwarte
952 -Egzemplarz [ , ]
    • a
    • Numer inwentarzowy
    • Tc.1366
    • d
    • Lokalizacja
    • T Biblioteka Kampusowa Cukrowa EFZ
    • e
    • Akcesja
    • 99k589/3
    • i
    • Nr tomu wydaw.cg
    • Nr 274 (1999)
    • n
    • Powiązanie z serią
    • 255
    • p
    • Kod kreskowy
    • 2004200013660
    • r
    • Cena
    • 45.6
    • w
    • Data inwentaryzacji
    • 2003-07-25
    • y
    • Status udostępniania
    • miesięczne
    • z
    • Sposób nabycia
    • kupno zwarte
952 -Egzemplarz [ , ]
    • a
    • Numer inwentarzowy
    • Tc.1367
    • d
    • Lokalizacja
    • T Biblioteka Kampusowa Cukrowa EFZ
    • e
    • Akcesja
    • 99k589/3
    • i
    • Nr tomu wydaw.cg
    • Nr 274 (1999)
    • n
    • Powiązanie z serią
    • 256
    • p
    • Kod kreskowy
    • 2004200013677
    • r
    • Cena
    • 45.6
    • w
    • Data inwentaryzacji
    • 2003-07-25
    • y
    • Status udostępniania
    • miesięczne
    • z
    • Sposób nabycia
    • kupno zwarte
952 -Egzemplarz [ , ]
    • a
    • Numer inwentarzowy
    • Cg.30286
    • c
    • Sygnatura
    • Cg.65 (p.202)
    • e
    • Akcesja
    • 99k589/3
    • d
    • Lokalizacja
    • BG Dział Udostępniania Biblioteka Główna
    • n
    • Powiązanie z serią
    • 62
    • p
    • Kod kreskowy
    • 2003000302868
    • r
    • Cena
    • 45.6
    • v
    • Data wprowadzenia opisu
    • w
    • Data inwentaryzacji
    • 2003-07-25
    • y
    • Status udostępniania
    • Tylko na miejscu
    • z
    • Sposób nabycia
    • kupno zwarte
    • g
    • Ubytek
    • 11/2018 - 2018-06-06
952 -Egzemplarz [ , ]
    • a
    • Numer inwentarzowy
    • W.201508
    • d
    • Lokalizacja
    • BG Dział Udostępniania Biblioteka Główna
    • e
    • Akcesja
    • 00w65/5
    • i
    • Nr tomu wydaw.cg
    • Nr 270 (1999)
    • n
    • Powiązanie z serią
    • 305
    • p
    • Kod kreskowy
    • 2000102015085
    • r
    • Cena
    • 24.0
    • w
    • Data inwentaryzacji
    • 2003-07-25
    • y
    • Status udostępniania
    • miesięczne
    • z
    • Sposób nabycia
    • wymiana zwarte
952 -Egzemplarz [ , ]
    • a
    • Numer inwentarzowy
    • W.201507
    • d
    • Lokalizacja
    • BG Dział Udostępniania Biblioteka Główna
    • e
    • Akcesja
    • 00w65/5
    • i
    • Nr tomu wydaw.cg
    • Nr 270 (1999)
    • n
    • Powiązanie z serią
    • 304
    • p
    • Kod kreskowy
    • 2000102015078
    • r
    • Cena
    • 24.0
    • w
    • Data inwentaryzacji
    • 2003-07-25
    • y
    • Status udostępniania
    • miesięczne
    • z
    • Sposób nabycia
    • wymiana zwarte
952 -Egzemplarz [ , ]
    • a
    • Numer inwentarzowy
    • Cg.28658
    • c
    • Sygnatura
    • Cg.65 (p.202)
    • d
    • Lokalizacja
    • BG Dział Udostępniania Biblioteka Główna
    • e
    • Akcesja
    • 00w65/5
    • i
    • Nr tomu wydaw.cg
    • Nr 270 (1999)
    • n
    • Powiązanie z serią
    • 58
    • p
    • Kod kreskowy
    • 2003000286588
    • r
    • Cena
    • 24.0
    • w
    • Data inwentaryzacji
    • 2000-01-21
    • y
    • Status udostępniania
    • Tylko na miejscu
    • z
    • Sposób nabycia
    • wymiana zwarte
952 -Egzemplarz [ , ]
    • a
    • Numer inwentarzowy
    • Pc.4737
    • c
    • Sygnatura
    • Pc.14/270
    • d
    • Lokalizacja
    • BM Biblioteka Międzywydziałowa
    • e
    • Akcesja
    • 00w65/5
    • i
    • Nr tomu wydaw.cg
    • Nr 270 (1999)
    • n
    • Powiązanie z serią
    • 155
    • p
    • Kod kreskowy
    • 2003900047371
    • r
    • Cena
    • 24.0
    • w
    • Data inwentaryzacji
    • 2000-01-21
    • y
    • Status udostępniania
    • Tylko na miejscu
    • z
    • Sposób nabycia
    • wymiana zwarte
952 -Egzemplarz [ , ]
    • a
    • Numer inwentarzowy
    • Cg.28667
    • c
    • Sygnatura
    • Cg.65 (p.202)
    • d
    • Lokalizacja
    • BG Dział Udostępniania Biblioteka Główna
    • e
    • Akcesja
    • 00w65/4
    • i
    • Nr tomu wydaw.cg
    • Nr 269 (1999)
    • n
    • Powiązanie z serią
    • 57
    • p
    • Kod kreskowy
    • 2003000286670
    • r
    • Cena
    • 25.0
    • w
    • Data inwentaryzacji
    • 2000-03-03
    • y
    • Status udostępniania
    • Tylko na miejscu
    • z
    • Sposób nabycia
    • wymiana zwarte
952 -Egzemplarz [ , ]
    • a
    • Numer inwentarzowy
    • Hc.3165
    • c
    • Sygnatura
    • Hc.11
    • d
    • Lokalizacja
    • BNS Biblioteka Humanistyczna i Nauk Społecznych
    • e
    • Akcesja
    • 00w65/4
    • i
    • Nr tomu wydaw.cg
    • Nr 269 (1999)
    • n
    • Powiązanie z serią
    • 130
    • p
    • Kod kreskowy
    • 2003500031657
    • r
    • Cena
    • 25.0
    • w
    • Data inwentaryzacji
    • 2000-03-03
    • y
    • Status udostępniania
    • Tylko na miejscu
    • z
    • Sposób nabycia
    • wymiana zwarte
952 -Egzemplarz [ , ]
    • a
    • Numer inwentarzowy
    • Cg.28666
    • c
    • Sygnatura
    • Cg.65 (p.202)
    • d
    • Lokalizacja
    • BG Dział Udostępniania Biblioteka Główna
    • e
    • Akcesja
    • 00w65/3
    • i
    • Nr tomu wydaw.cg
    • Nr 273 (1999)
    • n
    • Powiązanie z serią
    • 60
    • p
    • Kod kreskowy
    • 2003000286663
    • r
    • Cena
    • 24.0
    • w
    • Data inwentaryzacji
    • 2000-03-03
    • y
    • Status udostępniania
    • Tylko na miejscu
    • z
    • Sposób nabycia
    • wymiana zwarte
952 -Egzemplarz [ , ]
    • a
    • Numer inwentarzowy
    • Pc.4739
    • c
    • Sygnatura
    • Pc.14/273
    • d
    • Lokalizacja
    • BM Biblioteka Międzywydziałowa
    • e
    • Akcesja
    • 00w65/3
    • i
    • Nr tomu wydaw.cg
    • Nr 273 (1999)
    • n
    • Powiązanie z serią
    • 157
    • p
    • Kod kreskowy
    • 2003900047395
    • r
    • Cena
    • 24.0
    • w
    • Data inwentaryzacji
    • 2000-03-03
    • y
    • Status udostępniania
    • Tylko na miejscu
    • z
    • Sposób nabycia
    • wymiana zwarte
952 -Egzemplarz [ , ]
    • a
    • Numer inwentarzowy
    • Cg.28532
    • c
    • Sygnatura
    • Cg.65 (p.202)
    • d
    • Lokalizacja
    • BG Dział Udostępniania Biblioteka Główna
    • e
    • Akcesja
    • 00w15/1
    • i
    • Nr tomu wydaw.cg
    • Nr 261 (1998)
    • n
    • Powiązanie z serią
    • 52
    • p
    • Kod kreskowy
    • 2003000285321
    • r
    • Cena
    • 20.0
    • w
    • Data inwentaryzacji
    • 2000-01-21
    • y
    • Status udostępniania
    • Tylko na miejscu
    • z
    • Sposób nabycia
    • wymiana zwarte
952 -Egzemplarz [ , ]
    • a
    • Numer inwentarzowy
    • Nc.9409
    • c
    • Sygnatura
    • Nc.1880
    • d
    • Lokalizacja
    • BG Dział Udostępniania Biblioteka Główna
    • e
    • Akcesja
    • 00w15/3
    • i
    • Nr tomu wydaw.cg
    • Nr 259 (1998)
    • n
    • Powiązanie z serią
    • 137
    • p
    • Kod kreskowy
    • 2004400094094
    • r
    • Cena
    • 20.0
    • w
    • Data inwentaryzacji
    • 2000-01-21
    • y
    • Status udostępniania
    • Tylko na miejscu
    • z
    • Sposób nabycia
    • wymiana zwarte
952 -Egzemplarz [ , ]
    • a
    • Numer inwentarzowy
    • Cg.28665
    • c
    • Sygnatura
    • Cg.65 (p.202)
    • d
    • Lokalizacja
    • BG Dział Udostępniania Biblioteka Główna
    • e
    • Akcesja
    • 00w15/3
    • i
    • Nr tomu wydaw.cg
    • Nr 259 (1998)
    • n
    • Powiązanie z serią
    • 50
    • p
    • Kod kreskowy
    • 2003000286656
    • r
    • Cena
    • 20.0
    • w
    • Data inwentaryzacji
    • 2000-03-03
    • y
    • Status udostępniania
    • Tylko na miejscu
    • z
    • Sposób nabycia
    • wymiana zwarte
952 -Egzemplarz [ , ]
    • a
    • Numer inwentarzowy
    • Cg.28531
    • c
    • Sygnatura
    • Cg.65 (p.202)
    • d
    • Lokalizacja
    • BG Dział Udostępniania Biblioteka Główna
    • e
    • Akcesja
    • 99w173/4
    • i
    • Nr tomu wydaw.cg
    • Nr 266 (1998)
    • n
    • Powiązanie z serią
    • 56
    • p
    • Kod kreskowy
    • 2003000285314
    • r
    • Cena
    • 15.00
    • v
    • Data wprowadzenia opisu
    • 2018-01-10
    • w
    • Data inwentaryzacji
    • 2000-01-21
    • y
    • Status udostępniania
    • Tylko na miejscu
    • z
    • Sposób nabycia
    • wymiana zwarte
952 -Egzemplarz [ , ]
    • a
    • Numer inwentarzowy
    • Blc.5856
    • c
    • Sygnatura
    • Blc.2053
    • d
    • Lokalizacja
    • BG Dział Udostępniania Biblioteka Główna
    • e
    • Akcesja
    • 99w173/4
    • i
    • Nr tomu wydaw.cg
    • Nr 266 (1998)
    • n
    • Powiązanie z serią
    • 5
    • p
    • Kod kreskowy
    • 2002800058562
    • r
    • Cena
    • 15.00
    • w
    • Data inwentaryzacji
    • 1999-09-29
    • y
    • Status udostępniania
    • Tylko na miejscu
    • z
    • Sposób nabycia
    • wymiana zwarte
952 -Egzemplarz [ , ]
    • a
    • Numer inwentarzowy
    • Nc.9344
    • c
    • Sygnatura
    • Nc.1880
    • d
    • Lokalizacja
    • BG Dział Udostępniania Biblioteka Główna
    • e
    • Akcesja
    • 99w173/4
    • i
    • Nr tomu wydaw.cg
    • Nr 266 (1998)
    • n
    • Powiązanie z serią
    • 138
    • p
    • Kod kreskowy
    • 2004400093448
    • r
    • Cena
    • 15.00
    • w
    • Data inwentaryzacji
    • 1999-09-29
    • y
    • Status udostępniania
    • Tylko na miejscu
    • z
    • Sposób nabycia
    • wymiana zwarte
952 -Egzemplarz [ , ]
    • a
    • Numer inwentarzowy
    • Cg.28275
    • c
    • Sygnatura
    • Cg.65 (p.202)
    • d
    • Lokalizacja
    • BG Dział Udostępniania Biblioteka Główna
    • e
    • Akcesja
    • 99w173/4
    • i
    • Nr tomu wydaw.cg
    • Nr 265 (1999)
    • n
    • Powiązanie z serią
    • 55
    • p
    • Kod kreskowy
    • 2003000282757
    • r
    • Cena
    • 15.0
    • w
    • Data inwentaryzacji
    • 1999-09-29
    • y
    • Status udostępniania
    • Tylko na miejscu
    • z
    • Sposób nabycia
    • wymiana zwarte
952 -Egzemplarz [ , ]
    • a
    • Numer inwentarzowy
    • Pc.4696
    • c
    • Sygnatura
    • Pc.14/265
    • d
    • Lokalizacja
    • BM Biblioteka Międzywydziałowa
    • e
    • Akcesja
    • 99w173/4
    • i
    • Nr tomu wydaw.cg
    • Nr 265 (1999)
    • n
    • Powiązanie z serią
    • 154
    • p
    • Kod kreskowy
    • 2003900046961
    • r
    • Cena
    • 15.0
    • w
    • Data inwentaryzacji
    • 1999-09-29
    • y
    • Status udostępniania
    • Tylko na miejscu
    • z
    • Sposób nabycia
    • wymiana zwarte
952 -Egzemplarz [ , ]
    • a
    • Numer inwentarzowy
    • W.200254
    • d
    • Lokalizacja
    • BG Dział Udostępniania Biblioteka Główna
    • e
    • Akcesja
    • 99w173/4
    • i
    • Nr tomu wydaw.cg
    • Nr 263 (1998)
    • n
    • Powiązanie z serią
    • 303
    • p
    • Kod kreskowy
    • 2000102002542
    • r
    • Cena
    • 15.0
    • w
    • Data inwentaryzacji
    • 1999-09-29
    • y
    • Status udostępniania
    • miesięczne
    • z
    • Sposób nabycia
    • wymiana zwarte
952 -Egzemplarz [ , ]
    • a
    • Numer inwentarzowy
    • Cg.28274
    • c
    • Sygnatura
    • Cg.65 (p.202)
    • d
    • Lokalizacja
    • BG Dział Udostępniania Biblioteka Główna
    • e
    • Akcesja
    • 99w173/4
    • i
    • Nr tomu wydaw.cg
    • Nr 263 (1998)
    • n
    • Powiązanie z serią
    • 54
    • p
    • Kod kreskowy
    • 2003000282740
    • r
    • Cena
    • 15.0
    • w
    • Data inwentaryzacji
    • 1999-09-29
    • y
    • Status udostępniania
    • Tylko na miejscu
    • z
    • Sposób nabycia
    • wymiana zwarte
952 -Egzemplarz [ , ]
    • n
    • Powiązanie z serią
    • 194
    • c
    • Sygnatura
    • Pdc.2
    • r
    • Cena
    • 15.0
    • e
    • Akcesja
    • 99w173/4
    • f
    • Status książki wypożyczonej
    • Pdc
    • i
    • Nr tomu wydaw.cg
    • Nr 263
    • a
    • Numer inwentarzowy
    • Pdc.2588
    • w
    • Data inwentaryzacji
    • 1999-09-29
    • y
    • Status udostępniania
    • Tylko na miejscu
    • z
    • Sposób nabycia
    • wymiana zwarte
    • p
    • Kod kreskowy
    • 2004000025887
    • d
    • Lokalizacja
    • BG Dział Udostępniania Biblioteka Główna
    • g
    • Ubytek
    • 5/2018 - 2018-08-02
952 -Egzemplarz [ , ]
    • n
    • Powiązanie z serią
    • 195
    • c
    • Sygnatura
    • Pdc.2
    • r
    • Cena
    • 15.0
    • e
    • Akcesja
    • 99w173/4
    • f
    • Status książki wypożyczonej
    • Pdc
    • i
    • Nr tomu wydaw.cg
    • Nr 263
    • a
    • Numer inwentarzowy
    • Pdc.2603
    • w
    • Data inwentaryzacji
    • 2000-01-21
    • y
    • Status udostępniania
    • Tylko na miejscu
    • z
    • Sposób nabycia
    • wymiana zwarte
    • p
    • Kod kreskowy
    • 2004000026037
    • d
    • Lokalizacja
    • BG Dział Udostępniania Biblioteka Główna
    • g
    • Ubytek
    • 5/2018 - 2018-08-02
952 -Egzemplarz [ , ]
    • a
    • Numer inwentarzowy
    • W.200253
    • d
    • Lokalizacja
    • BG Dział Udostępniania Biblioteka Główna
    • e
    • Akcesja
    • 99w173/4
    • i
    • Nr tomu wydaw.cg
    • Nr 262 (1998)
    • n
    • Powiązanie z serią
    • 301
    • p
    • Kod kreskowy
    • 2000102002535
    • r
    • Cena
    • 15.0
    • w
    • Data inwentaryzacji
    • 1999-09-29
    • y
    • Status udostępniania
    • miesięczne
    • z
    • Sposób nabycia
    • wymiana zwarte
952 -Egzemplarz [ , ]
    • a
    • Numer inwentarzowy
    • Cg.28273
    • c
    • Sygnatura
    • Cg.65 (p.202)
    • d
    • Lokalizacja
    • BG Dział Udostępniania Biblioteka Główna
    • e
    • Akcesja
    • 99w173/4
    • i
    • Nr tomu wydaw.cg
    • Nr 262 (1998)
    • n
    • Powiązanie z serią
    • 53
    • p
    • Kod kreskowy
    • 2003000282733
    • r
    • Cena
    • 15.0
    • w
    • Data inwentaryzacji
    • 1999-09-29
    • y
    • Status udostępniania
    • Tylko na miejscu
    • z
    • Sposób nabycia
    • wymiana zwarte
952 -Egzemplarz [ , ]
    • a
    • Numer inwentarzowy
    • Fc.3636
    • c
    • Sygnatura
    • Hc.11
    • d
    • Lokalizacja
    • BNS Biblioteka Humanistyczna i Nauk Społecznych
    • e
    • Akcesja
    • 99w173/4
    • i
    • Nr tomu wydaw.cg
    • Nr 262 (1998)
    • n
    • Powiązanie z serią
    • 116
    • p
    • Kod kreskowy
    • 2003300036364
    • r
    • Cena
    • 15.0
    • w
    • Data inwentaryzacji
    • 1999-09-29
    • y
    • Status udostępniania
    • Tylko na miejscu
    • z
    • Sposób nabycia
    • wymiana zwarte
952 -Egzemplarz [ , ]
    • a
    • Numer inwentarzowy
    • Fc.3767
    • c
    • Sygnatura
    • H.11
    • d
    • Lokalizacja
    • BNS Biblioteka Humanistyczna i Nauk Społecznych
    • e
    • Akcesja
    • 99w173/4
    • i
    • Nr tomu wydaw.cg
    • Nr 262 (1998)
    • n
    • Powiązanie z serią
    • 117
    • p
    • Kod kreskowy
    • 2003300037675
    • r
    • Cena
    • 15.0
    • w
    • Data inwentaryzacji
    • 2000-09-11
    • y
    • Status udostępniania
    • krótkoterminowe
    • z
    • Sposób nabycia
    • wymiana zwarte
952 -Egzemplarz [ , ]
    • n
    • Powiązanie z serią
    • 302
    • c
    • Sygnatura
    • W.16418
    • r
    • Cena
    • 15.0
    • e
    • Akcesja
    • 99w173/4
    • f
    • Status książki wypożyczonej
    • W
    • i
    • Nr tomu wydaw.cg
    • Nr 262
    • a
    • Numer inwentarzowy
    • W.201136
    • w
    • Data inwentaryzacji
    • 2003-07-25
    • y
    • Status udostępniania
    • Niedostępne
    • z
    • Sposób nabycia
    • wymiana zwarte
    • p
    • Kod kreskowy
    • 2000102011360
    • d
    • Lokalizacja
    • BG Dział Udostępniania Biblioteka Główna
    • g
    • Ubytek
    • 362/2011 - 2011-03-08
952 -Egzemplarz [ , ]
    • a
    • Numer inwentarzowy
    • Cg.31567
    • c
    • Sygnatura
    • Cg.65 (p.202)
    • d
    • Lokalizacja
    • BG Dział Udostępniania Biblioteka Główna
    • e
    • Akcesja
    • 04w343/1
    • i
    • Nr tomu wydaw.cg
    • Nr 325 (2003)
    • n
    • Powiązanie z serią
    • 85
    • p
    • Kod kreskowy
    • 2003000315677
    • r
    • Cena
    • 18.0
    • w
    • Data inwentaryzacji
    • 2005-09-19
    • y
    • Status udostępniania
    • Tylko na miejscu
    • z
    • Sposób nabycia
    • wymiana zwarte
952 -Egzemplarz [ , ]
    • a
    • Numer inwentarzowy
    • W.201088
    • d
    • Lokalizacja
    • BG Dział Udostępniania Biblioteka Główna
    • e
    • Akcesja
    • 99w43/3
    • i
    • Nr tomu wydaw.cg
    • Nr 254 (1998)
    • n
    • Powiązanie z serią
    • 290
    • p
    • Kod kreskowy
    • 2000102010882
    • r
    • Cena
    • 22.0
    • w
    • Data inwentaryzacji
    • 2003-07-25
    • y
    • Status udostępniania
    • miesięczne
    • z
    • Sposób nabycia
    • wymiana zwarte
952 -Egzemplarz [ , ]
    • a
    • Numer inwentarzowy
    • Cg.28078
    • c
    • Sygnatura
    • Cg.65 (p.202)
    • d
    • Lokalizacja
    • BG Dział Udostępniania Biblioteka Główna
    • e
    • Akcesja
    • 99w43/3
    • i
    • Nr tomu wydaw.cg
    • Nr 254 (1998)
    • n
    • Powiązanie z serią
    • 45
    • p
    • Kod kreskowy
    • 2003000280784
    • r
    • Cena
    • 22.0
    • w
    • Data inwentaryzacji
    • 1999-03-10
    • y
    • Status udostępniania
    • Tylko na miejscu
    • z
    • Sposób nabycia
    • wymiana zwarte
952 -Egzemplarz [ , ]
    • a
    • Numer inwentarzowy
    • Fc.3605
    • c
    • Sygnatura
    • Hc.11
    • d
    • Lokalizacja
    • BNS Biblioteka Humanistyczna i Nauk Społecznych
    • e
    • Akcesja
    • 99w43/3
    • i
    • Nr tomu wydaw.cg
    • Nr 254 (1998)
    • n
    • Powiązanie z serią
    • 112
    • p
    • Kod kreskowy
    • 2003300036050
    • r
    • Cena
    • 22.0
    • w
    • Data inwentaryzacji
    • 1999-03-10
    • y
    • Status udostępniania
    • krótkoterminowe
    • z
    • Sposób nabycia
    • wymiana zwarte
952 -Egzemplarz [ , ]
    • a
    • Numer inwentarzowy
    • Hc.3045
    • c
    • Sygnatura
    • Hc.11
    • d
    • Lokalizacja
    • BNS Biblioteka Humanistyczna i Nauk Społecznych
    • e
    • Akcesja
    • 99w43/3
    • i
    • Nr tomu wydaw.cg
    • Nr 254 (1998)
    • n
    • Powiązanie z serią
    • 129
    • p
    • Kod kreskowy
    • 2003500030452
    • r
    • Cena
    • 22.0
    • w
    • Data inwentaryzacji
    • 1999-03-10
    • y
    • Status udostępniania
    • Tylko na miejscu
    • z
    • Sposób nabycia
    • wymiana zwarte
952 -Egzemplarz [ , ]
    • a
    • Numer inwentarzowy
    • W.201086
    • d
    • Lokalizacja
    • BG Dział Udostępniania Biblioteka Główna
    • e
    • Akcesja
    • 99w41/1
    • i
    • Nr tomu wydaw.cg
    • Nr 252 (1998)
    • n
    • Powiązanie z serią
    • 289
    • p
    • Kod kreskowy
    • 2000102010868
    • r
    • Cena
    • 19.0
    • w
    • Data inwentaryzacji
    • 2003-07-25
    • y
    • Status udostępniania
    • miesięczne
    • z
    • Sposób nabycia
    • wymiana zwarte
952 -Egzemplarz [ , ]
    • a
    • Numer inwentarzowy
    • Cg.28077
    • c
    • Sygnatura
    • Cg.65 (p.202)
    • d
    • Lokalizacja
    • BG Dział Udostępniania Biblioteka Główna
    • e
    • Akcesja
    • 99w41/1
    • i
    • Nr tomu wydaw.cg
    • Nr 252 (1998)
    • n
    • Powiązanie z serią
    • 44
    • p
    • Kod kreskowy
    • 2003000280777
    • r
    • Cena
    • 19.0
    • w
    • Data inwentaryzacji
    • 1999-03-10
    • y
    • Status udostępniania
    • Tylko na miejscu
    • z
    • Sposób nabycia
    • wymiana zwarte
952 -Egzemplarz [ , ]
    • a
    • Numer inwentarzowy
    • Hc.3044
    • c
    • Sygnatura
    • Hc.11
    • d
    • Lokalizacja
    • BNS Biblioteka Humanistyczna i Nauk Społecznych
    • e
    • Akcesja
    • 99w41/1
    • i
    • Nr tomu wydaw.cg
    • Nr 252 (1998)
    • n
    • Powiązanie z serią
    • 128
    • p
    • Kod kreskowy
    • 2003500030445
    • r
    • Cena
    • 19.0
    • w
    • Data inwentaryzacji
    • 1999-03-10
    • y
    • Status udostępniania
    • Tylko na miejscu
    • z
    • Sposób nabycia
    • wymiana zwarte
952 -Egzemplarz [ , ]
    • a
    • Numer inwentarzowy
    • Fc.3604
    • c
    • Sygnatura
    • Hc.11
    • d
    • Lokalizacja
    • BNS Biblioteka Humanistyczna i Nauk Społecznych
    • e
    • Akcesja
    • 99w41/1
    • i
    • Nr tomu wydaw.cg
    • Nr 252 (1998)
    • n
    • Powiązanie z serią
    • 110
    • p
    • Kod kreskowy
    • 2003300036043
    • r
    • Cena
    • 19.0
    • w
    • Data inwentaryzacji
    • 1999-03-10
    • y
    • Status udostępniania
    • krótkoterminowe
    • z
    • Sposób nabycia
    • wymiana zwarte
952 -Egzemplarz [ , ]
    • a
    • Numer inwentarzowy
    • Cg.28064
    • c
    • Sygnatura
    • Cg.65 (p.202)
    • d
    • Lokalizacja
    • BG Dział Udostępniania Biblioteka Główna
    • e
    • Akcesja
    • 98w140/2
    • i
    • Nr tomu wydaw.cg
    • Nr 242 (1997)
    • n
    • Powiązanie z serią
    • 36
    • p
    • Kod kreskowy
    • 2003000280647
    • r
    • Cena
    • 13.0
    • w
    • Data inwentaryzacji
    • 1999-03-10
    • y
    • Status udostępniania
    • Tylko na miejscu
    • z
    • Sposób nabycia
    • wymiana zwarte
952 -Egzemplarz [ , ]
    • a
    • Numer inwentarzowy
    • Ac.214
    • c
    • Sygnatura
    • ANG. Jane Austen 03
    • d
    • Lokalizacja
    • BM Biblioteka Międzywydziałowa
    • e
    • Akcesja
    • 98w140/2
    • i
    • Nr tomu wydaw.cg
    • Nr 242 (1997)
    • n
    • Powiązanie z serią
    • 2
    • p
    • Kod kreskowy
    • 2002700002146
    • r
    • Cena
    • 13.0
    • v
    • Data wprowadzenia opisu
    • 2017-12-18
    • w
    • Data inwentaryzacji
    • 1999-03-10
    • y
    • Status udostępniania
    • Tylko na miejscu
    • z
    • Sposób nabycia
    • wymiana zwarte
952 -Egzemplarz [ , ]
    • a
    • Numer inwentarzowy
    • Cg.28063
    • c
    • Sygnatura
    • Cg.65 (p.202)
    • d
    • Lokalizacja
    • BG Dział Udostępniania Biblioteka Główna
    • e
    • Akcesja
    • 98w140/1
    • i
    • Nr tomu wydaw.cg
    • Nr 244 (1997)
    • n
    • Powiązanie z serią
    • 37
    • p
    • Kod kreskowy
    • 2003000280630
    • r
    • Cena
    • 12.0
    • w
    • Data inwentaryzacji
    • 1999-03-10
    • y
    • Status udostępniania
    • Tylko na miejscu
    • z
    • Sposób nabycia
    • wymiana zwarte
952 -Egzemplarz [ , ]
    • n
    • Powiązanie z serią
    • 189
    • c
    • Sygnatura
    • Pdc.2
    • r
    • Cena
    • 12.0
    • e
    • Akcesja
    • 98w140/1
    • f
    • Status książki wypożyczonej
    • Pdc
    • i
    • Nr tomu wydaw.cg
    • Nr 244
    • a
    • Numer inwentarzowy
    • Pdc.2432
    • w
    • Data inwentaryzacji
    • 1999-03-10
    • y
    • Status udostępniania
    • Tylko na miejscu
    • z
    • Sposób nabycia
    • wymiana zwarte
    • p
    • Kod kreskowy
    • 2004000024323
    • d
    • Lokalizacja
    • BG Dział Udostępniania Biblioteka Główna
    • g
    • Ubytek
    • 5/2018 - 2018-08-02
952 -Egzemplarz [ , ]
    • a
    • Numer inwentarzowy
    • W.201133
    • d
    • Lokalizacja
    • BG Dział Udostępniania Biblioteka Główna
    • e
    • Akcesja
    • 99w42/9
    • i
    • Nr tomu wydaw.cg
    • Nr 260 (1998)
    • n
    • Powiązanie z serią
    • 300
    • p
    • Kod kreskowy
    • 2000102011339
    • r
    • Cena
    • 19.0
    • w
    • Data inwentaryzacji
    • 2003-07-25
    • y
    • Status udostępniania
    • miesięczne
    • z
    • Sposób nabycia
    • wymiana zwarte
952 -Egzemplarz [ , ]
    • a
    • Numer inwentarzowy
    • W.197998
    • d
    • Lokalizacja
    • BG Dział Udostępniania Biblioteka Główna
    • e
    • Akcesja
    • 99w42/9
    • i
    • Nr tomu wydaw.cg
    • Nr 260 (1998)
    • n
    • Powiązanie z serią
    • 299
    • p
    • Kod kreskowy
    • 2000101979982
    • r
    • Cena
    • 19.0
    • w
    • Data inwentaryzacji
    • 1999-03-10
    • y
    • Status udostępniania
    • miesięczne
    • z
    • Sposób nabycia
    • wymiana zwarte
952 -Egzemplarz [ , ]
    • a
    • Numer inwentarzowy
    • Cg.28076
    • c
    • Sygnatura
    • Cg.65 (p.202)
    • d
    • Lokalizacja
    • BG Dział Udostępniania Biblioteka Główna
    • e
    • Akcesja
    • 99w42/9
    • i
    • Nr tomu wydaw.cg
    • Nr 260 (1998)
    • n
    • Powiązanie z serią
    • 51
    • p
    • Kod kreskowy
    • 2003000280760
    • r
    • Cena
    • 19.0
    • w
    • Data inwentaryzacji
    • 1999-03-10
    • y
    • Status udostępniania
    • Tylko na miejscu
    • z
    • Sposób nabycia
    • wymiana zwarte
952 -Egzemplarz [ , ]
    • a
    • Numer inwentarzowy
    • Fc.3603
    • c
    • Sygnatura
    • Hc.11
    • d
    • Lokalizacja
    • BNS Biblioteka Humanistyczna i Nauk Społecznych
    • e
    • Akcesja
    • 99w42/9
    • i
    • Nr tomu wydaw.cg
    • Nr 260 (1998)
    • n
    • Powiązanie z serią
    • 115
    • p
    • Kod kreskowy
    • 2003300036036
    • r
    • Cena
    • 19.0
    • w
    • Data inwentaryzacji
    • 1999-03-10
    • y
    • Status udostępniania
    • Tylko na miejscu
    • z
    • Sposób nabycia
    • wymiana zwarte
952 -Egzemplarz [ , ]
    • a
    • Numer inwentarzowy
    • Cg.28075
    • c
    • Sygnatura
    • Cg.65 (p.202)
    • d
    • Lokalizacja
    • BG Dział Udostępniania Biblioteka Główna
    • e
    • Akcesja
    • 99w42/8
    • i
    • Nr tomu wydaw.cg
    • Nr 255 (1998)
    • n
    • Powiązanie z serią
    • 46
    • p
    • Kod kreskowy
    • 2003000280753
    • r
    • Cena
    • 16.0
    • w
    • Data inwentaryzacji
    • 1999-03-10
    • y
    • Status udostępniania
    • Tylko na miejscu
    • z
    • Sposób nabycia
    • wymiana zwarte
952 -Egzemplarz [ , ]
    • a
    • Numer inwentarzowy
    • Fc.3602
    • c
    • Sygnatura
    • Hc.11
    • d
    • Lokalizacja
    • BNS Biblioteka Humanistyczna i Nauk Społecznych
    • e
    • Akcesja
    • 99w42/8
    • i
    • Nr tomu wydaw.cg
    • Nr 255 (1998)
    • n
    • Powiązanie z serią
    • 113
    • p
    • Kod kreskowy
    • 2003300036029
    • r
    • Cena
    • 16.0
    • w
    • Data inwentaryzacji
    • 1999-03-10
    • y
    • Status udostępniania
    • Tylko na miejscu
    • z
    • Sposób nabycia
    • wymiana zwarte
952 -Egzemplarz [ , ]
    • a
    • Numer inwentarzowy
    • W.197996
    • d
    • Lokalizacja
    • BG Dział Udostępniania Biblioteka Główna
    • e
    • Akcesja
    • 99w42/7
    • i
    • Nr tomu wydaw.cg
    • Nr 251 (1997)
    • n
    • Powiązanie z serią
    • 287
    • p
    • Kod kreskowy
    • 2000101979968
    • r
    • Cena
    • 16.0
    • w
    • Data inwentaryzacji
    • 1999-03-10
    • y
    • Status udostępniania
    • miesięczne
    • z
    • Sposób nabycia
    • wymiana zwarte
952 -Egzemplarz [ , ]
    • a
    • Numer inwentarzowy
    • Cg.28074
    • c
    • Sygnatura
    • Cg.65 (p.202)
    • d
    • Lokalizacja
    • BG Dział Udostępniania Biblioteka Główna
    • e
    • Akcesja
    • 99w42/7
    • i
    • Nr tomu wydaw.cg
    • Nr 251 (1997)
    • n
    • Powiązanie z serią
    • 43
    • p
    • Kod kreskowy
    • 2003000280746
    • r
    • Cena
    • 16.0
    • w
    • Data inwentaryzacji
    • 1999-03-10
    • y
    • Status udostępniania
    • Tylko na miejscu
    • z
    • Sposób nabycia
    • wymiana zwarte
952 -Egzemplarz [ , ]
    • a
    • Numer inwentarzowy
    • Hc.3043
    • c
    • Sygnatura
    • Hc.11
    • d
    • Lokalizacja
    • BNS Biblioteka Humanistyczna i Nauk Społecznych
    • e
    • Akcesja
    • 99w42/7
    • i
    • Nr tomu wydaw.cg
    • Nr 251 (1997)
    • n
    • Powiązanie z serią
    • 127
    • p
    • Kod kreskowy
    • 2003500030438
    • r
    • Cena
    • 16.0
    • w
    • Data inwentaryzacji
    • 1999-03-10
    • y
    • Status udostępniania
    • Tylko na miejscu
    • z
    • Sposób nabycia
    • wymiana zwarte
952 -Egzemplarz [ , ]
    • n
    • Powiązanie z serią
    • 288
    • c
    • Sygnatura
    • W.16418
    • r
    • Cena
    • 16.0
    • e
    • Akcesja
    • 99w42/7
    • f
    • Status książki wypożyczonej
    • W
    • i
    • Nr tomu wydaw.cg
    • Nr 251
    • a
    • Numer inwentarzowy
    • W.201087
    • w
    • Data inwentaryzacji
    • 2003-07-25
    • y
    • Status udostępniania
    • Niedostępne
    • z
    • Sposób nabycia
    • wymiana zwarte
    • p
    • Kod kreskowy
    • 2000102010875
    • d
    • Lokalizacja
    • BG Dział Udostępniania Biblioteka Główna
    • g
    • Ubytek
    • 361/2011 - 2011-03-04
952 -Egzemplarz [ , ]
    • a
    • Numer inwentarzowy
    • W.197997
    • d
    • Lokalizacja
    • BG Dział Udostępniania Biblioteka Główna
    • e
    • Akcesja
    • 99w42/8
    • i
    • Nr tomu wydaw.cg
    • Nr 255 (1998)
    • p
    • Kod kreskowy
    • 2000101979975
    • r
    • Cena
    • 16.0
    • w
    • Data inwentaryzacji
    • 1999-03-10
    • y
    • Status udostępniania
    • miesięczne
952 -Egzemplarz [ , ]
    • a
    • Numer inwentarzowy
    • W.201089
    • d
    • Lokalizacja
    • BG Dział Udostępniania Biblioteka Główna
    • e
    • Akcesja
    • 99w42/8
    • i
    • Nr tomu wydaw.cg
    • Nr 255 (1998)
    • p
    • Kod kreskowy
    • 2000102010899
    • r
    • Cena
    • 16.0
    • w
    • Data inwentaryzacji
    • 2003-07-25
    • y
    • Status udostępniania
    • miesięczne
952 -Egzemplarz [ , ]
    • a
    • Numer inwentarzowy
    • W.201093
    • d
    • Lokalizacja
    • BG Dział Udostępniania Biblioteka Główna
    • e
    • Akcesja
    • 99w42/6
    • i
    • Nr tomu wydaw.cg
    • Nr 249 (1997)
    • n
    • Powiązanie z serią
    • 284
    • p
    • Kod kreskowy
    • 2000102010936
    • r
    • Cena
    • 11.0
    • w
    • Data inwentaryzacji
    • 2003-07-25
    • y
    • Status udostępniania
    • krótkoterminowe
    • z
    • Sposób nabycia
    • wymiana zwarte
952 -Egzemplarz [ , ]
    • a
    • Numer inwentarzowy
    • Cg.28073
    • c
    • Sygnatura
    • Cg.65 (p.202)
    • d
    • Lokalizacja
    • BG Dział Udostępniania Biblioteka Główna
    • e
    • Akcesja
    • 99w42/6
    • i
    • Nr tomu wydaw.cg
    • Nr 249 (1997)
    • n
    • Powiązanie z serią
    • 41
    • p
    • Kod kreskowy
    • 2003000280739
    • r
    • Cena
    • 11.0
    • w
    • Data inwentaryzacji
    • 1999-03-10
    • y
    • Status udostępniania
    • Tylko na miejscu
    • z
    • Sposób nabycia
    • wymiana zwarte
952 -Egzemplarz [ , ]
    • n
    • Powiązanie z serią
    • 193
    • c
    • Sygnatura
    • Pdc.2
    • r
    • Cena
    • 11.0
    • e
    • Akcesja
    • 99w42/6
    • f
    • Status książki wypożyczonej
    • Pdc
    • i
    • Nr tomu wydaw.cg
    • Nr 249
    • a
    • Numer inwentarzowy
    • Pdc.2436
    • w
    • Data inwentaryzacji
    • 1999-03-10
    • y
    • Status udostępniania
    • Tylko na miejscu
    • z
    • Sposób nabycia
    • wymiana zwarte
    • p
    • Kod kreskowy
    • 2004000024361
    • d
    • Lokalizacja
    • BG Dział Udostępniania Biblioteka Główna
    • g
    • Ubytek
    • 5/2018 - 2018-08-02
952 -Egzemplarz [ , ]
    • a
    • Numer inwentarzowy
    • Cg.28068
    • c
    • Sygnatura
    • Cg.65 (p.202)
    • d
    • Lokalizacja
    • BG Dział Udostępniania Biblioteka Główna
    • e
    • Akcesja
    • 99w41/6
    • i
    • Nr tomu wydaw.cg
    • Nr 257 (1998)
    • n
    • Powiązanie z serią
    • 48
    • p
    • Kod kreskowy
    • 2003000280685
    • r
    • Cena
    • 17.0
    • w
    • Data inwentaryzacji
    • 1999-03-10
    • y
    • Status udostępniania
    • Tylko na miejscu
    • z
    • Sposób nabycia
    • wymiana zwarte
952 -Egzemplarz [ , ]
    • a
    • Numer inwentarzowy
    • Gc.1270
    • c
    • Sygnatura
    • Pc.14
    • d
    • Lokalizacja
    • BM Biblioteka Międzywydziałowa
    • e
    • Akcesja
    • 99w41/6
    • i
    • Nr tomu wydaw.cg
    • Nr 257 (1998)
    • n
    • Powiązanie z serią
    • 121
    • p
    • Kod kreskowy
    • 2003400012701
    • r
    • Cena
    • 17.0
    • w
    • Data inwentaryzacji
    • 1999-03-10
    • y
    • Status udostępniania
    • Tylko na miejscu
    • z
    • Sposób nabycia
    • wymiana zwarte
952 -Egzemplarz [ , ]
    • a
    • Numer inwentarzowy
    • Fc.3600
    • c
    • Sygnatura
    • Hc.11
    • d
    • Lokalizacja
    • BNS Biblioteka Humanistyczna i Nauk Społecznych
    • e
    • Akcesja
    • 99w41/6
    • i
    • Nr tomu wydaw.cg
    • Nr 257 (1998)
    • n
    • Powiązanie z serią
    • 114
    • p
    • Kod kreskowy
    • 2003300036005
    • r
    • Cena
    • 17.0
    • w
    • Data inwentaryzacji
    • 1999-03-10
    • y
    • Status udostępniania
    • Tylko na miejscu
    • z
    • Sposób nabycia
    • wymiana zwarte
952 -Egzemplarz [ , ]
    • n
    • Powiązanie z serią
    • 295
    • c
    • Sygnatura
    • W.16418
    • r
    • Cena
    • 17.0
    • e
    • Akcesja
    • 99w41/6
    • f
    • Status książki wypożyczonej
    • W
    • i
    • Nr tomu wydaw.cg
    • Nr 257
    • a
    • Numer inwentarzowy
    • W.201134
    • w
    • Data inwentaryzacji
    • 2003-07-25
    • y
    • Status udostępniania
    • Niedostępne
    • z
    • Sposób nabycia
    • wymiana zwarte
    • p
    • Kod kreskowy
    • 2000102011346
    • d
    • Lokalizacja
    • BG Dział Udostępniania Biblioteka Główna
    • g
    • Ubytek
    • 362/2011 - 2011-03-08
952 -Egzemplarz [ , ]
    • n
    • Powiązanie z serią
    • 122
    • c
    • Sygnatura
    • Gc.1270
    • r
    • Cena
    • 17.0
    • e
    • Akcesja
    • 99w41/6
    • f
    • Status książki wypożyczonej
    • Gc
    • i
    • Nr tomu wydaw.cg
    • Nr 257
    • a
    • Numer inwentarzowy
    • Gc.2104
    • w
    • Data inwentaryzacji
    • 2001-12-20
    • y
    • Status udostępniania
    • Zaginiona
    • z
    • Sposób nabycia
    • wymiana zwarte
    • p
    • Kod kreskowy
    • 2003400021048
    • d
    • Lokalizacja
    • BM Biblioteka Międzywydziałowa
    • g
    • Ubytek
    • 7/2019 - 2019-04-30
952 -Egzemplarz [ , ]
    • a
    • Numer inwentarzowy
    • W.197993
    • d
    • Lokalizacja
    • BG Dział Udostępniania Biblioteka Główna
    • e
    • Akcesja
    • 99w41/7
    • i
    • Nr tomu wydaw.cg
    • Nr 250 (1998)
    • n
    • Powiązanie z serią
    • 285
    • p
    • Kod kreskowy
    • 2000101979937
    • r
    • Cena
    • 11.0
    • w
    • Data inwentaryzacji
    • 1999-03-10
    • y
    • Status udostępniania
    • miesięczne
    • z
    • Sposób nabycia
    • wymiana zwarte
952 -Egzemplarz [ , ]
    • a
    • Numer inwentarzowy
    • Cg.28069
    • c
    • Sygnatura
    • Cg.65 (p.202)
    • d
    • Lokalizacja
    • BG Dział Udostępniania Biblioteka Główna
    • e
    • Akcesja
    • 99w41/7
    • i
    • Nr tomu wydaw.cg
    • Nr 250 (1998)
    • n
    • Powiązanie z serią
    • 42
    • p
    • Kod kreskowy
    • 2003000280692
    • r
    • Cena
    • 11.0
    • w
    • Data inwentaryzacji
    • 1999-03-10
    • y
    • Status udostępniania
    • Tylko na miejscu
    • z
    • Sposób nabycia
    • wymiana zwarte
952 -Egzemplarz [ , ]
    • a
    • Numer inwentarzowy
    • W.201091
    • d
    • Lokalizacja
    • BG Dział Udostępniania Biblioteka Główna
    • e
    • Akcesja
    • 99w41/7
    • i
    • Nr tomu wydaw.cg
    • Nr 250 (1998)
    • n
    • Powiązanie z serią
    • 286
    • p
    • Kod kreskowy
    • 2000102010912
    • r
    • Cena
    • 11.0
    • w
    • Data inwentaryzacji
    • 2003-07-25
    • y
    • Status udostępniania
    • miesięczne
    • z
    • Sposób nabycia
    • wymiana zwarte
952 -Egzemplarz [ , ]
    • a
    • Numer inwentarzowy
    • Ac.215
    • c
    • Sygnatura
    • ANG. Językoznawstwo 067
    • d
    • Lokalizacja
    • BM Biblioteka Międzywydziałowa
    • e
    • Akcesja
    • 99w41/7
    • i
    • Nr tomu wydaw.cg
    • Nr 250 (1998)
    • n
    • Powiązanie z serią
    • 3
    • p
    • Kod kreskowy
    • 2002700002153
    • r
    • Cena
    • 11.0
    • v
    • Data wprowadzenia opisu
    • 2017-06-30
    • w
    • Data inwentaryzacji
    • 1999-03-10
    • y
    • Status udostępniania
    • Tylko na miejscu
    • z
    • Sposób nabycia
    • wymiana zwarte
952 -Egzemplarz [ , ]
    • a
    • Numer inwentarzowy
    • W.201094
    • d
    • Lokalizacja
    • BG Dział Udostępniania Biblioteka Główna
    • e
    • Akcesja
    • 99w41/4
    • i
    • Nr tomu wydaw.cg
    • Nr 247 (1997)
    • n
    • Powiązanie z serią
    • 281
    • p
    • Kod kreskowy
    • 2000102010943
    • r
    • Cena
    • 17.0
    • w
    • Data inwentaryzacji
    • 2003-07-25
    • y
    • Status udostępniania
    • miesięczne
    • z
    • Sposób nabycia
    • wymiana zwarte
952 -Egzemplarz [ , ]
    • a
    • Numer inwentarzowy
    • Cg.28067
    • c
    • Sygnatura
    • Cg.65 (p.202)
    • d
    • Lokalizacja
    • BG Dział Udostępniania Biblioteka Główna
    • e
    • Akcesja
    • 99w41/4
    • i
    • Nr tomu wydaw.cg
    • Nr 247 (1997)
    • n
    • Powiązanie z serią
    • 39
    • p
    • Kod kreskowy
    • 2003000280678
    • r
    • Cena
    • 17.0
    • w
    • Data inwentaryzacji
    • 1999-03-10
    • y
    • Status udostępniania
    • Tylko na miejscu
    • z
    • Sposób nabycia
    • wymiana zwarte
952 -Egzemplarz [ , ]
    • n
    • Powiązanie z serią
    • 192
    • c
    • Sygnatura
    • Pdc.2
    • r
    • Cena
    • 17.0
    • e
    • Akcesja
    • 99w41/4
    • f
    • Status książki wypożyczonej
    • Pdc
    • i
    • Nr tomu wydaw.cg
    • Nr 247
    • a
    • Numer inwentarzowy
    • Pdc.2434
    • w
    • Data inwentaryzacji
    • 1999-03-10
    • y
    • Status udostępniania
    • Tylko na miejscu
    • z
    • Sposób nabycia
    • wymiana zwarte
    • p
    • Kod kreskowy
    • 2004000024347
    • d
    • Lokalizacja
    • BG Dział Udostępniania Biblioteka Główna
    • g
    • Ubytek
    • 5/2018 - 2018-08-02
952 -Egzemplarz [ , ]
    • n
    • Powiązanie z serią
    • 191
    • c
    • Sygnatura
    • Pdc.2
    • r
    • Cena
    • 17.0
    • e
    • Akcesja
    • 99w41/4
    • f
    • Status książki wypożyczonej
    • Pdc
    • i
    • Nr tomu wydaw.cg
    • Nr 247
    • a
    • Numer inwentarzowy
    • Pdc.2433
    • w
    • Data inwentaryzacji
    • 1999-03-10
    • y
    • Status udostępniania
    • Tylko na miejscu
    • z
    • Sposób nabycia
    • wymiana zwarte
    • p
    • Kod kreskowy
    • 2004000024330
    • d
    • Lokalizacja
    • BG Dział Udostępniania Biblioteka Główna
    • g
    • Ubytek
    • 5/2018 - 2018-08-02
952 -Egzemplarz [ , ]
    • a
    • Numer inwentarzowy
    • W.197991
    • d
    • Lokalizacja
    • BG Dział Udostępniania Biblioteka Główna
    • e
    • Akcesja
    • 99w41/2
    • i
    • Nr tomu wydaw.cg
    • Nr 256 (1998)
    • n
    • Powiązanie z serią
    • 293
    • p
    • Kod kreskowy
    • 2000101979913
    • r
    • Cena
    • 18.0
    • w
    • Data inwentaryzacji
    • 1999-03-10
    • y
    • Status udostępniania
    • miesięczne
    • z
    • Sposób nabycia
    • wymiana zwarte
952 -Egzemplarz [ , ]
    • a
    • Numer inwentarzowy
    • Cg.28065
    • c
    • Sygnatura
    • Cg.65 (p.202)
    • d
    • Lokalizacja
    • BG Dział Udostępniania Biblioteka Główna
    • e
    • Akcesja
    • 99w41/2
    • i
    • Nr tomu wydaw.cg
    • Nr 256 (1998)
    • n
    • Powiązanie z serią
    • 47
    • p
    • Kod kreskowy
    • 2003000280654
    • r
    • Cena
    • 18.0
    • w
    • Data inwentaryzacji
    • 1999-03-10
    • y
    • Status udostępniania
    • Tylko na miejscu
    • z
    • Sposób nabycia
    • wymiana zwarte
952 -Egzemplarz [ , ]
    • n
    • Powiązanie z serią
    • 294
    • c
    • Sygnatura
    • W.16418
    • r
    • Cena
    • 18.0
    • e
    • Akcesja
    • 99w41/2
    • f
    • Status książki wypożyczonej
    • W
    • i
    • Nr tomu wydaw.cg
    • Nr 256
    • a
    • Numer inwentarzowy
    • W.201090
    • w
    • Data inwentaryzacji
    • 2003-07-25
    • y
    • Status udostępniania
    • Niedostępne
    • z
    • Sposób nabycia
    • wymiana zwarte
    • p
    • Kod kreskowy
    • 2000102010905
    • d
    • Lokalizacja
    • BG Dział Udostępniania Biblioteka Główna
    • g
    • Ubytek
    • 361/2011 - 2011-03-04
952 -Egzemplarz [ , ]
    • a
    • Numer inwentarzowy
    • W.197992
    • d
    • Lokalizacja
    • BG Dział Udostępniania Biblioteka Główna
    • e
    • Akcesja
    • 99w41/3
    • i
    • Nr tomu wydaw.cg
    • Nr 248 (1998)
    • n
    • Powiązanie z serią
    • 282
    • p
    • Kod kreskowy
    • 2000101979920
    • r
    • Cena
    • 15.0
    • w
    • Data inwentaryzacji
    • 1999-03-10
    • y
    • Status udostępniania
    • miesięczne
    • z
    • Sposób nabycia
    • wymiana zwarte
952 -Egzemplarz [ , ]
    • a
    • Numer inwentarzowy
    • Cg.28066
    • c
    • Sygnatura
    • Cg.65 (p.202)
    • d
    • Lokalizacja
    • BG Dział Udostępniania Biblioteka Główna
    • e
    • Akcesja
    • 99w41/3
    • i
    • Nr tomu wydaw.cg
    • Nr 248 (1998)
    • n
    • Powiązanie z serią
    • 40
    • p
    • Kod kreskowy
    • 2003000280661
    • r
    • Cena
    • 15.0
    • w
    • Data inwentaryzacji
    • 1999-03-10
    • y
    • Status udostępniania
    • Tylko na miejscu
    • z
    • Sposób nabycia
    • wymiana zwarte
952 -Egzemplarz [ , ]
    • a
    • Numer inwentarzowy
    • Pc.4634
    • c
    • Sygnatura
    • Pc.14/248
    • d
    • Lokalizacja
    • BM Biblioteka Międzywydziałowa
    • e
    • Akcesja
    • 99w41/3
    • i
    • Nr tomu wydaw.cg
    • Nr 248 (1998)
    • n
    • Powiązanie z serią
    • 153
    • p
    • Kod kreskowy
    • 2003900046343
    • r
    • Cena
    • 15.0
    • w
    • Data inwentaryzacji
    • 1999-03-10
    • y
    • Status udostępniania
    • Tylko na miejscu
    • z
    • Sposób nabycia
    • wymiana zwarte
952 -Egzemplarz [ , ]
    • n
    • Powiązanie z serią
    • 283
    • c
    • Sygnatura
    • W.16418
    • r
    • Cena
    • 15.0
    • e
    • Akcesja
    • 99w41/3
    • f
    • Status książki wypożyczonej
    • W
    • i
    • Nr tomu wydaw.cg
    • Nr 248
    • a
    • Numer inwentarzowy
    • W.201135
    • w
    • Data inwentaryzacji
    • 2003-07-25
    • y
    • Status udostępniania
    • Niedostępne
    • z
    • Sposób nabycia
    • wymiana zwarte
    • p
    • Kod kreskowy
    • 2000102011353
    • d
    • Lokalizacja
    • BG Dział Udostępniania Biblioteka Główna
    • g
    • Ubytek
    • 362/2011 - 2011-03-08
952 -Egzemplarz [ , ]
    • a
    • Numer inwentarzowy
    • Cg.27211
    • c
    • Sygnatura
    • Cg.65 (p.202)
    • d
    • Lokalizacja
    • BG Dział Udostępniania Biblioteka Główna
    • e
    • Akcesja
    • 97w119/5
    • i
    • Nr tomu wydaw.cg
    • Nr 240 (1997)
    • n
    • Powiązanie z serią
    • 35
    • p
    • Kod kreskowy
    • 2003000272116
    • r
    • Cena
    • 10.0
    • w
    • Data inwentaryzacji
    • 1998-05-26
    • y
    • Status udostępniania
    • Tylko na miejscu
    • z
    • Sposób nabycia
    • wymiana zwarte
952 -Egzemplarz [ , ]
    • n
    • Powiązanie z serią
    • 188
    • c
    • Sygnatura
    • Pdc.2
    • r
    • Cena
    • 10.0
    • e
    • Akcesja
    • 97w119/5
    • f
    • Status książki wypożyczonej
    • Pdc
    • i
    • Nr tomu wydaw.cg
    • Nr 240
    • a
    • Numer inwentarzowy
    • Pdc.2323
    • w
    • Data inwentaryzacji
    • 1998-05-26
    • y
    • Status udostępniania
    • Tylko na miejscu
    • z
    • Sposób nabycia
    • wymiana zwarte
    • p
    • Kod kreskowy
    • 2004000023234
    • d
    • Lokalizacja
    • BG Dział Udostępniania Biblioteka Główna
    • g
    • Ubytek
    • 5/2018 - 2018-08-02
952 -Egzemplarz [ , ]
    • a
    • Numer inwentarzowy
    • W.194388
    • d
    • Lokalizacja
    • BG Dział Udostępniania Biblioteka Główna
    • e
    • Akcesja
    • 97w119/4
    • i
    • Nr tomu wydaw.cg
    • Nr 239 (1997)
    • n
    • Powiązanie z serią
    • 279
    • p
    • Kod kreskowy
    • 2000101943884
    • r
    • Cena
    • 15.0
    • w
    • Data inwentaryzacji
    • 1998-05-26
    • y
    • Status udostępniania
    • miesięczne
    • z
    • Sposób nabycia
    • wymiana zwarte
952 -Egzemplarz [ , ]
    • a
    • Numer inwentarzowy
    • Cg.27210
    • c
    • Sygnatura
    • Cg.65 (p.202)
    • d
    • Lokalizacja
    • BG Dział Udostępniania Biblioteka Główna
    • e
    • Akcesja
    • 97w119/4
    • i
    • Nr tomu wydaw.cg
    • Nr 239 (1997)
    • n
    • Powiązanie z serią
    • 34
    • p
    • Kod kreskowy
    • 2003000272109
    • r
    • Cena
    • 15.0
    • w
    • Data inwentaryzacji
    • 1998-05-26
    • y
    • Status udostępniania
    • Tylko na miejscu
    • z
    • Sposób nabycia
    • wymiana zwarte
952 -Egzemplarz [ , ]
    • a
    • Numer inwentarzowy
    • W.193916
    • d
    • Lokalizacja
    • BG Dział Udostępniania Biblioteka Główna
    • e
    • Akcesja
    • 97k279/1
    • i
    • Nr tomu wydaw.cg
    • Nr 238 (1996)
    • n
    • Powiązanie z serią
    • 276
    • p
    • Kod kreskowy
    • 2000101939160
    • r
    • Cena
    • 8.0
    • w
    • Data inwentaryzacji
    • 1999-03-10
    • y
    • Status udostępniania
    • miesięczne
    • z
    • Sposób nabycia
    • kupno zwarte
952 -Egzemplarz [ , ]
    • a
    • Numer inwentarzowy
    • W.193917
    • d
    • Lokalizacja
    • BG Dział Udostępniania Biblioteka Główna
    • e
    • Akcesja
    • 97k279/1
    • i
    • Nr tomu wydaw.cg
    • Nr 238 (1996)
    • n
    • Powiązanie z serią
    • 277
    • p
    • Kod kreskowy
    • 2000101939177
    • r
    • Cena
    • 8.0
    • w
    • Data inwentaryzacji
    • 1998-05-18
    • y
    • Status udostępniania
    • miesięczne
    • z
    • Sposób nabycia
    • kupno zwarte
952 -Egzemplarz [ , ]
    • a
    • Numer inwentarzowy
    • W.193918
    • d
    • Lokalizacja
    • BG Dział Udostępniania Biblioteka Główna
    • e
    • Akcesja
    • 97k279/1
    • i
    • Nr tomu wydaw.cg
    • Nr 238 (1996)
    • n
    • Powiązanie z serią
    • 278
    • p
    • Kod kreskowy
    • 2000101939184
    • r
    • Cena
    • 8.0
    • w
    • Data inwentaryzacji
    • 1998-05-18
    • y
    • Status udostępniania
    • miesięczne
    • z
    • Sposób nabycia
    • kupno zwarte
952 -Egzemplarz [ , ]
    • a
    • Numer inwentarzowy
    • Cg.27058
    • c
    • Sygnatura
    • Cg.65 (p.202)
    • d
    • Lokalizacja
    • BG Dział Udostępniania Biblioteka Główna
    • e
    • Akcesja
    • 97k279/1
    • i
    • Nr tomu wydaw.cg
    • Nr 238 (1996)
    • n
    • Powiązanie z serią
    • 33
    • p
    • Kod kreskowy
    • 2003000270587
    • r
    • Cena
    • 8.0
    • w
    • Data inwentaryzacji
    • 1998-05-18
    • y
    • Status udostępniania
    • Tylko na miejscu
    • z
    • Sposób nabycia
    • kupno zwarte
952 -Egzemplarz [ , ]
    • n
    • Powiązanie z serią
    • 186
    • c
    • Sygnatura
    • Pdc.2
    • r
    • Cena
    • 8.0
    • e
    • Akcesja
    • 97k279/1
    • f
    • Status książki wypożyczonej
    • Pdc
    • i
    • Nr tomu wydaw.cg
    • Nr 238
    • a
    • Numer inwentarzowy
    • Pdc.2298
    • w
    • Data inwentaryzacji
    • 1998-05-18
    • y
    • Status udostępniania
    • Niedostępne
    • z
    • Sposób nabycia
    • kupno zwarte
    • p
    • Kod kreskowy
    • 2004000022985
    • d
    • Lokalizacja
    • BG Dział Udostępniania Biblioteka Główna
    • g
    • Ubytek
    • 2/2017 - 2017-03-21
952 -Egzemplarz [ , ]
    • n
    • Powiązanie z serią
    • 187
    • c
    • Sygnatura
    • Pdc.2
    • r
    • Cena
    • 8.0
    • e
    • Akcesja
    • 97k279/1
    • f
    • Status książki wypożyczonej
    • Pdc
    • i
    • Nr tomu wydaw.cg
    • Nr 238
    • a
    • Numer inwentarzowy
    • Pdc.2926
    • w
    • Data inwentaryzacji
    • 2002-03-19
    • y
    • Status udostępniania
    • Tylko na miejscu
    • z
    • Sposób nabycia
    • kupno zwarte
    • p
    • Kod kreskowy
    • 2004000029267
    • d
    • Lokalizacja
    • BG Dział Udostępniania Biblioteka Główna
    • g
    • Ubytek
    • 5/2018 - 2018-08-02
952 -Egzemplarz [ , ]
    • a
    • Numer inwentarzowy
    • Cg.26915
    • c
    • Sygnatura
    • Cg.65 (p.202)
    • d
    • Lokalizacja
    • BG Dział Udostępniania Biblioteka Główna
    • e
    • Akcesja
    • 97w14/5
    • i
    • Nr tomu wydaw.cg
    • Nr 237 (1996)
    • n
    • Powiązanie z serią
    • 32
    • p
    • Kod kreskowy
    • 2003000269154
    • r
    • Cena
    • 6.0
    • w
    • Data inwentaryzacji
    • 1998-04-29
    • y
    • Status udostępniania
    • Tylko na miejscu
    • z
    • Sposób nabycia
    • wymiana zwarte
952 -Egzemplarz [ , ]
    • n
    • Powiązanie z serią
    • 185
    • c
    • Sygnatura
    • Pdc.2
    • r
    • Cena
    • 6.0
    • e
    • Akcesja
    • 97w14/5
    • f
    • Status książki wypożyczonej
    • Pdc
    • i
    • Nr tomu wydaw.cg
    • Nr 237
    • a
    • Numer inwentarzowy
    • Pdc.2290
    • w
    • Data inwentaryzacji
    • 1998-04-29
    • y
    • Status udostępniania
    • Tylko na miejscu
    • z
    • Sposób nabycia
    • wymiana zwarte
    • p
    • Kod kreskowy
    • 2004000022909
    • d
    • Lokalizacja
    • BG Dział Udostępniania Biblioteka Główna
    • g
    • Ubytek
    • 5/2018 - 2018-08-02
952 -Egzemplarz [ , ]
    • a
    • Numer inwentarzowy
    • Cg.26411
    • c
    • Sygnatura
    • Cg.65 (p.202)
    • d
    • Lokalizacja
    • BG Dział Udostępniania Biblioteka Główna
    • e
    • Akcesja
    • 96w270/3
    • i
    • Nr tomu wydaw.cg
    • Nr 235 (1996)
    • n
    • Powiązanie z serią
    • 30
    • p
    • Kod kreskowy
    • 2003000264111
    • r
    • Cena
    • 7.0
    • w
    • Data inwentaryzacji
    • 1999-03-10
    • y
    • Status udostępniania
    • Tylko na miejscu
    • z
    • Sposób nabycia
    • wymiana zwarte
952 -Egzemplarz [ , ]
    • a
    • Numer inwentarzowy
    • Fc.3140
    • c
    • Sygnatura
    • Hc.11
    • d
    • Lokalizacja
    • BNS Biblioteka Humanistyczna i Nauk Społecznych
    • e
    • Akcesja
    • 96w270/3
    • i
    • Nr tomu wydaw.cg
    • Nr 235 (1996)
    • n
    • Powiązanie z serią
    • 108
    • p
    • Kod kreskowy
    • 2003300031406
    • r
    • Cena
    • 7.0
    • w
    • Data inwentaryzacji
    • 1999-03-10
    • y
    • Status udostępniania
    • Tylko na miejscu
    • z
    • Sposób nabycia
    • wymiana zwarte
952 -Egzemplarz [ , ]
    • a
    • Numer inwentarzowy
    • Cg.26410
    • c
    • Sygnatura
    • Cg.65 (p.202)
    • d
    • Lokalizacja
    • BG Dział Udostępniania Biblioteka Główna
    • e
    • Akcesja
    • 96w270/2
    • i
    • Nr tomu wydaw.cg
    • Nr 234 (1996)
    • n
    • Powiązanie z serią
    • 27
    • p
    • Kod kreskowy
    • 2003000264104
    • r
    • Cena
    • 11.0
    • w
    • Data inwentaryzacji
    • 1999-03-10
    • y
    • Status udostępniania
    • Tylko na miejscu
    • z
    • Sposób nabycia
    • wymiana zwarte
952 -Egzemplarz [ , ]
    • n
    • Powiązanie z serią
    • 182
    • c
    • Sygnatura
    • Pdc.2
    • r
    • Cena
    • 11.0
    • e
    • Akcesja
    • 96w270/2
    • f
    • Status książki wypożyczonej
    • Pdc
    • i
    • Nr tomu wydaw.cg
    • Nr 234
    • a
    • Numer inwentarzowy
    • Pdc.2139
    • w
    • Data inwentaryzacji
    • 1999-03-10
    • y
    • Status udostępniania
    • Tylko na miejscu
    • z
    • Sposób nabycia
    • wymiana zwarte
    • p
    • Kod kreskowy
    • 2004000021391
    • d
    • Lokalizacja
    • BG Dział Udostępniania Biblioteka Główna
    • g
    • Ubytek
    • 5/2018 - 2018-08-02
952 -Egzemplarz [ , ]
    • n
    • Powiązanie z serią
    • 184
    • c
    • Sygnatura
    • Pdc.2
    • r
    • Cena
    • 11.0
    • e
    • Akcesja
    • 96w270/2
    • f
    • Status książki wypożyczonej
    • Pdc
    • i
    • Nr tomu wydaw.cg
    • Nr 234
    • a
    • Numer inwentarzowy
    • Pdc.2301
    • w
    • Data inwentaryzacji
    • 1998-05-26
    • y
    • Status udostępniania
    • Niedostępne
    • z
    • Sposób nabycia
    • wymiana zwarte
    • p
    • Kod kreskowy
    • 2004000023012
    • d
    • Lokalizacja
    • BG Dział Udostępniania Biblioteka Główna
    • g
    • Ubytek
    • 2/2017 - 2017-03-21
952 -Egzemplarz [ , ]
    • n
    • Powiązanie z serią
    • 29
    • c
    • Sygnatura
    • Cg.65
    • r
    • Cena
    • 11.0
    • e
    • Akcesja
    • 96w270/2
    • f
    • Status książki wypożyczonej
    • Cg
    • i
    • Nr tomu wydaw.cg
    • Nr 234
    • a
    • Numer inwentarzowy
    • Cg.27097
    • w
    • Data inwentaryzacji
    • 1998-05-26
    • y
    • Status udostępniania
    • Tylko na miejscu
    • z
    • Sposób nabycia
    • wymiana zwarte
    • p
    • Kod kreskowy
    • 2003000270976
    • d
    • Lokalizacja
    • BG Dział Udostępniania Biblioteka Główna
    • g
    • Ubytek
    • 11/2018 - 2018-06-06
952 -Egzemplarz [ , ]
    • a
    • Numer inwentarzowy
    • Cg.26936
    • c
    • Sygnatura
    • Cg.65 (p.202)
    • d
    • Lokalizacja
    • BG Dział Udostępniania Biblioteka Główna
    • e
    • Akcesja
    • 96w270/1
    • i
    • Nr tomu wydaw.cg
    • Nr 233 (1996)
    • n
    • Powiązanie z serią
    • 25
    • p
    • Kod kreskowy
    • 2003000269369
    • r
    • Cena
    • 12.0
    • w
    • Data inwentaryzacji
    • 1998-04-30
    • y
    • Status udostępniania
    • Tylko na miejscu
    • z
    • Sposób nabycia
    • wymiana zwarte
952 -Egzemplarz [ , ]
    • a
    • Numer inwentarzowy
    • Pc.4291
    • c
    • Sygnatura
    • Pc.14/233
    • d
    • Lokalizacja
    • BM Biblioteka Międzywydziałowa
    • e
    • Akcesja
    • 96w270/1
    • i
    • Nr tomu wydaw.cg
    • Nr 233 (1996)
    • n
    • Powiązanie z serią
    • 152
    • p
    • Kod kreskowy
    • 2003900042918
    • r
    • Cena
    • 12.0
    • w
    • Data inwentaryzacji
    • 1998-05-26
    • y
    • Status udostępniania
    • Tylko na miejscu
    • z
    • Sposób nabycia
    • wymiana zwarte
952 -Egzemplarz [ , ]
    • n
    • Powiązanie z serią
    • 26
    • c
    • Sygnatura
    • Cg.65
    • r
    • Cena
    • 12.0
    • e
    • Akcesja
    • 96w270/1
    • f
    • Status książki wypożyczonej
    • Cg
    • i
    • Nr tomu wydaw.cg
    • Nr 233
    • a
    • Numer inwentarzowy
    • Cg.27096
    • w
    • Data inwentaryzacji
    • 1998-05-26
    • y
    • Status udostępniania
    • Tylko na miejscu
    • z
    • Sposób nabycia
    • wymiana zwarte
    • p
    • Kod kreskowy
    • 2003000270969
    • d
    • Lokalizacja
    • BG Dział Udostępniania Biblioteka Główna
    • g
    • Ubytek
    • 11/2018 - 2018-06-06
952 -Egzemplarz [ , ]
    • n
    • Powiązanie z serią
    • 181
    • c
    • Sygnatura
    • Pdc.2
    • r
    • Cena
    • 12.0
    • e
    • Akcesja
    • 96w270/1
    • f
    • Status książki wypożyczonej
    • Pdc
    • i
    • Nr tomu wydaw.cg
    • Nr 233
    • a
    • Numer inwentarzowy
    • Pdc.2300
    • w
    • Data inwentaryzacji
    • 1998-05-26
    • y
    • Status udostępniania
    • Tylko na miejscu
    • z
    • Sposób nabycia
    • wymiana zwarte
    • p
    • Kod kreskowy
    • 2004000023005
    • d
    • Lokalizacja
    • BG Dział Udostępniania Biblioteka Główna
    • g
    • Ubytek
    • 5/2018 - 2018-08-02
952 -Egzemplarz [ , ]
    • n
    • Powiązanie z serią
    • 150
    • c
    • Sygnatura
    • Pc.14/233
    • r
    • Cena
    • 12.0
    • e
    • Akcesja
    • 96w270/1
    • f
    • Status książki wypożyczonej
    • Pc
    • i
    • Nr tomu wydaw.cg
    • Nr 233
    • a
    • Numer inwentarzowy
    • Pc.3922
    • w
    • Data inwentaryzacji
    • 1999-03-10
    • y
    • Status udostępniania
    • Niedostępne
    • z
    • Sposób nabycia
    • wymiana zwarte
    • p
    • Kod kreskowy
    • 2003900039222
    • d
    • Lokalizacja
    • BM Biblioteka Międzywydziałowa
    • g
    • Ubytek
    • 2/2019 - 2019-05-07
952 -Egzemplarz [ , ]
    • a
    • Numer inwentarzowy
    • Cg.26324
    • c
    • Sygnatura
    • Cg.65 (p.202)
    • d
    • Lokalizacja
    • BG Dział Udostępniania Biblioteka Główna
    • e
    • Akcesja
    • 96w167/11
    • i
    • Nr tomu wydaw.cg
    • Nr 232 (1995)
    • n
    • Powiązanie z serią
    • 24
    • p
    • Kod kreskowy
    • 2003000263244
    • r
    • Cena
    • 8.0
    • w
    • Data inwentaryzacji
    • 1999-03-10
    • y
    • Status udostępniania
    • Tylko na miejscu
    • z
    • Sposób nabycia
    • wymiana zwarte
952 -Egzemplarz [ , ]
    • a
    • Numer inwentarzowy
    • Ac.116
    • c
    • Sygnatura
    • Pc.14/232
    • d
    • Lokalizacja
    • BM Biblioteka Międzywydziałowa
    • e
    • Akcesja
    • 96w167/11
    • i
    • Nr tomu wydaw.cg
    • Nr 232 (1995)
    • n
    • Powiązanie z serią
    • 1
    • p
    • Kod kreskowy
    • 2002700001163
    • r
    • Cena
    • 8.0
    • w
    • Data inwentaryzacji
    • 1999-03-10
    • y
    • Status udostępniania
    • Tylko na miejscu
    • z
    • Sposób nabycia
    • wymiana zwarte
952 -Egzemplarz [ , ]
    • a
    • Numer inwentarzowy
    • Cg.26322
    • c
    • Sygnatura
    • Cg.65 (p.202)
    • d
    • Lokalizacja
    • BG Dział Udostępniania Biblioteka Główna
    • e
    • Akcesja
    • 96d189/2
    • i
    • Nr tomu wydaw.cg
    • Nr 231 (1995)
    • n
    • Powiązanie z serią
    • 23
    • p
    • Kod kreskowy
    • 2003000263220
    • r
    • Cena
    • 4.0
    • w
    • Data inwentaryzacji
    • 1999-03-10
    • y
    • Status udostępniania
    • Tylko na miejscu
    • z
    • Sposób nabycia
    • dary zwarte
952 -Egzemplarz [ , ]
    • a
    • Numer inwentarzowy
    • Hc.2202
    • c
    • Sygnatura
    • Hc.11
    • d
    • Lokalizacja
    • BNS Biblioteka Humanistyczna i Nauk Społecznych
    • e
    • Akcesja
    • 96d189/2
    • i
    • Nr tomu wydaw.cg
    • Nr 231 (1995)
    • n
    • Powiązanie z serią
    • 126
    • p
    • Kod kreskowy
    • 2003500022020
    • r
    • Cena
    • 4.0
    • w
    • Data inwentaryzacji
    • 1999-03-10
    • y
    • Status udostępniania
    • Tylko na miejscu
    • z
    • Sposób nabycia
    • dary zwarte
952 -Egzemplarz [ , ]
    • a
    • Numer inwentarzowy
    • Cg.32215
    • c
    • Sygnatura
    • Cg.65 (p.202)
    • d
    • Lokalizacja
    • BG Dział Udostępniania Biblioteka Główna
    • e
    • Akcesja
    • 05w152/8
    • i
    • Nr tomu wydaw.cg
    • Nr 333 (2004)
    • n
    • Powiązanie z serią
    • 90
    • p
    • Kod kreskowy
    • 2003000322156
    • r
    • Cena
    • 22.0
    • w
    • Data inwentaryzacji
    • 2006-06-27
    • y
    • Status udostępniania
    • Tylko na miejscu
    • z
    • Sposób nabycia
    • wymiana zwarte
952 -Egzemplarz [ , ]
    • a
    • Numer inwentarzowy
    • Cg.32216
    • c
    • Sygnatura
    • Cg.65 (p.202)
    • d
    • Lokalizacja
    • BG Dział Udostępniania Biblioteka Główna
    • e
    • Akcesja
    • 05w152/10
    • i
    • Nr tomu wydaw.cg
    • Nr 342 (2004)
    • n
    • Powiązanie z serią
    • 94
    • p
    • Kod kreskowy
    • 2003000322163
    • r
    • Cena
    • 23.0
    • w
    • Data inwentaryzacji
    • 2006-06-27
    • y
    • Status udostępniania
    • Tylko na miejscu
    • z
    • Sposób nabycia
    • wymiana zwarte
952 -Egzemplarz [ , ]
    • a
    • Numer inwentarzowy
    • Hc.2154
    • c
    • Sygnatura
    • Hc.11
    • d
    • Lokalizacja
    • BNS Biblioteka Humanistyczna i Nauk Społecznych
    • e
    • Akcesja
    • 96w33/4
    • i
    • Nr tomu wydaw.cg
    • Nr 228 (1995)
    • n
    • Powiązanie z serią
    • 125
    • p
    • Kod kreskowy
    • 2003500021542
    • r
    • Cena
    • 6.00
    • v
    • Data wprowadzenia opisu
    • 2009-04-28
    • y
    • Status udostępniania
    • Tylko na miejscu
    • z
    • Sposób nabycia
    • wymiana zwarte
952 -Egzemplarz [ , ]
    • a
    • Numer inwentarzowy
    • Hc.2155
    • c
    • Sygnatura
    • Hc.11
    • d
    • Lokalizacja
    • BNS Biblioteka Humanistyczna i Nauk Społecznych
    • e
    • Akcesja
    • 96w33/8
    • i
    • Nr tomu wydaw.cg
    • Nr 225 (1995)
    • n
    • Powiązanie z serią
    • 124
    • p
    • Kod kreskowy
    • 2003500021559
    • r
    • Cena
    • 8.0
    • w
    • Data inwentaryzacji
    • 1999-03-10
    • y
    • Status udostępniania
    • Tylko na miejscu
    • z
    • Sposób nabycia
    • wymiana zwarte
952 -Egzemplarz [ , ]
    • a
    • Numer inwentarzowy
    • Pc.3854
    • c
    • Sygnatura
    • Pc.14/226
    • d
    • Lokalizacja
    • BM Biblioteka Międzywydziałowa
    • e
    • Akcesja
    • 96w33/1
    • i
    • Nr tomu wydaw.cg
    • Nr 226 (1995)
    • n
    • Powiązanie z serią
    • 149
    • p
    • Kod kreskowy
    • 2003900038546
    • r
    • Cena
    • 6.0
    • w
    • Data inwentaryzacji
    • 1999-03-10
    • y
    • Status udostępniania
    • Tylko na miejscu
    • z
    • Sposób nabycia
    • wymiana zwarte
952 -Egzemplarz [ , ]
    • a
    • Numer inwentarzowy
    • Cg.25184
    • c
    • Sygnatura
    • Cg.65 (p.202)
    • d
    • Lokalizacja
    • BG Dział Udostępniania Biblioteka Główna
    • e
    • Akcesja
    • 94w268
    • i
    • Nr tomu wydaw.cg
    • Nr 219 (1994)
    • n
    • Powiązanie z serią
    • 20
    • p
    • Kod kreskowy
    • 2003000251845
    • r
    • Cena
    • 0.0
    • w
    • Data inwentaryzacji
    • 1999-03-10
    • y
    • Status udostępniania
    • Tylko na miejscu
    • z
    • Sposób nabycia
    • wymiana zwarte
952 -Egzemplarz [ , ]
    • a
    • Numer inwentarzowy
    • Fc.2856
    • c
    • Sygnatura
    • Hc.11
    • d
    • Lokalizacja
    • BNS Biblioteka Humanistyczna i Nauk Społecznych
    • e
    • Akcesja
    • 95w94/7
    • i
    • Nr tomu wydaw.cg
    • Nr 220 (1995)
    • n
    • Powiązanie z serią
    • 107
    • p
    • Kod kreskowy
    • 2003300028567
    • r
    • Cena
    • 0.0
    • w
    • Data inwentaryzacji
    • 1999-03-10
    • y
    • Status udostępniania
    • Tylko na miejscu
    • z
    • Sposób nabycia
    • wymiana zwarte
952 -Egzemplarz [ , ]
    • a
    • Numer inwentarzowy
    • Blc.3260
    • c
    • Sygnatura
    • Blc.2053
    • d
    • Lokalizacja
    • BG Dział Udostępniania Biblioteka Główna
    • i
    • Nr tomu wydaw.cg
    • Nr 216 (1994)
    • p
    • Kod kreskowy
    • 2002800032609
    • r
    • Cena
    • 4.00
    • v
    • Data wprowadzenia opisu
    • 2016-12-12
    • y
    • Status udostępniania
    • Tylko na miejscu
952 -Egzemplarz [ , ]
    • a
    • Numer inwentarzowy
    • Pdc.1868
    • c
    • Sygnatura
    • Cg.65 (p.202)
    • d
    • Lokalizacja
    • BG Dział Udostępniania Biblioteka Główna
    • e
    • Akcesja
    • 95w94/1
    • i
    • Nr tomu wydaw.cg
    • Nr 218 (1994)
    • n
    • Powiązanie z serią
    • 178
    • p
    • Kod kreskowy
    • 2004000018681
    • r
    • Cena
    • 0.0
    • w
    • Data inwentaryzacji
    • 1999-03-10
    • y
    • Status udostępniania
    • Tylko na miejscu
    • z
    • Sposób nabycia
    • wymiana zwarte
952 -Egzemplarz [ , ]
    • a
    • Numer inwentarzowy
    • Pdc.1803
    • c
    • Sygnatura
    • Cg.65 (p.202)
    • d
    • Lokalizacja
    • BG Dział Udostępniania Biblioteka Główna
    • e
    • Akcesja
    • 94w269
    • i
    • Nr tomu wydaw.cg
    • Nr 217 (1994)
    • n
    • Powiązanie z serią
    • 176
    • p
    • Kod kreskowy
    • 2004000018032
    • r
    • Cena
    • 0.0
    • w
    • Data inwentaryzacji
    • 1999-03-10
    • y
    • Status udostępniania
    • Tylko na miejscu
    • z
    • Sposób nabycia
    • wymiana zwarte
952 -Egzemplarz [ , ]
    • a
    • Numer inwentarzowy
    • W.186412
    • d
    • Lokalizacja
    • BG Dział Udostępniania Biblioteka Główna
    • e
    • Akcesja
    • 95w184/5
    • i
    • Nr tomu wydaw.cg
    • Nr 224 (1995)
    • n
    • Powiązanie z serią
    • 275
    • p
    • Kod kreskowy
    • 2000101864127
    • r
    • Cena
    • 10.0
    • w
    • Data inwentaryzacji
    • 1999-03-10
    • y
    • Status udostępniania
    • miesięczne
    • z
    • Sposób nabycia
    • wymiana zwarte
952 -Egzemplarz [ , ]
    • a
    • Numer inwentarzowy
    • Cg.25767
    • c
    • Sygnatura
    • Cg.65 (p.202)
    • d
    • Lokalizacja
    • BG Dział Udostępniania Biblioteka Główna
    • e
    • Akcesja
    • 95w184/5
    • i
    • Nr tomu wydaw.cg
    • Nr 224 (1995)
    • n
    • Powiązanie z serią
    • 22
    • p
    • Kod kreskowy
    • 2003000257670
    • r
    • Cena
    • 10.0
    • w
    • Data inwentaryzacji
    • 1999-03-10
    • y
    • Status udostępniania
    • Tylko na miejscu
    • z
    • Sposób nabycia
    • wymiana zwarte
952 -Egzemplarz [ , ]
    • a
    • Numer inwentarzowy
    • Pdc.1938
    • c
    • Sygnatura
    • Pdc.2
    • e
    • Akcesja
    • 95w184/5
    • n
    • Powiązanie z serią
    • 180
    • p
    • Kod kreskowy
    • 2004000019381
    • r
    • Cena
    • 10.0
    • v
    • Data wprowadzenia opisu
    • 2018-03-13
    • w
    • Data inwentaryzacji
    • 1999-03-10
    • y
    • Status udostępniania
    • Niedostępne
    • z
    • Sposób nabycia
    • wymiana zwarte
    • g
    • Ubytek
    • 5/2018 - 2018-08-02
952 -Egzemplarz [ , ]
    • a
    • Numer inwentarzowy
    • Cg.25766
    • c
    • Sygnatura
    • Cg.65 (p.202)
    • d
    • Lokalizacja
    • BG Dział Udostępniania Biblioteka Główna
    • e
    • Akcesja
    • 95w184/3
    • i
    • Nr tomu wydaw.cg
    • Nr 223 (1995)
    • n
    • Powiązanie z serią
    • 21
    • p
    • Kod kreskowy
    • 2003000257663
    • r
    • Cena
    • 8.0
    • w
    • Data inwentaryzacji
    • 1999-03-10
    • y
    • Status udostępniania
    • Tylko na miejscu
    • z
    • Sposób nabycia
    • wymiana zwarte
952 -Egzemplarz [ , ]
    • a
    • Numer inwentarzowy
    • W.186411
    • d
    • Lokalizacja
    • BG Dział Udostępniania Biblioteka Główna
    • e
    • Akcesja
    • 95w184/3
    • i
    • Nr tomu wydaw.cg
    • Nr 223 (1995)
    • n
    • Powiązanie z serią
    • 274
    • p
    • Kod kreskowy
    • 2000101864110
    • r
    • Cena
    • 8.0
    • w
    • Data inwentaryzacji
    • 1999-03-10
    • y
    • Status udostępniania
    • miesięczne
    • z
    • Sposób nabycia
    • wymiana zwarte
952 -Egzemplarz [ , ]
    • n
    • Powiązanie z serią
    • 179
    • c
    • Sygnatura
    • Pdc.2
    • r
    • Cena
    • 8.0
    • e
    • Akcesja
    • 95w184/3
    • f
    • Status książki wypożyczonej
    • Pdc
    • i
    • Nr tomu wydaw.cg
    • Nr 223
    • a
    • Numer inwentarzowy
    • Pdc.1937
    • w
    • Data inwentaryzacji
    • 1999-03-10
    • y
    • Status udostępniania
    • Tylko na miejscu
    • z
    • Sposób nabycia
    • wymiana zwarte
    • p
    • Kod kreskowy
    • 2004000019374
    • d
    • Lokalizacja
    • BG Dział Udostępniania Biblioteka Główna
    • g
    • Ubytek
    • 5/2018 - 2018-08-02
952 -Egzemplarz [ , ]
    • a
    • Numer inwentarzowy
    • Nc.8499
    • c
    • Sygnatura
    • Nc.1880
    • d
    • Lokalizacja
    • BG Dział Udostępniania Biblioteka Główna
    • e
    • Akcesja
    • 95w183/5
    • i
    • Nr tomu wydaw.cg
    • Nr 227 (1995)
    • n
    • Powiązanie z serią
    • 136
    • p
    • Kod kreskowy
    • 2004400084996
    • r
    • Cena
    • 5.0
    • w
    • Data inwentaryzacji
    • 1999-03-10
    • y
    • Status udostępniania
    • Tylko na miejscu
    • z
    • Sposób nabycia
    • wymiana zwarte
952 -Egzemplarz [ , ]
    • a
    • Numer inwentarzowy
    • W.197994
    • d
    • Lokalizacja
    • BG Dział Udostępniania Biblioteka Główna
    • e
    • Akcesja
    • 99w42/4
    • i
    • Nr tomu wydaw.cg
    • Nr 256 (1998)
    • n
    • Powiązanie z serią
    • 307
    • p
    • Kod kreskowy
    • 2000101979944
    • r
    • Cena
    • 14.0
    • w
    • Data inwentaryzacji
    • 1999-03-10
    • y
    • Status udostępniania
    • miesięczne
    • z
    • Sposób nabycia
    • wymiana zwarte
952 -Egzemplarz [ , ]
    • a
    • Numer inwentarzowy
    • Cg.28071
    • c
    • Sygnatura
    • Cg.65 (p.202)
    • d
    • Lokalizacja
    • BG Dział Udostępniania Biblioteka Główna
    • e
    • Akcesja
    • 99w42/4
    • i
    • Nr tomu wydaw.cg
    • Nr 256 (1998)
    • n
    • Powiązanie z serią
    • 105
    • p
    • Kod kreskowy
    • 2003000280715
    • r
    • Cena
    • 14.0
    • w
    • Data inwentaryzacji
    • 1999-03-10
    • y
    • Status udostępniania
    • Tylko na miejscu
    • z
    • Sposób nabycia
    • wymiana zwarte
952 -Egzemplarz [ , ]
    • a
    • Numer inwentarzowy
    • Fc.3601
    • c
    • Sygnatura
    • Hc.11
    • d
    • Lokalizacja
    • BNS Biblioteka Humanistyczna i Nauk Społecznych
    • e
    • Akcesja
    • 99w42/4
    • i
    • Nr tomu wydaw.cg
    • Nr 256 (1998)
    • n
    • Powiązanie z serią
    • 120
    • p
    • Kod kreskowy
    • 2003300036012
    • r
    • Cena
    • 14.0
    • w
    • Data inwentaryzacji
    • 1999-03-10
    • y
    • Status udostępniania
    • Tylko na miejscu
    • z
    • Sposób nabycia
    • wymiana zwarte
952 -Egzemplarz [ , ]
    • n
    • Powiązanie z serią
    • 308
    • c
    • Sygnatura
    • W.16418
    • r
    • Cena
    • 14.0
    • e
    • Akcesja
    • 99w42/4
    • f
    • Status książki wypożyczonej
    • W
    • i
    • Nr tomu wydaw.cg
    • Nr 256[a]
    • a
    • Numer inwentarzowy
    • W.201092
    • w
    • Data inwentaryzacji
    • 2003-07-25
    • y
    • Status udostępniania
    • Niedostępne
    • z
    • Sposób nabycia
    • wymiana zwarte
    • p
    • Kod kreskowy
    • 2000102010929
    • d
    • Lokalizacja
    • BG Dział Udostępniania Biblioteka Główna
    • g
    • Ubytek
    • 362/2011 - 2011-03-08
952 -Egzemplarz [ , ]
    • a
    • Numer inwentarzowy
    • W.197995
    • d
    • Lokalizacja
    • BG Dział Udostępniania Biblioteka Główna
    • e
    • Akcesja
    • 99w42/5
    • i
    • Nr tomu wydaw.cg
    • Nr 246 (1997)
    • n
    • Powiązanie z serią
    • 280
    • p
    • Kod kreskowy
    • 2000101979951
    • r
    • Cena
    • 12.0
    • w
    • Data inwentaryzacji
    • 1999-03-10
    • y
    • Status udostępniania
    • miesięczne
    • z
    • Sposób nabycia
    • wymiana zwarte
952 -Egzemplarz [ , ]
    • a
    • Numer inwentarzowy
    • Cg.28072
    • c
    • Sygnatura
    • Cg.65 (p.202)
    • d
    • Lokalizacja
    • BG Dział Udostępniania Biblioteka Główna
    • e
    • Akcesja
    • 99w42/5
    • i
    • Nr tomu wydaw.cg
    • Nr 246 (1997)
    • n
    • Powiązanie z serią
    • 38
    • p
    • Kod kreskowy
    • 2003000280722
    • r
    • Cena
    • 12.0
    • w
    • Data inwentaryzacji
    • 1999-03-10
    • y
    • Status udostępniania
    • Tylko na miejscu
    • z
    • Sposób nabycia
    • wymiana zwarte
952 -Egzemplarz [ , ]
    • n
    • Powiązanie z serią
    • 190
    • c
    • Sygnatura
    • Pdc.2
    • r
    • Cena
    • 12.0
    • e
    • Akcesja
    • 99w42/5
    • f
    • Status książki wypożyczonej
    • Pdc
    • i
    • Nr tomu wydaw.cg
    • Nr 246
    • a
    • Numer inwentarzowy
    • Pdc.2435
    • w
    • Data inwentaryzacji
    • 1999-03-10
    • y
    • Status udostępniania
    • Tylko na miejscu
    • z
    • Sposób nabycia
    • wymiana zwarte
    • p
    • Kod kreskowy
    • 2004000024354
    • d
    • Lokalizacja
    • BG Dział Udostępniania Biblioteka Główna
    • g
    • Ubytek
    • 5/2018 - 2018-08-02
952 -Egzemplarz [ , ]
    • a
    • Numer inwentarzowy
    • Cg.30621
    • c
    • Sygnatura
    • Cg.65 (p.202)
    • d
    • Lokalizacja
    • BG Dział Udostępniania Biblioteka Główna
    • e
    • Akcesja
    • 03w235/6
    • i
    • Nr tomu wydaw.cg
    • Nr 320 (2002)
    • n
    • Powiązanie z serią
    • 81
    • p
    • Kod kreskowy
    • 2003000306217
    • r
    • Cena
    • 23.0
    • w
    • Data inwentaryzacji
    • 2004-02-03
    • y
    • Status udostępniania
    • Tylko na miejscu
    • z
    • Sposób nabycia
    • wymiana zwarte
952 -Egzemplarz [ , ]
    • a
    • Numer inwentarzowy
    • W.207245
    • d
    • Lokalizacja
    • BG Dział Udostępniania Biblioteka Główna
    • e
    • Akcesja
    • 03w235/6
    • i
    • Nr tomu wydaw.cg
    • Nr 320 (2002)
    • n
    • Powiązanie z serią
    • 306
    • p
    • Kod kreskowy
    • 2000102072453
    • r
    • Cena
    • 23.0
    • w
    • Data inwentaryzacji
    • 2005-09-05
    • y
    • Status udostępniania
    • miesięczne
    • z
    • Sposób nabycia
    • wymiana zwarte
952 -Egzemplarz [ , ]
    • a
    • Numer inwentarzowy
    • Pc.5692
    • c
    • Sygnatura
    • Pc.14/320
    • d
    • Lokalizacja
    • BM Biblioteka Międzywydziałowa
    • e
    • Akcesja
    • 03w235/6
    • i
    • Nr tomu wydaw.cg
    • Nr 320 (2002)
    • n
    • Powiązanie z serią
    • 169
    • p
    • Kod kreskowy
    • 2003900056922
    • r
    • Cena
    • 23.0
    • v
    • Data wprowadzenia opisu
    • 2020-04-02
    • w
    • Data inwentaryzacji
    • 2005-09-05
    • y
    • Status udostępniania
    • Tylko na miejscu
    • z
    • Sposób nabycia
    • wymiana zwarte
952 -Egzemplarz [ , ]
    • a
    • Numer inwentarzowy
    • P.20326
    • d
    • Lokalizacja
    • BM Biblioteka Międzywydziałowa
    • e
    • Akcesja
    • 06d574/9
    • i
    • Nr tomu wydaw.cg
    • Nr 320 (2002)
    • p
    • Kod kreskowy
    • 2001500203265
    • r
    • Cena
    • 23.00
    • v
    • Data wprowadzenia opisu
    • 2006-11-06
    • w
    • Data inwentaryzacji
    • 2006-11-24
    • y
    • Status udostępniania
    • miesięczne
    • z
    • Sposób nabycia
    • dary zwarte
952 -Egzemplarz [ , ]
    • a
    • Numer inwentarzowy
    • SAc.3587
    • c
    • Sygnatura
    • SAc.164
    • d
    • Lokalizacja
    • BSA Biblioteka Wydziału Prawa i Administracji im. prof. Stanisława Czepity
    • e
    • Akcesja
    • 96d189/2
    • i
    • Nr tomu wydaw.cg
    • Nr 231 (1995)
    • p
    • Kod kreskowy
    • 2004800035871
    • r
    • Cena
    • 4.00
    • y
    • Status udostępniania
    • Tylko na miejscu
    • z
    • Sposób nabycia
952 -Egzemplarz [ , ]
    • a
    • Numer inwentarzowy
    • SAc.4154
    • c
    • Sygnatura
    • SAc.164
    • d
    • Lokalizacja
    • BSA Biblioteka Wydziału Prawa i Administracji im. prof. Stanisława Czepity
    • e
    • Akcesja
    • 99w42/6
    • i
    • Nr tomu wydaw.cg
    • Nr 249 (1997)
    • p
    • Kod kreskowy
    • 2004800041544
    • r
    • Cena
    • 11.00
    • y
    • Status udostępniania
    • Tylko na miejscu
    • z
    • Sposób nabycia
952 -Egzemplarz [ , ]
    • a
    • Numer inwentarzowy
    • SAc.5435
    • c
    • Sygnatura
    • SAc.164
    • d
    • Lokalizacja
    • BSA Biblioteka Wydziału Prawa i Administracji im. prof. Stanisława Czepity
    • e
    • Akcesja
    • 99k589/3
    • i
    • Nr tomu wydaw.cg
    • Nr 274 (1999)
    • p
    • Kod kreskowy
    • 2004800054353
    • r
    • Cena
    • 44.10
    • y
    • Status udostępniania
    • Tylko na miejscu
    • z
    • Sposób nabycia
952 -Egzemplarz [ , ]
    • a
    • Numer inwentarzowy
    • E.73706
    • b
    • Symbol oddziału pierwotnego
    • Opracowanie Zbiorów
    • c
    • Sygnatura
    • E.73706
    • d
    • Lokalizacja
    • BE Biblioteka Ekonomiczna
    • e
    • Akcesja
    • 11d638a/2
    • p
    • Kod kreskowy
    • 2001000737062
    • r
    • Cena
    • 15.00
    • v
    • Data wprowadzenia opisu
    • 2011-11-10
    • w
    • Data inwentaryzacji
    • 2012-03-14
    • y
    • Status udostępniania
    • krótkoterminowe
    • z
    • Sposób nabycia
    • dary zwarte
952 -Egzemplarz [ , ]
    • a
    • Numer inwentarzowy
    • SAc.4153
    • c
    • Sygnatura
    • SAc.164
    • d
    • Lokalizacja
    • BSA Biblioteka Wydziału Prawa i Administracji im. prof. Stanisława Czepity
    • e
    • Akcesja
    • 99w41/2
    • i
    • Nr tomu wydaw.cg
    • Nr 256 (1998)
    • p
    • Kod kreskowy
    • 2004800041537
    • r
    • Cena
    • 18.00
    • y
    • Status udostępniania
    • Tylko na miejscu
    • z
    • Sposób nabycia
952 -Egzemplarz [ , ]
    • a
    • Numer inwentarzowy
    • SAc.6495
    • c
    • Sygnatura
    • SAc.164
    • d
    • Lokalizacja
    • BSA Biblioteka Wydziału Prawa i Administracji im. prof. Stanisława Czepity
    • e
    • Akcesja
    • 05d361/9
    • i
    • Nr tomu wydaw.cg
    • Nr 316 (2003)
    • p
    • Kod kreskowy
    • 2004800064956
    • r
    • Cena
    • 37.20
    • y
    • Status udostępniania
    • Tylko na miejscu
    • z
    • Sposób nabycia
952 -Egzemplarz [ , ]
    • a
    • Numer inwentarzowy
    • SAc.6275
    • c
    • Sygnatura
    • SAc.164
    • d
    • Lokalizacja
    • BSA Biblioteka Wydziału Prawa i Administracji im. prof. Stanisława Czepity
    • e
    • Akcesja
    • 05d227/13
    • i
    • Nr tomu wydaw.cg
    • Nr 335 (2004)
    • p
    • Kod kreskowy
    • 2004800062754
    • r
    • Cena
    • 25.00
    • y
    • Status udostępniania
    • Tylko na miejscu
    • z
    • Sposób nabycia
952 -Egzemplarz [ , ]
    • a
    • Numer inwentarzowy
    • SAc.6276
    • c
    • Sygnatura
    • SAc.164
    • d
    • Lokalizacja
    • BSA Biblioteka Wydziału Prawa i Administracji im. prof. Stanisława Czepity
    • e
    • Akcesja
    • 05d227/13
    • i
    • Nr tomu wydaw.cg
    • Nr 335 (2004)
    • p
    • Kod kreskowy
    • 2004800062761
    • r
    • Cena
    • 25.00
    • y
    • Status udostępniania
    • Tylko na miejscu
    • z
    • Sposób nabycia
Uwagi dla czytelnika
Procesy restrukturyzacji przemysłu w regionach
Nazwy osobowe dziewiętnastowiecznych mieszkańców Opola
Wobec bycia
Ocena wieku i stanu zdrowotnego drzew pomnikowych na Obszarze Chronionego Krajobrazu Bory Niemodlińskie
Autostrada - środowisko przyrodnicze
Rozwój przestrzenny sieci autostrad na świecie
Ambivalent feminism
Badania rynkowe w sferze marketingu i logistyki
Od Status Quo do planu Kohla
Żywioł i kultura
Polskie nazewnictwo kosmiczne
Postać męska we francuskim dramacie XX wieku
Latyfundium Jana Sobieskiego 1652-1696
Struktura i pragmatyka "Postylli" Samuela Dambrowskiego
Melpomena w śląskiej mazelonce
Plany życiowe młodzieży z lekkim upośledzeniem umysłowym
Spór Duszy z Ciałem i inne wierszowane spory w literaturze staropolskiej na tle tradycji średniowiecznej
Polskie gadanie
Esej filozoficzny Bolesława Micińskiego jako sposób poszukiwania podstaw realności świata
Esej filozoficzny Bolesława Micińskiego jako sposób poszukiwania podstaw realności świata
Kształtowanie się polskiego języka nauk matematyczno-przyrodniczych
"Ten wykwintny, wykształcony Europejczyk"
Obozy na Śląsku Opolskim w systemie powojennych obozów w Polsce (1945-1950)
Obozy na Śląsku Opolskim w systemie powojennych obozów w Polsce (1945-1950)
Niepewność i nieprecyzyjność w sytuacjach decyzyjnych na przykładzie procesów inwestycyjnych
Przemysław Dąbkowski (1877-1950)
Molecular mechanisms of insect chemical communication
Sytuacja szkolna dziecka urodzonego w zamartwicy
Obraz nauczyciela
Z dziejów pamiętników w Polsce
Unifikacja języka mieszkańców wsi okolic Brzegu na Śląsku Opolskim
Walory przyrodniczo-krajobrazowe Obszaru Chronionego Łęg Zdzieszowicki
Walory przyrodniczo-krajobrazowe Otmuchowsko-Nyskiego Obszaru Chronionego Krajobrazu
Pochodne nazw własnych w słowniku i w tekście
Wędrowanie do kresu cierpienia
Wędrowanie do kresu cierpienia
Postawa wychowawcy a postawa klerka
Postawa wychowawcy a postawa klerka
Jakub Zadzik (1582-1642)
Jakub Zadzik (1582-1642)
"Nowy Dziennik" w Nowym Świecie
"Nowy Dziennik" w Nowym Świecie
O dowcipach polskich i angielskich
O dowcipach polskich i angielskich
Walory przyrodniczo-krajobrazowe Obszaru Chronionego Krajobrazu Bory Niemodlińskie
Ways with words
Aspiracje młodzieży uczącej się i ich tło rozwojowe
Instytucjonalne formy pracy resocjalizacyjnej z nieletnimi
Dzieje sztuki recytatorskiej w Polsce
Dzieje sztuki recytatorskiej w Polsce
Obecności etniczne i narodowe na Śląsku Opolskim
Obecności etniczne i narodowe na Śląsku Opolskim
Podstawy wiedzy o podatkach i polskim systemie podatkowym
Podstawy wiedzy o podatkach i polskim systemie podatkowym
Podstawy wiedzy o podatkach i polskim systemie podatkowym
Podstawy wiedzy o podatkach i polskim systemie podatkowym
Podstawy wiedzy o podatkach i polskim systemie podatkowym
Podstawy wiedzy o podatkach i polskim systemie podatkowym
Podstawy wiedzy o podatkach i polskim systemie podatkowym
Podstawy wiedzy o podatkach i polskim systemie podatkowym
Podstawy wiedzy o podatkach i polskim systemie podatkowym
Podstawy wiedzy o podatkach i polskim systemie podatkowym
Podstawy wiedzy o podatkach i polskim systemie podatkowym
Podstawy wiedzy o podatkach i polskim systemie podatkowym
Podstawy wiedzy o podatkach i polskim systemie podatkowym
Podstawy wiedzy o podatkach i polskim systemie podatkowym
Podstawy wiedzy o podatkach i polskim systemie podatkowym
Podstawy wiedzy o podatkach i polskim systemie podatkowym
Podstawy wiedzy o podatkach i polskim systemie podatkowym
Podstawy wiedzy o podatkach i polskim systemie podatkowym
Podstawy wiedzy o podatkach i polskim systemie podatkowym
Podstawy wiedzy o podatkach i polskim systemie podatkowym
Podstawy wiedzy o podatkach i polskim systemie podatkowym
Podstawy wiedzy o podatkach i polskim systemie podatkowym
Podstawy wiedzy o podatkach i polskim systemie podatkowym
Podstawy wiedzy o podatkach i polskim systemie podatkowym
Podstawy wiedzy o podatkach i polskim systemie podatkowym
Podstawy wiedzy o podatkach i polskim systemie podatkowym
Podstawy wiedzy o podatkach i polskim systemie podatkowym
Podstawy wiedzy o podatkach i polskim systemie podatkowym
Współczesna polszczyzna popularnonaukowa
Współczesna polszczyzna popularnonaukowa
Współczesna polszczyzna popularnonaukowa
Współczesna polszczyzna popularnonaukowa
Kanonicy regularni na Śląsku
Kanonicy regularni na Śląsku
Śląsk znany, Śląsk nie znany
Śląsk znany, Śląsk nie znany
Życie rodzinne i małżeńskie studentów Opola
Optymalizacja efektywności pędnika gąsienicowego całkowicie zanurzonego metodą analityczną i eksperymentalną
Optymalizacja efektywności pędnika gąsienicowego całkowicie zanurzonego metodą analityczną i eksperymentalną
Złożone reakcje fosfoenolopirogronianu i substratów hydrolaz
Złożone reakcje fosfoenolopirogronianu i substratów hydrolaz
Złożone reakcje fosfoenolopirogronianu i substratów hydrolaz
Postać kobieca we francuskim dramacie XX wieku
Postać kobieca we francuskim dramacie XX wieku
Podstawy teorii i diagnozy logopedycznej
Podstawy teorii i diagnozy logopedycznej
Nr 262 (1998)
Nr 262 (1998)
Nr 262 (1998)
Nr 262 (1998)
Charakterystyka sozoflorystyczna województwa opolskiego
Oficerowie polscy w niewoli niemieckiej w czasie II wojny światowej
Oficerowie polscy w niewoli niemieckiej w czasie II wojny światowej
Oficerowie polscy w niewoli niemieckiej w czasie II wojny światowej
Oficerowie polscy w niewoli niemieckiej w czasie II wojny światowej
Konfrontacja czy współpraca?
Konfrontacja czy współpraca?
Konfrontacja czy współpraca?
Konfrontacja czy współpraca?
Female relationships in Jane Austen's novels
Female relationships in Jane Austen's novels
Orientacje aksjologiczne młodzieży akademickiej
Litwini w Polsce 1944-1997
Litwini w Polsce 1944-1997
Litwini w Polsce 1944-1997
Litwini w Polsce 1944-1997
Konflikt kulturowy w społeczeństwie algierskim w drugiej połowie XX wieku
Konflikt kulturowy w społeczeństwie algierskim w drugiej połowie XX wieku
Latyfundia Lubomirskich w XVII wieku
Latyfundia Lubomirskich w XVII wieku
Latyfundia Lubomirskich w XVII wieku
Konflikt kulturowy w społeczeństwie algierskim w drugiej połowie XX wieku
Konflikt kulturowy w społeczeństwie algierskim w drugiej połowie XX wieku
Rodzinny kurator sądowy w percepcji nadzorowanych
Rodzinny kurator sądowy w percepcji nadzorowanych
Erzählte Weiblichkeit bei Marie von Ebner-Eschenbach
Erzählte Weiblichkeit bei Marie von Ebner-Eschenbach
Erzählte Weiblichkeit bei Marie von Ebner-Eschenbach
An outline for lectures on the epistemology of semiotics
An outline for lectures on the epistemology of semiotics
An outline for lectures on the epistemology of semiotics
An outline for lectures on the epistemology of semiotics
Ideologiczno-polityczna indoktrynacja nauczycieli w Polsce w latach 1945-1956
Ideologiczno-polityczna indoktrynacja nauczycieli w Polsce w latach 1945-1956
Oswald Balzer (1858-1933)
Oswald Balzer (1858-1933)
Karolina Pawłowa - psychobiografia liryczna
Karolina Pawłowa - psychobiografia liryczna
Karolina Pawłowa - psychobiografia liryczna
Z zagadnień innowatyki pedagogicznej
Stanisław Szczepanowski 1846-1900
Stanisław Szczepanowski 1846-1900
Pieniądze w procesie wychowywania dzieci
Pieniądze w procesie wychowywania dzieci
Pieniądze w procesie wychowywania dzieci
Pieniądze w procesie wychowywania dzieci
Zrozumieć dziecko skrzywdzone
Filozofia G. Berkeleya
Filozofia G. Berkeleya
Struktura zawodowa nauczycielstwa w Polsce do 1939 roku
(Nie)bezpieczne światy masowej wyobraźni
(Nie)bezpieczne światy masowej wyobraźni
Enhancing linguistic input in answer to the problem of incomplete second language acquisition
Enhancing linguistic input in answer to the problem of incomplete second language acquisition
Organizacja władz administracji terytorialnej i sądownictwa w "Polsce na królu pruskim zdobytej"
Organizacja władz administracji terytorialnej i sądownictwa w "Polsce na królu pruskim zdobytej"
A cry over the abyss: the discourse of power in the poetry of Robert Browning and Algernon Charles Swinburne
Nowe tendencje normatywne w standardowych językach chorwackim i serbskim
Polska - Górny Śląsk - Niemcy
Księżniczka i chudopachołek
Fatum i nadzieja
Dzielnica I Związku Polaków w Niemczech (1923-1939)
Wybrane zagadnienia z patologii społecznej
Genom mitochondrialny u Ascomycetes, organizacja i ekspresja
Rodzinne i osobowościowe uwarunkowania sukcesu szkolnego dziecka z rodziny rozwiedzionej
Ideały wychowawcze w polskiej myśli pedagogicznej od XVI w. do końca II Rzeczypospolitej
Człowiek i edukacja wobec przemian globalnych
Człowiek i edukacja wobec przemian globalnych
Dziedzictwo pedagogiczne Klementyny z Tańskich Hoffmanowej
Dziedzictwo pedagogiczne Klementyny z Tańskich Hoffmanowej
Structure, phase transitions and molecular motions in chloroantimonates (III) and bismuthates (III)
Studenci Opola
Studenci Opola
Studenci Opola
Wizje nauczyciela w polskiej myśli pedagogicznej do 1939 roku
Wizje nauczyciela w polskiej myśli pedagogicznej do 1939 roku
Sen w literaturze średniowiecznej i renesansowej
Sen w literaturze średniowiecznej i renesansowej
Sen w literaturze średniowiecznej i renesansowej
Sen w literaturze średniowiecznej i renesansowej
Organizacja władz administracji terytorialnej i sądownictwa w "Polsce na królu pruskim zdobytej" / Jacek Arkadiusz Goclon.
Rodzinny kurator sądowy w percepcji nadzorowanych / Irena Mudrecka
Podstawy wiedzy o podatkach i polskim systemie podatkowym / Stanisław Dolata
Oswald Balzer (1858-1933) / Roman Nowacki.
Przestępstwa przeciwko Rzeczypospolitej Polskiej / Stanisław Hoc. Dodruk
Prewencja kryminalna : studium z profilaktyki kryminologicznej / Tadeusz Cielecki.
Prewencja kryminalna : studium z profilaktyki kryminologicznej / Tadeusz Cielecki.